{"text_format":"3","workbook":"xlsx","n_sheets":9,"sheets":["评估结果汇总表","原材料","房屋建筑物","构筑物及其他辅助设施","井巷工程","机器设备","电子设备","矿业权","长期待摊费用"],"not_rendered":{"external_links":1,"defined_names":24,"comments":6},"read":"whole","date_system":"1900"}

{"sheet":"评估结果汇总表","index":0,"n_rows":20,"n_cols":5,"rows_kept":20,"merged":[[0,0,0,4],[4,0,5,1],[4,2,5,2],[4,3,5,3]]}
["资产评估结果汇总表"]
["评估基准日：2021年9月30日"]
[]
["被评估单位：贵州鑫悦煤炭有限公司"]
["项      目",null,"审计前账面价值","审计调整","清算价值"]
[{"$nulls":4},"B"]
["原材料",1,0,0,{"v":212815.6,"d":"212,815.60"}]
["房屋建筑物",2,{"v":43411.11,"d":"43,411.11"},{"v":-31989.67,"d":"-31,989.67"},{"v":1563543.6,"d":"1,563,543.60"}]
["构筑物及其他辅助设施",3,{"v":2509.68,"d":"2,509.68"},-577.12,{"v":2473270.4,"d":"2,473,270.40"}]
["井巷工程",4,0,0,{"v":14995547.6,"d":"14,995,547.60"}]
["机器设备",5,0,0,{"v":1638413.2,"d":"1,638,413.20"}]
["电子设备",6,0,0,{"v":792360,"d":"792,360.00"}]
["矿业权",7,0,0,{"v":107036320,"d":"107,036,320.00"}]
["长期待摊费用",8,{"v":67310.76,"d":"67,310.76"},{"v":-27491.76,"d":"-27,491.76"},{"v":621876.232,"d":"621,876.23"}]
["资产总计",20,{"v":191465.13,"d":"191,465.13"},{"v":-88441.76,"d":"-88,441.76"},{"$f":"SUM(E7:E14)","v":{"v":129334146.632,"d":"129,334,146.63"}}]
["流动负债",21,0,0,0]
["非流动负债",22,0,0,0]
["负债总计",23,0,0,0]
["净  资  产",24,{"v":191465.13,"d":"191,465.13"},{"v":-88441.76,"d":"-88,441.76"},{"v":42365.81,"d":"42,365.81"}]
["评估机构：北京中天华资产评估有限责任公司"]

{"sheet":"原材料","index":1,"n_rows":393,"n_cols":19,"rows_kept":393,"merged":[[1,0,1,18],[2,0,2,18],[5,0,6,0],[5,1,6,1],[5,2,6,2],[5,7,5,9],[5,10,5,12],[5,13,5,15],[5,17,6,17],[5,18,6,18],[390,0,390,3],[391,17,391,18]]}
["返回","返回索引","被评估单位填表人：:黄照雄         填表日期：2021年11月6日             评估人员：何廷培、吴贤青      "]
["存货-原材料评估明细表"]
["评估基准日：2021年9月30日"]
[{"$nulls":18},"表3-9-2"]
["被评估单位：贵州鑫悦煤炭有限公司",{"$nulls":17},"金额单位：人民币元"]
["序号","名称","规格型号","计量","库龄","品质","存放","审计前账面价值",null,null,"审计调整",null,null,"账面价值",null,null,"实际","清算价值","备注"]
[{"$nulls":3},"单位","(月)","状况","地点","数量","单价","金额","数量","单价","金额","数量","单价","金额","数量"]
[1,"交流接触器","CJ20-160","个",0,0,0,{"v":2,"d":"2.00"},{"v":520,"d":"520.00"},{"v":1040,"d":"1,040.00"},0,0,0,{"v":2,"d":"2.00"},{"v":520,"d":"520.00"},{"v":1040,"d":"1,040.00"},{"v":2,"d":"2.00"},{"v":288,"d":"288.00"},0]
[2,"交流接触器","CJ20-100","个",0,0,0,{"v":7,"d":"7.00"},{"v":120,"d":"120.00"},{"v":840,"d":"840.00"},0,0,0,{"v":7,"d":"7.00"},{"v":120,"d":"120.00"},{"v":840,"d":"840.00"},{"v":7,"d":"7.00"},{"v":235.2,"d":"235.20"},0]
[3,"交流接触器","CJT1-20","个",0,0,0,{"v":5,"d":"5.00"},{"v":1120,"d":"1,120.00"},{"v":3360,"d":"3,360.00"},0,0,0,{"v":5,"d":"5.00"},{"v":1120,"d":"1,120.00"},{"v":3360,"d":"3,360.00"},{"v":5,"d":"5.00"},{"v":1560,"d":"1,560.00"},0]
[4,"交流接触器","CJ20-40","个",0,0,0,{"v":2,"d":"2.00"},{"v":110,"d":"110.00"},{"v":220,"d":"220.00"},0,0,0,{"v":2,"d":"2.00"},{"v":110,"d":"110.00"},{"v":220,"d":"220.00"},{"v":2,"d":"2.00"},{"v":61.6,"d":"61.60"},0]
[5,"塑料外壳断路器","400A","台",0,0,0,{"v":2,"d":"2.00"},{"v":700,"d":"700.00"},{"v":1400,"d":"1,400.00"},0,0,0,{"v":2,"d":"2.00"},{"v":700,"d":"700.00"},{"v":1400,"d":"1,400.00"},{"v":2,"d":"2.00"},{"v":480,"d":"480.00"},0]
[6,"塑料外壳断路器","630A","台",0,0,0,{"v":1,"d":"1.00"},{"v":780,"d":"780.00"},{"v":780,"d":"780.00"},0,0,0,{"v":1,"d":"1.00"},{"v":780,"d":"780.00"},{"v":780,"d":"780.00"},{"v":1,"d":"1.00"},{"v":240,"d":"240.00"},0]
[7,"真空交流接触器","125A","台",0,0,0,{"v":19,"d":"19.00"},{"v":350,"d":"350.00"},{"v":6650,"d":"6,650.00"},0,0,0,{"v":19,"d":"19.00"},{"v":350,"d":"350.00"},{"v":6650,"d":"6,650.00"},{"v":19,"d":"19.00"},{"v":1862,"d":"1,862.00"},0]
[8,"交流接触器","NC2-185   220V","台",0,0,0,{"v":3,"d":"3.00"},{"v":1120,"d":"1,120.00"},{"v":3360,"d":"3,360.00"},0,0,0,{"v":3,"d":"3.00"},{"v":1120,"d":"1,120.00"},{"v":3360,"d":"3,360.00"},{"v":3,"d":"3.00"},{"v":936,"d":"936.00"},0]
[9,"微电脑时控开关",0,"个",0,0,0,{"v":4,"d":"4.00"},{"v":75,"d":"75.00"},{"v":300,"d":"300.00"},0,0,0,{"v":4,"d":"4.00"},{"v":75,"d":"75.00"},{"v":300,"d":"300.00"},{"v":4,"d":"4.00"},{"v":48,"d":"48.00"},0]
[10,"隔离换向开关","200A","台",0,0,0,{"v":4,"d":"4.00"},301.72,{"v":1206.88,"d":"1,206.88"},0,0,0,{"v":4,"d":"4.00"},301.72,{"v":1206.88,"d":"1,206.88"},{"v":4,"d":"4.00"},{"v":192,"d":"192.00"},0]
[11,"蒸水器",0,"台",0,0,0,{"v":1,"d":"1.00"},{"v":2680,"d":"2,680.00"},{"v":2680,"d":"2,680.00"},0,0,0,{"v":1,"d":"1.00"},{"v":2680,"d":"2,680.00"},{"v":2680,"d":"2,680.00"},{"v":1,"d":"1.00"},{"v":800,"d":"800.00"},0]
[12,"刹车总成",0,"付",0,0,0,{"v":4,"d":"4.00"},{"v":1396.55,"d":"1,396.55"},{"v":5586.2,"d":"5,586.20"},0,0,0,{"v":4,"d":"4.00"},{"v":1396.55,"d":"1,396.55"},{"v":5586.2,"d":"5,586.20"},{"v":4,"d":"4.00"},{"v":1600,"d":"1,600.00"},0]
[13,"刹车带",0,"米",0,0,0,{"v":4,"d":"4.00"},{"v":60,"d":"60.00"},{"v":240,"d":"240.00"},0,0,0,{"v":4,"d":"4.00"},{"v":60,"d":"60.00"},{"v":240,"d":"240.00"},{"v":4,"d":"4.00"},{"v":80,"d":"80.00"},0]
[14,"航空插头","四芯","根",0,0,0,{"v":33,"d":"33.00"},{"v":70,"d":"70.00"},{"v":2310,"d":"2,310.00"},0,0,0,{"v":33,"d":"33.00"},{"v":70,"d":"70.00"},{"v":2310,"d":"2,310.00"},{"v":33,"d":"33.00"},{"v":1320,"d":"1,320.00"},0]
[15,"U型压差计",0,"支",0,0,0,{"v":8,"d":"8.00"},{"v":76,"d":"76.00"},{"v":608,"d":"608.00"},0,0,0,{"v":8,"d":"8.00"},{"v":76,"d":"76.00"},{"v":608,"d":"608.00"},{"v":8,"d":"8.00"},{"v":320,"d":"320.00"},0]
[16,"匡式水平仪","SK200-0.02","台",0,0,0,{"v":1,"d":"1.00"},{"v":480,"d":"480.00"},{"v":480,"d":"480.00"},0,0,0,{"v":1,"d":"1.00"},{"v":480,"d":"480.00"},{"v":480,"d":"480.00"},{"v":1,"d":"1.00"},{"v":160,"d":"160.00"},0]
[17,"顶板离层仪",0,"个",0,0,0,{"v":9,"d":"9.00"},{"v":70,"d":"70.00"},{"v":630,"d":"630.00"},0,0,0,{"v":9,"d":"9.00"},{"v":70,"d":"70.00"},{"v":630,"d":"630.00"},{"v":9,"d":"9.00"},{"v":360,"d":"360.00"},0]
[18,"机车灯","DGY127","只",0,0,0,{"v":4,"d":"4.00"},{"v":730,"d":"730.00"},{"v":2920,"d":"2,920.00"},0,0,0,{"v":4,"d":"4.00"},{"v":730,"d":"730.00"},{"v":2920,"d":"2,920.00"},{"v":4,"d":"4.00"},{"v":960,"d":"960.00"},0]
[19,"防爆软启动控制器","BHQ-S-C","个",0,0,0,{"v":1,"d":"1.00"},{"v":90,"d":"90.00"},{"v":90,"d":"90.00"},0,0,0,{"v":1,"d":"1.00"},{"v":90,"d":"90.00"},{"v":90,"d":"90.00"},{"v":1,"d":"1.00"},{"v":40,"d":"40.00"},0]
[20,"馈电智能综合保护器","DD-KB","个",0,0,0,{"v":2,"d":"2.00"},{"v":345,"d":"345.00"},{"v":690,"d":"690.00"},0,0,0,{"v":2,"d":"2.00"},{"v":345,"d":"345.00"},{"v":690,"d":"690.00"},{"v":2,"d":"2.00"},{"v":240,"d":"240.00"},0]
[21,"本安型控制继电器","JHK-127V","个",0,0,0,{"v":7,"d":"7.00"},{"v":80,"d":"80.00"},{"v":560,"d":"560.00"},0,0,0,{"v":7,"d":"7.00"},{"v":80,"d":"80.00"},{"v":560,"d":"560.00"},{"v":7,"d":"7.00"},{"v":280,"d":"280.00"},0]
[22,"热过载继电器","JR36-63","个 ",0,0,0,{"v":4,"d":"4.00"},{"v":32,"d":"32.00"},{"v":128,"d":"128.00"},0,0,0,{"v":4,"d":"4.00"},{"v":32,"d":"32.00"},{"v":128,"d":"128.00"},{"v":4,"d":"4.00"},{"v":48,"d":"48.00"},0]
[23,"空压机胶垫",0,"个",0,0,0,{"v":3,"d":"3.00"},68.97,206.91,0,0,0,{"v":3,"d":"3.00"},68.97,206.91,{"v":3,"d":"3.00"},{"v":120,"d":"120.00"},0]
[24,"中间继电器","JZ7-44    220V","个",0,0,0,{"v":7,"d":"7.00"},{"v":42,"d":"42.00"},{"v":294,"d":"294.00"},0,0,0,{"v":7,"d":"7.00"},{"v":42,"d":"42.00"},{"v":294,"d":"294.00"},{"v":7,"d":"7.00"},{"v":84,"d":"84.00"},0]
[25,"中间继电器","JZ44-36V","个",0,0,0,{"v":6,"d":"6.00"},56.03,336.18,0,0,0,{"v":6,"d":"6.00"},56.03,336.18,{"v":6,"d":"6.00"},{"v":120,"d":"120.00"},0]
[26,"热过载继电器","JZ36-20","个",0,0,0,{"v":16,"d":"16.00"},{"v":32,"d":"32.00"},{"v":512,"d":"512.00"},0,0,0,{"v":16,"d":"16.00"},{"v":32,"d":"32.00"},{"v":512,"d":"512.00"},{"v":16,"d":"16.00"},{"v":192,"d":"192.00"},0]
[27,"接触式继电器","JZC1-44   380V","个",0,0,0,{"v":7,"d":"7.00"},{"v":42,"d":"42.00"},{"v":294,"d":"294.00"},0,0,0,{"v":7,"d":"7.00"},{"v":42,"d":"42.00"},{"v":294,"d":"294.00"},{"v":7,"d":"7.00"},{"v":84,"d":"84.00"},0]
[28,"电磁式继电器","JQX-10F32   220V","个",0,0,0,{"v":10,"d":"10.00"},{"v":10,"d":"10.00"},{"v":100,"d":"100.00"},0,0,0,{"v":10,"d":"10.00"},{"v":10,"d":"10.00"},{"v":100,"d":"100.00"},{"v":10,"d":"10.00"},{"v":40,"d":"40.00"},0]
[29,"继电器","220-240VAC","个",0,0,0,{"v":9,"d":"9.00"},{"v":10,"d":"10.00"},{"v":90,"d":"90.00"},0,0,0,{"v":9,"d":"9.00"},{"v":10,"d":"10.00"},{"v":90,"d":"90.00"},{"v":9,"d":"9.00"},{"v":36,"d":"36.00"},0]
[30,"防爆按钮","LX1-0.2K","个",0,0,0,{"v":35,"d":"35.00"},{"v":5.3,"d":"5.30"},{"v":185.5,"d":"185.50"},0,0,0,{"v":35,"d":"35.00"},{"v":5.3,"d":"5.30"},{"v":185.5,"d":"185.50"},{"v":35,"d":"35.00"},{"v":70,"d":"70.00"},0]
[31,"控制变压器","150A","个",0,0,0,{"v":3,"d":"3.00"},{"v":135,"d":"135.00"},{"v":405,"d":"405.00"},0,0,0,{"v":3,"d":"3.00"},{"v":135,"d":"135.00"},{"v":405,"d":"405.00"},{"v":3,"d":"3.00"},{"v":120,"d":"120.00"},0]
[32,"控制变压器","QC83-200VA","个",0,0,0,{"v":9,"d":"9.00"},{"v":135,"d":"135.00"},{"v":1215,"d":"1,215.00"},0,0,0,{"v":9,"d":"9.00"},{"v":135,"d":"135.00"},{"v":1215,"d":"1,215.00"},{"v":9,"d":"9.00"},{"v":360,"d":"360.00"},0]
[33,"行程开关",0,"个",0,0,0,{"v":9,"d":"9.00"},{"v":365,"d":"365.00"},{"v":3285,"d":"3,285.00"},0,0,0,{"v":9,"d":"9.00"},{"v":365,"d":"365.00"},{"v":3285,"d":"3,285.00"},{"v":9,"d":"9.00"},{"v":540,"d":"540.00"},0]
[34,"五孔插座",0,"个",0,0,0,{"v":2,"d":"2.00"},8.62,17.24,0,0,0,{"v":2,"d":"2.00"},8.62,17.24,{"v":2,"d":"2.00"},{"v":7.2,"d":"7.20"},0]
[35,"单开关",0,"个",0,0,0,{"v":8,"d":"8.00"},{"v":8,"d":"8.00"},{"v":64,"d":"64.00"},0,0,0,{"v":8,"d":"8.00"},{"v":8,"d":"8.00"},{"v":64,"d":"64.00"},{"v":8,"d":"8.00"},{"v":25.6,"d":"25.60"},0]
[36,"白炽灯","220V  100W","个",0,0,0,{"v":50,"d":"50.00"},{"v":3,"d":"3.00"},{"v":150,"d":"150.00"},0,0,0,{"v":50,"d":"50.00"},{"v":3,"d":"3.00"},{"v":150,"d":"150.00"},{"v":50,"d":"50.00"},{"v":60,"d":"60.00"},0]
[37,"控制触发盒","KS-5H ","个",0,0,0,{"v":5,"d":"5.00"},{"v":780,"d":"780.00"},{"v":3900,"d":"3,900.00"},0,0,0,{"v":5,"d":"5.00"},{"v":780,"d":"780.00"},{"v":3900,"d":"3,900.00"},{"v":5,"d":"5.00"},{"v":1200,"d":"1,200.00"},0]
[38,"机车主令开关","KBM-3/250","个",0,0,0,{"v":4,"d":"4.00"},{"v":340,"d":"340.00"},{"v":1360,"d":"1,360.00"},0,0,0,{"v":4,"d":"4.00"},{"v":340,"d":"340.00"},{"v":1360,"d":"1,360.00"},{"v":4,"d":"4.00"},{"v":224,"d":"224.00"},0]
[39,"本安型轴编码器",0,"个",0,0,0,{"v":1,"d":"1.00"},{"v":300,"d":"300.00"},{"v":300,"d":"300.00"},0,0,0,{"v":1,"d":"1.00"},{"v":300,"d":"300.00"},{"v":300,"d":"300.00"},{"v":1,"d":"1.00"},{"v":80,"d":"80.00"},0]
[40,"控制变压器","BK160-127B","个",0,0,0,{"v":12,"d":"12.00"},{"v":135,"d":"135.00"},{"v":1620,"d":"1,620.00"},0,0,0,{"v":12,"d":"12.00"},{"v":135,"d":"135.00"},{"v":1620,"d":"1,620.00"},{"v":12,"d":"12.00"},{"v":480,"d":"480.00"},0]
[41,"摇表","2500兆欧","台",0,0,0,{"v":1,"d":"1.00"},{"v":165,"d":"165.00"},{"v":165,"d":"165.00"},0,0,0,{"v":1,"d":"1.00"},{"v":165,"d":"165.00"},{"v":165,"d":"165.00"},{"v":1,"d":"1.00"},{"v":40,"d":"40.00"},0]
[42,"本安接线盒","6通","个",0,0,0,{"v":4,"d":"4.00"},{"v":112,"d":"112.00"},{"v":448,"d":"448.00"},0,0,0,{"v":4,"d":"4.00"},{"v":112,"d":"112.00"},{"v":448,"d":"448.00"},{"v":4,"d":"4.00"},{"v":160,"d":"160.00"},0]
[43,"本安接线盒","4通","个",0,0,0,{"v":3,"d":"3.00"},18.97,56.91,0,0,0,{"v":3,"d":"3.00"},18.97,56.91,{"v":3,"d":"3.00"},{"v":24,"d":"24.00"},0]
[44,"本安接线盒","3通","个",0,0,0,{"v":4,"d":"4.00"},{"v":18.1,"d":"18.10"},{"v":72.4,"d":"72.40"},0,0,0,{"v":4,"d":"4.00"},{"v":18.1,"d":"18.10"},{"v":72.4,"d":"72.40"},{"v":4,"d":"4.00"},{"v":16,"d":"16.00"},0]
[45,"本安接线盒","2通","个",0,0,0,{"v":2,"d":"2.00"},{"v":18,"d":"18.00"},{"v":36,"d":"36.00"},0,0,0,{"v":2,"d":"2.00"},{"v":18,"d":"18.00"},{"v":36,"d":"36.00"},{"v":2,"d":"2.00"},{"v":8,"d":"8.00"},0]
[46,"防爆电话",0,"台",0,0,0,{"v":4,"d":"4.00"},344.83,{"v":1379.32,"d":"1,379.32"},0,0,0,{"v":4,"d":"4.00"},344.83,{"v":1379.32,"d":"1,379.32"},{"v":4,"d":"4.00"},{"v":480,"d":"480.00"},0]
[47,"风门传感器","GFK60","个",0,0,0,{"v":6,"d":"6.00"},{"v":1300,"d":"1,300.00"},{"v":7800,"d":"7,800.00"},0,0,0,{"v":6,"d":"6.00"},{"v":1300,"d":"1,300.00"},{"v":7800,"d":"7,800.00"},{"v":6,"d":"6.00"},{"v":2160,"d":"2,160.00"},0]
[48,"液位传感器","KJU9901","个",0,0,0,{"v":1,"d":"1.00"},{"v":3000,"d":"3,000.00"},{"v":3000,"d":"3,000.00"},0,0,0,{"v":1,"d":"1.00"},{"v":3000,"d":"3,000.00"},{"v":3000,"d":"3,000.00"},{"v":1,"d":"1.00"},{"v":880,"d":"880.00"},0]
[49,"温度传感器","GWP200","台",0,0,0,{"v":2,"d":"2.00"},{"v":3300,"d":"3,300.00"},{"v":6600,"d":"6,600.00"},0,0,0,{"v":2,"d":"2.00"},{"v":3300,"d":"3,300.00"},{"v":6600,"d":"6,600.00"},{"v":2,"d":"2.00"},{"v":1920,"d":"1,920.00"},0]
[50,"温度传感器","GWD75(皮带机上用)","个",0,0,0,{"v":6,"d":"6.00"},163.79,982.74,0,0,0,{"v":6,"d":"6.00"},163.79,982.74,{"v":6,"d":"6.00"},{"v":240,"d":"240.00"},0]
[51,"本安急停闭锁开关","KHJ0.5/12","台",0,0,0,{"v":6,"d":"6.00"},145.69,874.14,0,0,0,{"v":6,"d":"6.00"},145.69,874.14,{"v":6,"d":"6.00"},{"v":144,"d":"144.00"},0]
[52,"远程馈电断电器","KDG3K","台",0,0,0,{"v":1,"d":"1.00"},{"v":2758.62,"d":"2,758.62"},{"v":2758.62,"d":"2,758.62"},0,0,0,{"v":1,"d":"1.00"},{"v":2758.62,"d":"2,758.62"},{"v":2758.62,"d":"2,758.62"},{"v":1,"d":"1.00"},{"v":800,"d":"800.00"},0]
[53,"本安电路接线盒","GHH-10","个",0,0,0,{"v":1,"d":"1.00"},{"v":190,"d":"190.00"},{"v":190,"d":"190.00"},0,0,0,{"v":1,"d":"1.00"},{"v":190,"d":"190.00"},{"v":190,"d":"190.00"},{"v":1,"d":"1.00"},{"v":80,"d":"80.00"},0]
[54,"电源插头","24芯","根",0,0,0,{"v":2,"d":"2.00"},{"v":460,"d":"460.00"},{"v":920,"d":"920.00"},0,0,0,{"v":2,"d":"2.00"},{"v":460,"d":"460.00"},{"v":920,"d":"920.00"},{"v":2,"d":"2.00"},{"v":320,"d":"320.00"},0]
[55,"电动机综合保护器","JDB-120-A型","个",0,0,0,{"v":6,"d":"6.00"},{"v":110,"d":"110.00"},{"v":660,"d":"660.00"},0,0,0,{"v":6,"d":"6.00"},{"v":110,"d":"110.00"},{"v":660,"d":"660.00"},{"v":6,"d":"6.00"},{"v":240,"d":"240.00"},0]
[56,"电动机综合保护器",{"v":225,"d":"225.00"},"个",0,0,0,{"v":18,"d":"18.00"},{"v":110,"d":"110.00"},{"v":1980,"d":"1,980.00"},0,0,0,{"v":18,"d":"18.00"},{"v":110,"d":"110.00"},{"v":1980,"d":"1,980.00"},{"v":18,"d":"18.00"},{"v":720,"d":"720.00"},0]
[57,"电动机综合保护器","80A","个",0,0,0,{"v":8,"d":"8.00"},{"v":110,"d":"110.00"},{"v":880,"d":"880.00"},0,0,0,{"v":8,"d":"8.00"},{"v":110,"d":"110.00"},{"v":880,"d":"880.00"},{"v":8,"d":"8.00"},{"v":320,"d":"320.00"},0]
[58,"电动机综合保护器","ND357(民用)","个",0,0,0,{"v":6,"d":"6.00"},{"v":80,"d":"80.00"},{"v":480,"d":"480.00"},0,0,0,{"v":6,"d":"6.00"},{"v":80,"d":"80.00"},{"v":480,"d":"480.00"},{"v":6,"d":"6.00"},{"v":240,"d":"240.00"},0]
[59,"跑偏传感器","GEJ30","台",0,0,0,{"v":10,"d":"10.00"},145.69,{"v":1456.9,"d":"1,456.90"},0,0,0,{"v":10,"d":"10.00"},145.69,{"v":1456.9,"d":"1,456.90"},{"v":10,"d":"10.00"},{"v":400,"d":"400.00"},0]
[60,"高压熔断器","12KV    31.5A","组",0,0,0,{"v":1,"d":"1.00"},{"v":600,"d":"600.00"},{"v":600,"d":"600.00"},0,0,0,{"v":1,"d":"1.00"},{"v":600,"d":"600.00"},{"v":600,"d":"600.00"},{"v":1,"d":"1.00"},{"v":200,"d":"200.00"},0]
[61,"防爆应急灯",0,"个",0,0,0,{"v":2,"d":"2.00"},{"v":220,"d":"220.00"},{"v":440,"d":"440.00"},0,0,0,{"v":2,"d":"2.00"},{"v":220,"d":"220.00"},{"v":440,"d":"440.00"},{"v":2,"d":"2.00"},{"v":160,"d":"160.00"},0]
[62,"消防应急灯",0,"个",0,0,0,{"v":2,"d":"2.00"},{"v":45,"d":"45.00"},{"v":90,"d":"90.00"},0,0,0,{"v":2,"d":"2.00"},{"v":45,"d":"45.00"},{"v":90,"d":"90.00"},{"v":2,"d":"2.00"},{"v":32,"d":"32.00"},0]
[63,"机车灯炮","48V     40W","颗",0,0,0,{"v":10,"d":"10.00"},{"v":60,"d":"60.00"},{"v":600,"d":"600.00"},0,0,0,{"v":10,"d":"10.00"},{"v":60,"d":"60.00"},{"v":600,"d":"600.00"},{"v":10,"d":"10.00"},{"v":200,"d":"200.00"},0]
[64,"熔断器","150A","颗",0,0,0,{"v":9,"d":"9.00"},{"v":6.5,"d":"6.50"},{"v":58.5,"d":"58.50"},0,0,0,{"v":9,"d":"9.00"},{"v":6.5,"d":"6.50"},{"v":58.5,"d":"58.50"},{"v":9,"d":"9.00"},{"v":25.2,"d":"25.20"},0]
[65,"熔断器","10A","颗",0,0,0,{"v":40,"d":"40.00"},{"v":5,"d":"5.00"},{"v":200,"d":"200.00"},0,0,0,{"v":40,"d":"40.00"},{"v":5,"d":"5.00"},{"v":200,"d":"200.00"},{"v":40,"d":"40.00"},{"v":80,"d":"80.00"},0]
[66,"熔断器","5A","颗",0,0,0,{"v":60,"d":"60.00"},{"v":5,"d":"5.00"},{"v":300,"d":"300.00"},0,0,0,{"v":60,"d":"60.00"},{"v":5,"d":"5.00"},{"v":300,"d":"300.00"},{"v":60,"d":"60.00"},{"v":120,"d":"120.00"},0]
[67,"熔断器","6A","颗",0,0,0,{"v":50,"d":"50.00"},{"v":5,"d":"5.00"},{"v":250,"d":"250.00"},0,0,0,{"v":50,"d":"50.00"},{"v":5,"d":"5.00"},{"v":250,"d":"250.00"},{"v":50,"d":"50.00"},{"v":100,"d":"100.00"},0]
[68,"熔断器","400A","颗",0,0,0,{"v":6,"d":"6.00"},{"v":13,"d":"13.00"},{"v":78,"d":"78.00"},0,0,0,{"v":6,"d":"6.00"},{"v":13,"d":"13.00"},{"v":78,"d":"78.00"},{"v":6,"d":"6.00"},{"v":24,"d":"24.00"},0]
[69,"熔断器","16A","颗",0,0,0,{"v":240,"d":"240.00"},{"v":7,"d":"7.00"},{"v":1680,"d":"1,680.00"},0,0,0,{"v":240,"d":"240.00"},{"v":7,"d":"7.00"},{"v":1680,"d":"1,680.00"},{"v":240,"d":"240.00"},{"v":672,"d":"672.00"},0]
[70,"逆止阀","DN150","个",0,0,0,{"v":2,"d":"2.00"},{"v":435,"d":"435.00"},{"v":870,"d":"870.00"},0,0,0,{"v":2,"d":"2.00"},{"v":435,"d":"435.00"},{"v":870,"d":"870.00"},{"v":2,"d":"2.00"},{"v":320,"d":"320.00"},0]
[71,"闸阀","DN150","个",0,0,0,{"v":2,"d":"2.00"},{"v":450,"d":"450.00"},{"v":900,"d":"900.00"},0,0,0,{"v":2,"d":"2.00"},{"v":450,"d":"450.00"},{"v":900,"d":"900.00"},{"v":2,"d":"2.00"},{"v":320,"d":"320.00"},0]
[72,"断电器","KDG17型","个",0,0,0,{"v":1,"d":"1.00"},{"v":3200,"d":"3,200.00"},{"v":3200,"d":"3,200.00"},0,0,0,{"v":1,"d":"1.00"},{"v":3200,"d":"3,200.00"},{"v":3200,"d":"3,200.00"},{"v":1,"d":"1.00"},{"v":920,"d":"920.00"},0]
[73,"语音声光报警装置",0,"台",0,0,0,{"v":2,"d":"2.00"},{"v":1500,"d":"1,500.00"},{"v":3000,"d":"3,000.00"},0,0,0,{"v":2,"d":"2.00"},{"v":1500,"d":"1,500.00"},{"v":3000,"d":"3,000.00"},{"v":2,"d":"2.00"},{"v":880,"d":"880.00"},0]
[74,"巷道灯","LED","个",0,0,0,{"v":2,"d":"2.00"},{"v":163,"d":"163.00"},{"v":326,"d":"326.00"},0,0,0,{"v":2,"d":"2.00"},{"v":163,"d":"163.00"},{"v":326,"d":"326.00"},{"v":2,"d":"2.00"},{"v":80,"d":"80.00"},0]
[75,"交流接触器","LC1D300","台",0,0,0,{"v":1,"d":"1.00"},{"v":1000,"d":"1,000.00"},{"v":1000,"d":"1,000.00"},0,0,0,{"v":1,"d":"1.00"},{"v":1000,"d":"1,000.00"},{"v":1000,"d":"1,000.00"},{"v":1,"d":"1.00"},{"v":280,"d":"280.00"},0]
[76,"麻绳","Φ30","米",0,0,0,{"v":230,"d":"230.00"},{"v":14.5,"d":"14.50"},{"v":3335,"d":"3,335.00"},0,0,0,{"v":230,"d":"230.00"},{"v":14.5,"d":"14.50"},{"v":3335,"d":"3,335.00"},{"v":230,"d":"230.00"},{"v":920,"d":"920.00"},0]
[77,"油漆","2KG","桶",0,0,0,{"v":3,"d":"3.00"},{"v":45,"d":"45.00"},{"v":135,"d":"135.00"},0,0,0,{"v":3,"d":"3.00"},{"v":45,"d":"45.00"},{"v":135,"d":"135.00"},{"v":3,"d":"3.00"},{"v":48,"d":"48.00"},0]
[78,"油漆","15KG","桶",0,0,0,{"v":68,"d":"68.00"},{"v":125,"d":"125.00"},{"v":8500,"d":"8,500.00"},0,0,0,{"v":68,"d":"68.00"},{"v":125,"d":"125.00"},{"v":8500,"d":"8,500.00"},{"v":68,"d":"68.00"},{"v":2720,"d":"2,720.00"},0]
[79,"螺杆式压缩机润滑油",0,"桶",0,0,0,{"v":1,"d":"1.00"},{"v":215,"d":"215.00"},{"v":215,"d":"215.00"},0,0,0,{"v":1,"d":"1.00"},{"v":215,"d":"215.00"},{"v":215,"d":"215.00"},{"v":1,"d":"1.00"},{"v":80,"d":"80.00"},0]
[80,"重负荷工业齿轮油",0,"桶",0,0,0,{"v":1,"d":"1.00"},{"v":200,"d":"200.00"},{"v":200,"d":"200.00"},0,0,0,{"v":1,"d":"1.00"},{"v":200,"d":"200.00"},{"v":200,"d":"200.00"},{"v":1,"d":"1.00"},{"v":80,"d":"80.00"},0]
[81,"喷浆机牙箱壳","PZ*6B","个",0,0,0,{"v":2,"d":"2.00"},{"v":750,"d":"750.00"},{"v":1500,"d":"1,500.00"},0,0,0,{"v":2,"d":"2.00"},{"v":750,"d":"750.00"},{"v":1500,"d":"1,500.00"},{"v":2,"d":"2.00"},{"v":480,"d":"480.00"},0]
[82,"喷浆管钢衬板","PZ-5B","块",0,0,0,{"v":50,"d":"50.00"},{"v":160,"d":"160.00"},{"v":8000,"d":"8,000.00"},0,0,0,{"v":50,"d":"50.00"},{"v":160,"d":"160.00"},{"v":8000,"d":"8,000.00"},{"v":50,"d":"50.00"},{"v":2000,"d":"2,000.00"},0]
[83,"高强皮带扣",0,"盒 ",0,0,0,{"v":16,"d":"16.00"},247.84,{"v":3965.44,"d":"3,965.44"},0,0,0,{"v":16,"d":"16.00"},247.84,{"v":3965.44,"d":"3,965.44"},{"v":16,"d":"16.00"},{"v":1280,"d":"1,280.00"},0]
[84,"长皮带扣",0,"支",0,0,0,{"v":3,"d":"3.00"},{"v":36,"d":"36.00"},{"v":108,"d":"108.00"},0,0,0,{"v":3,"d":"3.00"},{"v":36,"d":"36.00"},{"v":108,"d":"108.00"},{"v":3,"d":"3.00"},{"v":36,"d":"36.00"},0]
[85,"蓄电池补充液",0,"件",0,0,0,{"v":10,"d":"10.00"},{"v":60,"d":"60.00"},{"v":600,"d":"600.00"},0,0,0,{"v":10,"d":"10.00"},{"v":60,"d":"60.00"},{"v":600,"d":"600.00"},{"v":10,"d":"10.00"},{"v":200,"d":"200.00"},0]
[86,"标准液",0,"件",0,0,0,{"v":23,"d":"23.00"},{"v":20,"d":"20.00"},{"v":460,"d":"460.00"},0,0,0,{"v":23,"d":"23.00"},{"v":20,"d":"20.00"},{"v":460,"d":"460.00"},{"v":23,"d":"23.00"},{"v":184,"d":"184.00"},0]
[87,"手动搬道器","30KG","付",0,0,0,{"v":8,"d":"8.00"},{"v":600,"d":"600.00"},{"v":4800,"d":"4,800.00"},0,0,0,{"v":8,"d":"8.00"},{"v":600,"d":"600.00"},{"v":4800,"d":"4,800.00"},{"v":8,"d":"8.00"},{"v":1600,"d":"1,600.00"},0]
[88,"氧气充填泵","YWB-30","台",0,0,0,{"v":1,"d":"1.00"},{"v":14800,"d":"14,800.00"},{"v":14800,"d":"14,800.00"},0,0,0,{"v":1,"d":"1.00"},{"v":14800,"d":"14,800.00"},{"v":14800,"d":"14,800.00"},{"v":1,"d":"1.00"},{"v":4320,"d":"4,320.00"},0]
[89,"不锈钢闸阀","300*16","只",0,0,0,{"v":5,"d":"5.00"},{"v":3460,"d":"3,460.00"},{"v":17300,"d":"17,300.00"},0,0,0,{"v":5,"d":"5.00"},{"v":3460,"d":"3,460.00"},{"v":17300,"d":"17,300.00"},{"v":5,"d":"5.00"},{"v":5000,"d":"5,000.00"},0]
[90,"不锈钢逆止阀","300*16","只",0,0,0,{"v":1,"d":"1.00"},{"v":3400,"d":"3,400.00"},{"v":3400,"d":"3,400.00"},0,0,0,{"v":1,"d":"1.00"},{"v":3400,"d":"3,400.00"},{"v":3400,"d":"3,400.00"},{"v":1,"d":"1.00"},{"v":1000,"d":"1,000.00"},0]
[91,"管道泵","220V    750W","台",0,0,0,{"v":1,"d":"1.00"},{"v":720,"d":"720.00"},{"v":720,"d":"720.00"},0,0,0,{"v":1,"d":"1.00"},{"v":720,"d":"720.00"},{"v":720,"d":"720.00"},{"v":1,"d":"1.00"},{"v":240,"d":"240.00"},0]
[92,"潜水泵","4KW","台",0,0,0,{"v":1,"d":"1.00"},{"v":2100,"d":"2,100.00"},{"v":2100,"d":"2,100.00"},0,0,0,{"v":1,"d":"1.00"},{"v":2100,"d":"2,100.00"},{"v":2100,"d":"2,100.00"},{"v":1,"d":"1.00"},{"v":600,"d":"600.00"},0]
[93,"水平销",0,"块",0,0,0,{"v":40,"d":"40.00"},{"v":15,"d":"15.00"},{"v":600,"d":"600.00"},0,0,0,{"v":40,"d":"40.00"},{"v":15,"d":"15.00"},{"v":600,"d":"600.00"},{"v":40,"d":"40.00"},{"v":160,"d":"160.00"},0]
[94,"道夹板","18KG","付",0,0,0,{"v":12,"d":"12.00"},{"v":33,"d":"33.00"},{"v":396,"d":"396.00"},0,0,0,{"v":12,"d":"12.00"},{"v":33,"d":"33.00"},{"v":396,"d":"396.00"},{"v":12,"d":"12.00"},{"v":144,"d":"144.00"},0]
[95,"道夹板","32KG","付",0,0,0,{"v":210,"d":"210.00"},{"v":40,"d":"40.00"},{"v":8400,"d":"8,400.00"},0,0,0,{"v":210,"d":"210.00"},{"v":40,"d":"40.00"},{"v":8400,"d":"8,400.00"},{"v":210,"d":"210.00"},{"v":2520,"d":"2,520.00"},0]
[96,"道夹板","8KG","付",0,0,0,{"v":10,"d":"10.00"},{"v":20,"d":"20.00"},{"v":200,"d":"200.00"},0,0,0,{"v":10,"d":"10.00"},{"v":20,"d":"20.00"},{"v":200,"d":"200.00"},{"v":10,"d":"10.00"},{"v":80,"d":"80.00"},0]
[97,"道夹板螺丝",0,"套",0,0,0,{"v":100,"d":"100.00"},{"v":2.8,"d":"2.80"},{"v":280,"d":"280.00"},0,0,0,{"v":100,"d":"100.00"},{"v":2.8,"d":"2.80"},{"v":280,"d":"280.00"},{"v":100,"d":"100.00"},{"v":120,"d":"120.00"},0]
[98,"芒轴","30型刮板","只",0,0,0,{"v":8,"d":"8.00"},{"v":490,"d":"490.00"},{"v":3920,"d":"3,920.00"},0,0,0,{"v":8,"d":"8.00"},{"v":490,"d":"490.00"},{"v":3920,"d":"3,920.00"},{"v":8,"d":"8.00"},{"v":1280,"d":"1,280.00"},0]
[99,"芒轴","40型刮板","只",0,0,0,{"v":2,"d":"2.00"},{"v":490,"d":"490.00"},{"v":980,"d":"980.00"},0,0,0,{"v":2,"d":"2.00"},{"v":490,"d":"490.00"},{"v":980,"d":"980.00"},{"v":2,"d":"2.00"},{"v":320,"d":"320.00"},0]
[100,"七星轮","40型刮板","个",0,0,0,{"v":2,"d":"2.00"},{"v":400,"d":"400.00"},{"v":800,"d":"800.00"},0,0,0,{"v":2,"d":"2.00"},{"v":400,"d":"400.00"},{"v":800,"d":"800.00"},{"v":2,"d":"2.00"},{"v":240,"d":"240.00"},0]
[101,"分链架","40型刮板","只",0,0,0,{"v":5,"d":"5.00"},{"v":550,"d":"550.00"},{"v":2750,"d":"2,750.00"},0,0,0,{"v":5,"d":"5.00"},{"v":550,"d":"550.00"},{"v":2750,"d":"2,750.00"},{"v":5,"d":"5.00"},{"v":1000,"d":"1,000.00"},0]
[102,"分链架","30型刮板","个",0,0,0,{"v":3,"d":"3.00"},{"v":130,"d":"130.00"},{"v":390,"d":"390.00"},0,0,0,{"v":3,"d":"3.00"},{"v":130,"d":"130.00"},{"v":390,"d":"390.00"},{"v":3,"d":"3.00"},{"v":120,"d":"120.00"},0]
[103,"衬架","40型刮板","个",0,0,0,{"v":10,"d":"10.00"},{"v":150,"d":"150.00"},{"v":1500,"d":"1,500.00"},0,0,0,{"v":10,"d":"10.00"},{"v":150,"d":"150.00"},{"v":1500,"d":"1,500.00"},{"v":10,"d":"10.00"},{"v":400,"d":"400.00"},0]
[104,"机尾滚筒轴","30型刮板","根",0,0,0,{"v":1,"d":"1.00"},{"v":120,"d":"120.00"},{"v":120,"d":"120.00"},0,0,0,{"v":1,"d":"1.00"},{"v":120,"d":"120.00"},{"v":120,"d":"120.00"},{"v":1,"d":"1.00"},{"v":40,"d":"40.00"},0]
[105,"机尾滚筒轴","40型刮板","根",0,0,0,{"v":3,"d":"3.00"},{"v":140,"d":"140.00"},{"v":420,"d":"420.00"},0,0,0,{"v":3,"d":"3.00"},{"v":140,"d":"140.00"},{"v":420,"d":"420.00"},{"v":3,"d":"3.00"},{"v":120,"d":"120.00"},0]
[106,"机尾滚筒","SGB620/40T","件",0,0,0,{"v":1,"d":"1.00"},{"v":1163.79,"d":"1,163.79"},{"v":1163.79,"d":"1,163.79"},0,0,0,{"v":1,"d":"1.00"},{"v":1163.79,"d":"1,163.79"},{"v":1163.79,"d":"1,163.79"},{"v":1,"d":"1.00"},{"v":320,"d":"320.00"},0]
[107,"分链叉","30型刮板","个",0,0,0,{"v":4,"d":"4.00"},86.21,344.84,0,0,0,{"v":4,"d":"4.00"},86.21,344.84,{"v":4,"d":"4.00"},{"v":160,"d":"160.00"},0]
[108,"护板","40型刮板","块",0,0,0,{"v":3,"d":"3.00"},{"v":260,"d":"260.00"},{"v":780,"d":"780.00"},0,0,0,{"v":3,"d":"3.00"},{"v":260,"d":"260.00"},{"v":780,"d":"780.00"},{"v":3,"d":"3.00"},{"v":240,"d":"240.00"},0]
[109,"伞齿轮轴","40型刮板","根",0,0,0,{"v":3,"d":"3.00"},{"v":380,"d":"380.00"},{"v":1140,"d":"1,140.00"},0,0,0,{"v":3,"d":"3.00"},{"v":380,"d":"380.00"},{"v":1140,"d":"1,140.00"},{"v":3,"d":"3.00"},{"v":360,"d":"360.00"},0]
[110,"紧链器","30型刮板","付",0,0,0,{"v":1,"d":"1.00"},{"v":195,"d":"195.00"},{"v":195,"d":"195.00"},0,0,0,{"v":1,"d":"1.00"},{"v":195,"d":"195.00"},{"v":195,"d":"195.00"},{"v":1,"d":"1.00"},{"v":80,"d":"80.00"},0]
[111,"电话分线盒 ","13通","个",0,0,0,{"v":3,"d":"3.00"},{"v":300,"d":"300.00"},{"v":900,"d":"900.00"},0,0,0,{"v":3,"d":"3.00"},{"v":300,"d":"300.00"},{"v":900,"d":"900.00"},{"v":3,"d":"3.00"},{"v":240,"d":"240.00"},0]
[112,"柴油机曲轴",0,"根",0,0,0,{"v":1,"d":"1.00"},{"v":2200,"d":"2,200.00"},{"v":2200,"d":"2,200.00"},0,0,0,{"v":1,"d":"1.00"},{"v":2200,"d":"2,200.00"},{"v":2200,"d":"2,200.00"},{"v":1,"d":"1.00"},{"v":640,"d":"640.00"},0]
[113,"热缩终端附件","1KV","套",0,0,0,{"v":8,"d":"8.00"},{"v":45,"d":"45.00"},{"v":360,"d":"360.00"},0,0,0,{"v":8,"d":"8.00"},{"v":45,"d":"45.00"},{"v":360,"d":"360.00"},{"v":8,"d":"8.00"},{"v":128,"d":"128.00"},0]
[114,"热缩管",0,"套",0,0,0,{"v":20,"d":"20.00"},{"v":35,"d":"35.00"},{"v":700,"d":"700.00"},0,0,0,{"v":20,"d":"20.00"},{"v":35,"d":"35.00"},{"v":700,"d":"700.00"},{"v":20,"d":"20.00"},{"v":240,"d":"240.00"},0]
[115,"冷缩终端","10KV","付",0,0,0,{"v":4,"d":"4.00"},{"v":130,"d":"130.00"},{"v":520,"d":"520.00"},0,0,0,{"v":4,"d":"4.00"},{"v":130,"d":"130.00"},{"v":520,"d":"520.00"},{"v":4,"d":"4.00"},{"v":160,"d":"160.00"},0]
[116,"螺栓","Φ27*150","套",0,0,0,{"v":45,"d":"45.00"},{"v":21,"d":"21.00"},{"v":945,"d":"945.00"},0,0,0,{"v":45,"d":"45.00"},{"v":21,"d":"21.00"},{"v":945,"d":"945.00"},{"v":45,"d":"45.00"},{"v":378,"d":"378.00"},0]
[117,"螺栓","Φ24*200","套",0,0,0,{"v":15,"d":"15.00"},{"v":18,"d":"18.00"},{"v":270,"d":"270.00"},0,0,0,{"v":15,"d":"15.00"},{"v":18,"d":"18.00"},{"v":270,"d":"270.00"},{"v":15,"d":"15.00"},{"v":108,"d":"108.00"},0]
[118,"螺栓","Φ24*80","套",0,0,0,{"v":120,"d":"120.00"},{"v":3.6,"d":"3.60"},{"v":432,"d":"432.00"},0,0,0,{"v":120,"d":"120.00"},{"v":3.6,"d":"3.60"},{"v":432,"d":"432.00"},{"v":120,"d":"120.00"},{"v":192,"d":"192.00"},0]
[119,"螺栓","Φ22*100","套",0,0,0,{"v":60,"d":"60.00"},{"v":3.6,"d":"3.60"},{"v":216,"d":"216.00"},0,0,0,{"v":60,"d":"60.00"},{"v":3.6,"d":"3.60"},{"v":216,"d":"216.00"},{"v":60,"d":"60.00"},{"v":96,"d":"96.00"},0]
[120,"螺栓","Φ20*60","套",0,0,0,{"v":40,"d":"40.00"},{"v":3.4,"d":"3.40"},{"v":136,"d":"136.00"},0,0,0,{"v":40,"d":"40.00"},{"v":3.4,"d":"3.40"},{"v":136,"d":"136.00"},{"v":40,"d":"40.00"},{"v":48,"d":"48.00"},0]
[121,"螺栓","Φ18*90","套",0,0,0,{"v":120,"d":"120.00"},{"v":2.8,"d":"2.80"},{"v":336,"d":"336.00"},0,0,0,{"v":120,"d":"120.00"},{"v":2.8,"d":"2.80"},{"v":336,"d":"336.00"},{"v":120,"d":"120.00"},{"v":144,"d":"144.00"},0]
[122,"螺栓","Φ18*70","套",0,0,0,{"v":300,"d":"300.00"},{"v":1.9,"d":"1.90"},{"v":570,"d":"570.00"},0,0,0,{"v":300,"d":"300.00"},{"v":1.9,"d":"1.90"},{"v":570,"d":"570.00"},{"v":300,"d":"300.00"},{"v":240,"d":"240.00"},0]
[123,"螺栓","Φ18*60","套",0,0,0,{"v":70,"d":"70.00"},{"v":2.8,"d":"2.80"},{"v":196,"d":"196.00"},0,0,0,{"v":70,"d":"70.00"},{"v":2.8,"d":"2.80"},{"v":196,"d":"196.00"},{"v":70,"d":"70.00"},{"v":84,"d":"84.00"},0]
[124,"螺栓","Φ16*100","套",0,0,0,{"v":20,"d":"20.00"},{"v":2.5,"d":"2.50"},{"v":50,"d":"50.00"},0,0,0,{"v":20,"d":"20.00"},{"v":2.5,"d":"2.50"},{"v":50,"d":"50.00"},{"v":20,"d":"20.00"},{"v":24,"d":"24.00"},0]
[125,"螺栓","Φ16*80","套",0,0,0,{"v":30,"d":"30.00"},{"v":2,"d":"2.00"},{"v":60,"d":"60.00"},0,0,0,{"v":30,"d":"30.00"},{"v":2,"d":"2.00"},{"v":60,"d":"60.00"},{"v":30,"d":"30.00"},{"v":24,"d":"24.00"},0]
[126,"螺栓","Φ16*75","套",0,0,0,{"v":242,"d":"242.00"},{"v":2,"d":"2.00"},{"v":484,"d":"484.00"},0,0,0,{"v":242,"d":"242.00"},{"v":2,"d":"2.00"},{"v":484,"d":"484.00"},{"v":242,"d":"242.00"},{"v":193.6,"d":"193.60"},0]
[127,"螺栓","Φ16*65","套",0,0,0,{"v":40,"d":"40.00"},{"v":1,"d":"1.00"},{"v":40,"d":"40.00"},0,0,0,{"v":40,"d":"40.00"},{"v":1,"d":"1.00"},{"v":40,"d":"40.00"},{"v":40,"d":"40.00"},{"v":16,"d":"16.00"},0]
[128,"螺栓","Φ14*80","套",0,0,0,{"v":23,"d":"23.00"},{"v":1.2,"d":"1.20"},{"v":27.6,"d":"27.60"},0,0,0,{"v":23,"d":"23.00"},{"v":1.2,"d":"1.20"},{"v":27.6,"d":"27.60"},{"v":23,"d":"23.00"},{"v":9.2,"d":"9.20"},0]
[129,"螺栓","Φ14*60","套",0,0,0,{"v":2,"d":"2.00"},{"v":1.2,"d":"1.20"},{"v":2.4,"d":"2.40"},0,0,0,{"v":2,"d":"2.00"},{"v":1.2,"d":"1.20"},{"v":2.4,"d":"2.40"},{"v":2,"d":"2.00"},{"v":0.8,"d":"0.80"},0]
[130,"螺栓","Φ14*40","套",0,0,0,{"v":10,"d":"10.00"},0.86,{"v":8.6,"d":"8.60"},0,0,0,{"v":10,"d":"10.00"},0.86,{"v":8.6,"d":"8.60"},{"v":10,"d":"10.00"},{"v":4,"d":"4.00"},0]
[131,"螺栓","Φ12*30","套",0,0,0,{"v":40,"d":"40.00"},0.39,{"v":15.6,"d":"15.60"},0,0,0,{"v":40,"d":"40.00"},0.39,{"v":15.6,"d":"15.60"},{"v":40,"d":"40.00"},{"v":4.8,"d":"4.80"},0]
[132,"螺栓","Φ12*50","套",0,0,0,{"v":150,"d":"150.00"},0.42,{"v":63,"d":"63.00"},0,0,0,{"v":150,"d":"150.00"},0.42,{"v":63,"d":"63.00"},{"v":150,"d":"150.00"},{"v":18,"d":"18.00"},0]
[133,"螺栓","Φ12*80","套",0,0,0,{"v":30,"d":"30.00"},{"v":0.6,"d":"0.60"},{"v":18,"d":"18.00"},0,0,0,{"v":30,"d":"30.00"},{"v":0.6,"d":"0.60"},{"v":18,"d":"18.00"},{"v":30,"d":"30.00"},{"v":12,"d":"12.00"},0]
[134,"螺栓","Φ10*80","套",0,0,0,{"v":1500,"d":"1,500.00"},0.56,{"v":840,"d":"840.00"},0,0,0,{"v":1500,"d":"1,500.00"},0.56,{"v":840,"d":"840.00"},{"v":1500,"d":"1,500.00"},{"v":600,"d":"600.00"},0]
[135,"螺栓","Φ10*50","套",0,0,0,{"v":212,"d":"212.00"},{"v":0.5,"d":"0.50"},{"v":106,"d":"106.00"},0,0,0,{"v":212,"d":"212.00"},{"v":0.5,"d":"0.50"},{"v":106,"d":"106.00"},{"v":212,"d":"212.00"},{"v":84.8,"d":"84.80"},0]
[136,"螺栓","Φ10*50","套",0,0,0,{"v":100,"d":"100.00"},0.52,{"v":52,"d":"52.00"},0,0,0,{"v":100,"d":"100.00"},0.52,{"v":52,"d":"52.00"},{"v":100,"d":"100.00"},{"v":40,"d":"40.00"},0]
[137,"螺栓","Φ10*40","套",0,0,0,{"v":50,"d":"50.00"},{"v":0.4,"d":"0.40"},{"v":20,"d":"20.00"},0,0,0,{"v":50,"d":"50.00"},{"v":0.4,"d":"0.40"},{"v":20,"d":"20.00"},{"v":50,"d":"50.00"},{"v":6,"d":"6.00"},0]
[138,"螺栓","Φ10*30","套",0,0,0,{"v":20,"d":"20.00"},{"v":0.3,"d":"0.30"},{"v":6,"d":"6.00"},0,0,0,{"v":20,"d":"20.00"},{"v":0.3,"d":"0.30"},{"v":6,"d":"6.00"},{"v":20,"d":"20.00"},{"v":2.4,"d":"2.40"},0]
[139,"螺栓","Φ8*40","套",0,0,0,{"v":40,"d":"40.00"},{"v":0.2,"d":"0.20"},{"v":8,"d":"8.00"},0,0,0,{"v":40,"d":"40.00"},{"v":0.2,"d":"0.20"},{"v":8,"d":"8.00"},{"v":40,"d":"40.00"},{"v":4.8,"d":"4.80"},0]
[140,"彭涨螺丝","8#","套",0,0,0,{"v":35,"d":"35.00"},{"v":0.4,"d":"0.40"},{"v":14,"d":"14.00"},0,0,0,{"v":35,"d":"35.00"},{"v":0.4,"d":"0.40"},{"v":14,"d":"14.00"},{"v":35,"d":"35.00"},{"v":5.6,"d":"5.60"},0]
[141,"彭涨螺丝钩","6#","套",0,0,0,{"v":200,"d":"200.00"},{"v":0.4,"d":"0.40"},{"v":80,"d":"80.00"},0,0,0,{"v":200,"d":"200.00"},{"v":0.4,"d":"0.40"},{"v":80,"d":"80.00"},{"v":200,"d":"200.00"},{"v":32,"d":"32.00"},0]
[142,"彭涨螺丝钩","14#","套",0,0,0,{"v":70,"d":"70.00"},{"v":1,"d":"1.00"},{"v":70,"d":"70.00"},0,0,0,{"v":70,"d":"70.00"},{"v":1,"d":"1.00"},{"v":70,"d":"70.00"},{"v":70,"d":"70.00"},{"v":28,"d":"28.00"},0]
[143,"镀锌外直接",{"v":25,"d":"25.00"},"个",0,0,0,{"v":50,"d":"50.00"},{"v":5,"d":"5.00"},{"v":250,"d":"250.00"},0,0,0,{"v":50,"d":"50.00"},{"v":5,"d":"5.00"},{"v":250,"d":"250.00"},{"v":50,"d":"50.00"},{"v":100,"d":"100.00"},0]
[144,"镀锌弯头",{"v":25,"d":"25.00"},"个",0,0,0,{"v":24,"d":"24.00"},{"v":5,"d":"5.00"},{"v":120,"d":"120.00"},0,0,0,{"v":24,"d":"24.00"},{"v":5,"d":"5.00"},{"v":120,"d":"120.00"},{"v":24,"d":"24.00"},{"v":48,"d":"48.00"},0]
[145,"镀锌活接头",{"v":25,"d":"25.00"},"个",0,0,0,{"v":23,"d":"23.00"},{"v":8,"d":"8.00"},{"v":184,"d":"184.00"},0,0,0,{"v":23,"d":"23.00"},{"v":8,"d":"8.00"},{"v":184,"d":"184.00"},{"v":23,"d":"23.00"},{"v":73.6,"d":"73.60"},0]
[146,"镀锌三通",{"v":25,"d":"25.00"},"个",0,0,0,{"v":5,"d":"5.00"},{"v":5,"d":"5.00"},{"v":25,"d":"25.00"},0,0,0,{"v":5,"d":"5.00"},{"v":5,"d":"5.00"},{"v":25,"d":"25.00"},{"v":5,"d":"5.00"},{"v":10,"d":"10.00"},0]
[147,"镀锌直接",{"v":25,"d":"25.00"},"个",0,0,0,{"v":30,"d":"30.00"},{"v":5,"d":"5.00"},{"v":150,"d":"150.00"},0,0,0,{"v":30,"d":"30.00"},{"v":5,"d":"5.00"},{"v":150,"d":"150.00"},{"v":30,"d":"30.00"},{"v":60,"d":"60.00"},0]
[148,"镀锌外直接",{"v":16,"d":"16.00"},"个",0,0,0,{"v":23,"d":"23.00"},{"v":2,"d":"2.00"},{"v":46,"d":"46.00"},0,0,0,{"v":23,"d":"23.00"},{"v":2,"d":"2.00"},{"v":46,"d":"46.00"},{"v":23,"d":"23.00"},{"v":18.4,"d":"18.40"},0]
[149,"镀锌直接",{"v":15,"d":"15.00"},"个",0,0,0,{"v":24,"d":"24.00"},{"v":2,"d":"2.00"},{"v":48,"d":"48.00"},0,0,0,{"v":24,"d":"24.00"},{"v":2,"d":"2.00"},{"v":48,"d":"48.00"},{"v":24,"d":"24.00"},{"v":19.2,"d":"19.20"},0]
[150,"镀锌外丝直接",{"v":15,"d":"15.00"},"个",0,0,0,{"v":46,"d":"46.00"},{"v":2,"d":"2.00"},{"v":92,"d":"92.00"},0,0,0,{"v":46,"d":"46.00"},{"v":2,"d":"2.00"},{"v":92,"d":"92.00"},{"v":46,"d":"46.00"},{"v":36.8,"d":"36.80"},0]
[151,"镀锌内丝直接",{"v":10,"d":"10.00"},"个",0,0,0,{"v":24,"d":"24.00"},{"v":2,"d":"2.00"},{"v":48,"d":"48.00"},0,0,0,{"v":24,"d":"24.00"},{"v":2,"d":"2.00"},{"v":48,"d":"48.00"},{"v":24,"d":"24.00"},{"v":19.2,"d":"19.20"},0]
[152,"镀锌弯头",{"v":10,"d":"10.00"},"个",0,0,0,{"v":20,"d":"20.00"},{"v":2,"d":"2.00"},{"v":40,"d":"40.00"},0,0,0,{"v":20,"d":"20.00"},{"v":2,"d":"2.00"},{"v":40,"d":"40.00"},{"v":20,"d":"20.00"},{"v":16,"d":"16.00"},0]
[153,"镀锌三通",{"v":10,"d":"10.00"},"个",0,0,0,{"v":22,"d":"22.00"},{"v":2,"d":"2.00"},{"v":44,"d":"44.00"},0,0,0,{"v":22,"d":"22.00"},{"v":2,"d":"2.00"},{"v":44,"d":"44.00"},{"v":22,"d":"22.00"},{"v":17.6,"d":"17.60"},0]
[154,"镀锌活接头",{"v":10,"d":"10.00"},"个",0,0,0,{"v":24,"d":"24.00"},{"v":5,"d":"5.00"},{"v":120,"d":"120.00"},0,0,0,{"v":24,"d":"24.00"},{"v":5,"d":"5.00"},{"v":120,"d":"120.00"},{"v":24,"d":"24.00"},{"v":48,"d":"48.00"},0]
[155,"绝缘轨道","22KG","付",0,0,0,{"v":0.5,"d":"0.50"},{"v":860,"d":"860.00"},{"v":430,"d":"430.00"},0,0,0,{"v":0.5,"d":"0.50"},{"v":860,"d":"860.00"},{"v":430,"d":"430.00"},{"v":0.5,"d":"0.50"},{"v":140,"d":"140.00"},0]
[156,"电话线（地面用的）","2芯","米",0,0,0,{"v":400,"d":"400.00"},2.16,{"v":864,"d":"864.00"},0,0,0,{"v":400,"d":"400.00"},2.16,{"v":864,"d":"864.00"},{"v":400,"d":"400.00"},{"v":320,"d":"320.00"},0]
[157,"机车电瓶","D440KT","只",0,0,0,{"v":24,"d":"24.00"},{"v":560,"d":"560.00"},{"v":13440,"d":"13,440.00"},0,0,0,{"v":24,"d":"24.00"},{"v":560,"d":"560.00"},{"v":13440,"d":"13,440.00"},{"v":24,"d":"24.00"},{"v":4800,"d":"4,800.00"},0]
[158,"PVC管","Φ110","根",0,0,0,{"v":4,"d":"4.00"},{"v":45,"d":"45.00"},{"v":180,"d":"180.00"},0,0,0,{"v":4,"d":"4.00"},{"v":45,"d":"45.00"},{"v":180,"d":"180.00"},{"v":4,"d":"4.00"},{"v":64,"d":"64.00"},0]
[159,"PVC管","Φ40","根",0,0,0,{"v":2,"d":"2.00"},{"v":42,"d":"42.00"},{"v":84,"d":"84.00"},0,0,0,{"v":2,"d":"2.00"},{"v":42,"d":"42.00"},{"v":84,"d":"84.00"},{"v":2,"d":"2.00"},{"v":24,"d":"24.00"},0]
[160,"堵头","Φ19","只",0,0,0,{"v":21,"d":"21.00"},{"v":8,"d":"8.00"},{"v":168,"d":"168.00"},0,0,0,{"v":21,"d":"21.00"},{"v":8,"d":"8.00"},{"v":168,"d":"168.00"},{"v":21,"d":"21.00"},{"v":67.2,"d":"67.20"},0]
[161,"堵头","Φ10","只",0,0,0,{"v":28,"d":"28.00"},{"v":8,"d":"8.00"},{"v":224,"d":"224.00"},0,0,0,{"v":28,"d":"28.00"},{"v":8,"d":"8.00"},{"v":224,"d":"224.00"},{"v":28,"d":"28.00"},{"v":89.6,"d":"89.60"},0]
[162,"胶垫",{"v":300,"d":"300.00"},"个",0,0,0,{"v":80,"d":"80.00"},{"v":3,"d":"3.00"},{"v":240,"d":"240.00"},0,0,0,{"v":80,"d":"80.00"},{"v":3,"d":"3.00"},{"v":240,"d":"240.00"},{"v":80,"d":"80.00"},{"v":96,"d":"96.00"},0]
[163,"胶垫","Φ150","个",0,0,0,{"v":240,"d":"240.00"},{"v":2,"d":"2.00"},{"v":480,"d":"480.00"},0,0,0,{"v":240,"d":"240.00"},{"v":2,"d":"2.00"},{"v":480,"d":"480.00"},{"v":240,"d":"240.00"},{"v":192,"d":"192.00"},0]
[164,"胶垫","Φ200","只",0,0,0,{"v":200,"d":"200.00"},{"v":2.3,"d":"2.30"},{"v":460,"d":"460.00"},0,0,0,{"v":200,"d":"200.00"},{"v":2.3,"d":"2.30"},{"v":460,"d":"460.00"},{"v":200,"d":"200.00"},{"v":160,"d":"160.00"},0]
[165,"胶垫",{"v":90,"d":"90.00"},"个",0,0,0,{"v":50,"d":"50.00"},{"v":0.8,"d":"0.80"},{"v":40,"d":"40.00"},0,0,0,{"v":50,"d":"50.00"},{"v":0.8,"d":"0.80"},{"v":40,"d":"40.00"},{"v":50,"d":"50.00"},{"v":20,"d":"20.00"},0]
[166,"胶垫","108#","个",0,0,0,{"v":100,"d":"100.00"},{"v":0.8,"d":"0.80"},{"v":80,"d":"80.00"},0,0,0,{"v":100,"d":"100.00"},{"v":0.8,"d":"0.80"},{"v":80,"d":"80.00"},{"v":100,"d":"100.00"},{"v":40,"d":"40.00"},0]
[167,"油封","TG4*140*170*16","个",0,0,0,{"v":15,"d":"15.00"},{"v":15,"d":"15.00"},{"v":225,"d":"225.00"},0,0,0,{"v":15,"d":"15.00"},{"v":15,"d":"15.00"},{"v":225,"d":"225.00"},{"v":15,"d":"15.00"},{"v":60,"d":"60.00"},0]
[168,"油封","TC60*85*12","个",0,0,0,{"v":26,"d":"26.00"},{"v":10,"d":"10.00"},{"v":260,"d":"260.00"},0,0,0,{"v":26,"d":"26.00"},{"v":10,"d":"10.00"},{"v":260,"d":"260.00"},{"v":26,"d":"26.00"},{"v":104,"d":"104.00"},0]
[169,"油封","ZSF50*72*12","个",0,0,0,{"v":30,"d":"30.00"},{"v":8,"d":"8.00"},{"v":240,"d":"240.00"},0,0,0,{"v":30,"d":"30.00"},{"v":8,"d":"8.00"},{"v":240,"d":"240.00"},{"v":30,"d":"30.00"},{"v":96,"d":"96.00"},0]
[170,"油封","TC45*62*12","个",0,0,0,{"v":35,"d":"35.00"},{"v":7,"d":"7.00"},{"v":245,"d":"245.00"},0,0,0,{"v":35,"d":"35.00"},{"v":7,"d":"7.00"},{"v":245,"d":"245.00"},{"v":35,"d":"35.00"},{"v":98,"d":"98.00"},0]
[171,"油封","TC95*125*12","个",0,0,0,{"v":14,"d":"14.00"},{"v":12,"d":"12.00"},{"v":168,"d":"168.00"},0,0,0,{"v":14,"d":"14.00"},{"v":12,"d":"12.00"},{"v":168,"d":"168.00"},{"v":14,"d":"14.00"},{"v":56,"d":"56.00"},0]
[172,"脚钩",0,"付",0,0,0,{"v":1,"d":"1.00"},{"v":30,"d":"30.00"},{"v":30,"d":"30.00"},0,0,0,{"v":1,"d":"1.00"},{"v":30,"d":"30.00"},{"v":30,"d":"30.00"},{"v":1,"d":"1.00"},{"v":8,"d":"8.00"},0]
[173,"放炮线",0,"圈",0,0,0,{"v":8,"d":"8.00"},{"v":120,"d":"120.00"},{"v":960,"d":"960.00"},0,0,0,{"v":8,"d":"8.00"},{"v":120,"d":"120.00"},{"v":960,"d":"960.00"},{"v":8,"d":"8.00"},{"v":320,"d":"320.00"},0]
[174,"水炮泥袋",0,"个",0,0,0,{"v":1000,"d":"1,000.00"},0.01,{"v":10,"d":"10.00"},0,0,0,{"v":1000,"d":"1,000.00"},0.01,{"v":10,"d":"10.00"},{"v":1000,"d":"1,000.00"},{"v":4,"d":"4.00"},0]
[175,"钻头（一字）","42#","颗",0,0,0,{"v":40,"d":"40.00"},{"v":50,"d":"50.00"},{"v":2000,"d":"2,000.00"},0,0,0,{"v":40,"d":"40.00"},{"v":50,"d":"50.00"},{"v":2000,"d":"2,000.00"},{"v":40,"d":"40.00"},{"v":640,"d":"640.00"},0]
[176,"钻头（一字）","28#","颗",0,0,0,{"v":80,"d":"80.00"},{"v":50,"d":"50.00"},{"v":4000,"d":"4,000.00"},0,0,0,{"v":80,"d":"80.00"},{"v":50,"d":"50.00"},{"v":4000,"d":"4,000.00"},{"v":80,"d":"80.00"},{"v":1280,"d":"1,280.00"},0]
[177,"探水钻头","60#","颗",0,0,0,{"v":1,"d":"1.00"},{"v":1350,"d":"1,350.00"},{"v":1350,"d":"1,350.00"},0,0,0,{"v":1,"d":"1.00"},{"v":1350,"d":"1,350.00"},{"v":1350,"d":"1,350.00"},{"v":1,"d":"1.00"},{"v":400,"d":"400.00"},0]
[178,"探水钻头","110#","颗",0,0,0,{"v":7,"d":"7.00"},{"v":1350,"d":"1,350.00"},{"v":9450,"d":"9,450.00"},0,0,0,{"v":7,"d":"7.00"},{"v":1350,"d":"1,350.00"},{"v":9450,"d":"9,450.00"},{"v":7,"d":"7.00"},{"v":2800,"d":"2,800.00"},0]
[179,"汽腿修理包",0,"包",0,0,0,{"v":2,"d":"2.00"},{"v":8,"d":"8.00"},{"v":16,"d":"16.00"},0,0,0,{"v":2,"d":"2.00"},{"v":8,"d":"8.00"},{"v":16,"d":"16.00"},{"v":2,"d":"2.00"},{"v":6.4,"d":"6.40"},0]
[180,"消声器","YT28凿岩机配件",{"v":8,"d":"8.00"},0,0,0,{"v":8,"d":"8.00"},{"v":20,"d":"20.00"},{"v":160,"d":"160.00"},0,0,0,{"v":8,"d":"8.00"},{"v":20,"d":"20.00"},{"v":160,"d":"160.00"},{"v":8,"d":"8.00"},{"v":64,"d":"64.00"},0]
[181,"棘轮","YT28凿岩机配件","个",0,0,0,{"v":8,"d":"8.00"},{"v":80,"d":"80.00"},{"v":640,"d":"640.00"},0,0,0,{"v":8,"d":"8.00"},{"v":80,"d":"80.00"},{"v":640,"d":"640.00"},{"v":8,"d":"8.00"},{"v":320,"d":"320.00"},0]
[182,"衬套","YT28凿岩机配件","个",0,0,0,{"v":9,"d":"9.00"},{"v":60,"d":"60.00"},{"v":540,"d":"540.00"},0,0,0,{"v":9,"d":"9.00"},{"v":60,"d":"60.00"},{"v":540,"d":"540.00"},{"v":9,"d":"9.00"},{"v":180,"d":"180.00"},0]
[183,"钎卡螺栓","YT28凿岩机配件","支",0,0,0,{"v":6,"d":"6.00"},{"v":10,"d":"10.00"},{"v":60,"d":"60.00"},0,0,0,{"v":6,"d":"6.00"},{"v":10,"d":"10.00"},{"v":60,"d":"60.00"},{"v":6,"d":"6.00"},{"v":24,"d":"24.00"},0]
[184,"钎卡","YT28凿岩机配件","个",0,0,0,{"v":20,"d":"20.00"},{"v":18,"d":"18.00"},{"v":360,"d":"360.00"},0,0,0,{"v":20,"d":"20.00"},{"v":18,"d":"18.00"},{"v":360,"d":"360.00"},{"v":20,"d":"20.00"},{"v":80,"d":"80.00"},0]
[185,"螺旋棒","YT28凿岩机配件","支",0,0,0,{"v":7,"d":"7.00"},{"v":70,"d":"70.00"},{"v":490,"d":"490.00"},0,0,0,{"v":7,"d":"7.00"},{"v":70,"d":"70.00"},{"v":490,"d":"490.00"},{"v":7,"d":"7.00"},{"v":280,"d":"280.00"},0]
[186,"气管弯头","YT28凿岩机配件","个",0,0,0,{"v":45,"d":"45.00"},{"v":8,"d":"8.00"},{"v":360,"d":"360.00"},0,0,0,{"v":45,"d":"45.00"},{"v":8,"d":"8.00"},{"v":360,"d":"360.00"},{"v":45,"d":"45.00"},{"v":144,"d":"144.00"},0]
[187,"钎尾套","YT28凿岩机配件","个",0,0,0,{"v":31,"d":"31.00"},{"v":25,"d":"25.00"},{"v":775,"d":"775.00"},0,0,0,{"v":31,"d":"31.00"},{"v":25,"d":"25.00"},{"v":775,"d":"775.00"},{"v":31,"d":"31.00"},{"v":248,"d":"248.00"},0]
[188,"飞俄螺母","YT28凿岩机配件","个",0,0,0,{"v":5,"d":"5.00"},{"v":10,"d":"10.00"},{"v":50,"d":"50.00"},0,0,0,{"v":5,"d":"5.00"},{"v":10,"d":"10.00"},{"v":50,"d":"50.00"},{"v":5,"d":"5.00"},{"v":20,"d":"20.00"},0]
[189,"耳塞",0,"个",0,0,0,{"v":100,"d":"100.00"},{"v":7,"d":"7.00"},{"v":700,"d":"700.00"},0,0,0,{"v":100,"d":"100.00"},{"v":7,"d":"7.00"},{"v":700,"d":"700.00"},{"v":100,"d":"100.00"},{"v":280,"d":"280.00"},0]
[190,"烤漆球阀","Φ40","个",0,0,0,{"v":12,"d":"12.00"},{"v":25,"d":"25.00"},{"v":300,"d":"300.00"},0,0,0,{"v":12,"d":"12.00"},{"v":25,"d":"25.00"},{"v":300,"d":"300.00"},{"v":12,"d":"12.00"},{"v":96,"d":"96.00"},0]
[191,"烤漆球阀","Φ50","个",0,0,0,{"v":5,"d":"5.00"},{"v":35,"d":"35.00"},{"v":175,"d":"175.00"},0,0,0,{"v":5,"d":"5.00"},{"v":35,"d":"35.00"},{"v":175,"d":"175.00"},{"v":5,"d":"5.00"},{"v":60,"d":"60.00"},0]
[192,"镀锌钢管","Φ50","根",0,0,0,{"v":3,"d":"3.00"},77.58,232.74,0,0,0,{"v":3,"d":"3.00"},77.58,232.74,{"v":3,"d":"3.00"},{"v":120,"d":"120.00"},0]
[193,"胶活接头",{"v":50,"d":"50.00"},"个",0,0,0,{"v":30,"d":"30.00"},{"v":2,"d":"2.00"},{"v":60,"d":"60.00"},0,0,0,{"v":30,"d":"30.00"},{"v":2,"d":"2.00"},{"v":60,"d":"60.00"},{"v":30,"d":"30.00"},{"v":24,"d":"24.00"},0]
[194,"胶活接头",{"v":25,"d":"25.00"},"个",0,0,0,{"v":18,"d":"18.00"},{"v":15,"d":"15.00"},{"v":270,"d":"270.00"},0,0,0,{"v":18,"d":"18.00"},{"v":15,"d":"15.00"},{"v":270,"d":"270.00"},{"v":18,"d":"18.00"},{"v":72,"d":"72.00"},0]
[195,"胶直接头",{"v":25,"d":"25.00"},"个",0,0,0,{"v":18,"d":"18.00"},{"v":15,"d":"15.00"},{"v":270,"d":"270.00"},0,0,0,{"v":18,"d":"18.00"},{"v":15,"d":"15.00"},{"v":270,"d":"270.00"},{"v":18,"d":"18.00"},{"v":72,"d":"72.00"},0]
[196,"胶三通",{"v":15,"d":"15.00"},"个",0,0,0,{"v":20,"d":"20.00"},{"v":6.8,"d":"6.80"},{"v":136,"d":"136.00"},0,0,0,{"v":20,"d":"20.00"},{"v":6.8,"d":"6.80"},{"v":136,"d":"136.00"},{"v":20,"d":"20.00"},{"v":56,"d":"56.00"},0]
[197,"胶三通",{"v":25,"d":"25.00"},"个",0,0,0,{"v":20,"d":"20.00"},{"v":7.5,"d":"7.50"},{"v":150,"d":"150.00"},0,0,0,{"v":20,"d":"20.00"},{"v":7.5,"d":"7.50"},{"v":150,"d":"150.00"},{"v":20,"d":"20.00"},{"v":64,"d":"64.00"},0]
[198,"胶直接头",{"v":15,"d":"15.00"},"个",0,0,0,{"v":16,"d":"16.00"},7.77,124.32,0,0,0,{"v":16,"d":"16.00"},7.77,124.32,{"v":16,"d":"16.00"},{"v":51.2,"d":"51.20"},0]
[199,"胶闸阀",{"v":50,"d":"50.00"},"个",0,0,0,{"v":2,"d":"2.00"},{"v":70,"d":"70.00"},{"v":140,"d":"140.00"},0,0,0,{"v":2,"d":"2.00"},{"v":70,"d":"70.00"},{"v":140,"d":"140.00"},{"v":2,"d":"2.00"},{"v":80,"d":"80.00"},0]
[200,"PPR三通","6分","个",0,0,0,{"v":8,"d":"8.00"},{"v":2,"d":"2.00"},{"v":16,"d":"16.00"},0,0,0,{"v":8,"d":"8.00"},{"v":2,"d":"2.00"},{"v":16,"d":"16.00"},{"v":8,"d":"8.00"},{"v":6.4,"d":"6.40"},0]
[201,"锁具（锚具）",0,"个",0,0,0,{"v":32,"d":"32.00"},{"v":8,"d":"8.00"},{"v":256,"d":"256.00"},0,0,0,{"v":32,"d":"32.00"},{"v":8,"d":"8.00"},{"v":256,"d":"256.00"},{"v":32,"d":"32.00"},{"v":102.4,"d":"102.40"},0]
[202,"机车保险",0,"个",0,0,0,{"v":30,"d":"30.00"},{"v":6.5,"d":"6.50"},{"v":195,"d":"195.00"},0,0,0,{"v":30,"d":"30.00"},{"v":6.5,"d":"6.50"},{"v":195,"d":"195.00"},{"v":30,"d":"30.00"},{"v":84,"d":"84.00"},0]
[203,"滑轮","0.5T","只",0,0,0,{"v":8,"d":"8.00"},{"v":17,"d":"17.00"},{"v":136,"d":"136.00"},0,0,0,{"v":8,"d":"8.00"},{"v":17,"d":"17.00"},{"v":136,"d":"136.00"},{"v":8,"d":"8.00"},{"v":32,"d":"32.00"},0]
[204,"卡瓦","ZYO202-01（75钻机）","套",0,0,0,{"v":6,"d":"6.00"},{"v":325,"d":"325.00"},{"v":1950,"d":"1,950.00"},0,0,0,{"v":6,"d":"6.00"},{"v":325,"d":"325.00"},{"v":1950,"d":"1,950.00"},{"v":6,"d":"6.00"},{"v":720,"d":"720.00"},0]
[205,"口环",0,"个",0,0,0,{"v":2,"d":"2.00"},0,0,0,0,0,{"v":2,"d":"2.00"},0,0,{"v":2,"d":"2.00"},{"v":0.4,"d":"0.40"},0]
[206,"胶水嘴","6分","个",0,0,0,{"v":10,"d":"10.00"},{"v":6,"d":"6.00"},{"v":60,"d":"60.00"},0,0,0,{"v":10,"d":"10.00"},{"v":6,"d":"6.00"},{"v":60,"d":"60.00"},{"v":10,"d":"10.00"},{"v":24,"d":"24.00"},0]
[207,"防爆开关堵头","Ф80","个",0,0,0,{"v":39,"d":"39.00"},{"v":3.5,"d":"3.50"},{"v":136.5,"d":"136.50"},0,0,0,{"v":39,"d":"39.00"},{"v":3.5,"d":"3.50"},{"v":136.5,"d":"136.50"},{"v":39,"d":"39.00"},{"v":46.8,"d":"46.80"},0]
[208,"防爆开关堵头","Ф50","个",0,0,0,{"v":17,"d":"17.00"},{"v":3,"d":"3.00"},{"v":51,"d":"51.00"},0,0,0,{"v":17,"d":"17.00"},{"v":3,"d":"3.00"},{"v":51,"d":"51.00"},{"v":17,"d":"17.00"},{"v":20.4,"d":"20.40"},0]
[209,"焊接弯管","Φ200  45度","个",0,0,0,{"v":3,"d":"3.00"},{"v":38,"d":"38.00"},{"v":114,"d":"114.00"},0,0,0,{"v":3,"d":"3.00"},{"v":38,"d":"38.00"},{"v":114,"d":"114.00"},{"v":3,"d":"3.00"},{"v":36,"d":"36.00"},0]
[210,"焊接三通",{"v":110,"d":"110.00"},"个",0,0,0,{"v":2,"d":"2.00"},{"v":38,"d":"38.00"},{"v":76,"d":"76.00"},0,0,0,{"v":2,"d":"2.00"},{"v":38,"d":"38.00"},{"v":76,"d":"76.00"},{"v":2,"d":"2.00"},{"v":24,"d":"24.00"},0]
[211,"电缆挂钩",{"v":5,"d":"5.00"},"个",0,0,0,{"v":250,"d":"250.00"},{"v":2,"d":"2.00"},{"v":500,"d":"500.00"},0,0,0,{"v":250,"d":"250.00"},{"v":2,"d":"2.00"},{"v":500,"d":"500.00"},{"v":250,"d":"250.00"},{"v":200,"d":"200.00"},0]
[212,"电缆挂钩",{"v":15,"d":"15.00"},"个",0,0,0,{"v":50,"d":"50.00"},{"v":3,"d":"3.00"},{"v":150,"d":"150.00"},0,0,0,{"v":50,"d":"50.00"},{"v":3,"d":"3.00"},{"v":150,"d":"150.00"},{"v":50,"d":"50.00"},{"v":60,"d":"60.00"},0]
[213,"电缆挂钩",{"v":28,"d":"28.00"},"个",0,0,0,{"v":200,"d":"200.00"},{"v":4,"d":"4.00"},{"v":800,"d":"800.00"},0,0,0,{"v":200,"d":"200.00"},{"v":4,"d":"4.00"},{"v":800,"d":"800.00"},{"v":200,"d":"200.00"},{"v":320,"d":"320.00"},0]
[214,"通讯挂钩","5琏钩()","个",0,0,0,{"v":200,"d":"200.00"},{"v":7,"d":"7.00"},{"v":1400,"d":"1,400.00"},0,0,0,{"v":200,"d":"200.00"},{"v":7,"d":"7.00"},{"v":1400,"d":"1,400.00"},{"v":200,"d":"200.00"},{"v":560,"d":"560.00"},0]
[215,"电缆挂钩",{"v":86,"d":"86.00"},"个",0,0,0,{"v":74,"d":"74.00"},{"v":5,"d":"5.00"},{"v":370,"d":"370.00"},0,0,0,{"v":74,"d":"74.00"},{"v":5,"d":"5.00"},{"v":370,"d":"370.00"},{"v":74,"d":"74.00"},{"v":148,"d":"148.00"},0]
[216,"彩条布",0,"捆",0,0,0,{"v":9,"d":"9.00"},{"v":100,"d":"100.00"},{"v":900,"d":"900.00"},0,0,0,{"v":9,"d":"9.00"},{"v":100,"d":"100.00"},{"v":900,"d":"900.00"},{"v":9,"d":"9.00"},{"v":360,"d":"360.00"},0]
[217,"锚杆钎","1.5M","根",0,0,0,{"v":14,"d":"14.00"},{"v":48,"d":"48.00"},{"v":672,"d":"672.00"},0,0,0,{"v":14,"d":"14.00"},{"v":48,"d":"48.00"},{"v":672,"d":"672.00"},{"v":14,"d":"14.00"},{"v":224,"d":"224.00"},0]
[218,"锚杆钎",{"v":1.8,"d":"1.80"},"根",0,0,0,{"v":3,"d":"3.00"},{"v":45,"d":"45.00"},{"v":135,"d":"135.00"},0,0,0,{"v":3,"d":"3.00"},{"v":45,"d":"45.00"},{"v":135,"d":"135.00"},{"v":3,"d":"3.00"},{"v":48,"d":"48.00"},0]
[219,"锚杆钎",{"v":1.2,"d":"1.20"},"根",0,0,0,{"v":1,"d":"1.00"},{"v":29,"d":"29.00"},{"v":29,"d":"29.00"},0,0,0,{"v":1,"d":"1.00"},{"v":29,"d":"29.00"},{"v":29,"d":"29.00"},{"v":1,"d":"1.00"},{"v":8,"d":"8.00"},0]
[220,"声光组合信号器","KXH0.2-127","台",0,0,0,{"v":2,"d":"2.00"},198.28,396.56,0,0,0,{"v":2,"d":"2.00"},198.28,396.56,{"v":2,"d":"2.00"},{"v":160,"d":"160.00"},0]
[221,"绅缩风筒",0,"根",0,0,0,{"v":2,"d":"2.00"},{"v":585,"d":"585.00"},{"v":1170,"d":"1,170.00"},0,0,0,{"v":2,"d":"2.00"},{"v":585,"d":"585.00"},{"v":1170,"d":"1,170.00"},{"v":2,"d":"2.00"},{"v":400,"d":"400.00"},0]
[222,"压风自救装箱","ZYJ","台",0,0,0,{"v":10,"d":"10.00"},{"v":1150,"d":"1,150.00"},{"v":11500,"d":"11,500.00"},0,0,0,{"v":10,"d":"10.00"},{"v":1150,"d":"1,150.00"},{"v":11500,"d":"11,500.00"},{"v":10,"d":"10.00"},{"v":3200,"d":"3,200.00"},0]
[223,"压风自救装置","ZYJ","个",0,0,0,{"v":125,"d":"125.00"},{"v":135,"d":"135.00"},{"v":16875,"d":"16,875.00"},0,0,0,{"v":125,"d":"125.00"},{"v":135,"d":"135.00"},{"v":16875,"d":"16,875.00"},{"v":125,"d":"125.00"},{"v":5000,"d":"5,000.00"},0]
[224,"压风自救减压气囊",0,"个",0,0,0,{"v":70,"d":"70.00"},{"v":30,"d":"30.00"},{"v":2100,"d":"2,100.00"},0,0,0,{"v":70,"d":"70.00"},{"v":30,"d":"30.00"},{"v":2100,"d":"2,100.00"},{"v":70,"d":"70.00"},{"v":560,"d":"560.00"},0]
[225,"跌落保险",0,"组",0,0,0,{"v":1,"d":"1.00"},{"v":1300,"d":"1,300.00"},{"v":1300,"d":"1,300.00"},0,0,0,{"v":1,"d":"1.00"},{"v":1300,"d":"1,300.00"},{"v":1300,"d":"1,300.00"},{"v":1,"d":"1.00"},{"v":360,"d":"360.00"},0]
[226,"空气滤心器","空压机20立方","个",0,0,0,{"v":10,"d":"10.00"},{"v":320,"d":"320.00"},{"v":3200,"d":"3,200.00"},0,0,0,{"v":10,"d":"10.00"},{"v":320,"d":"320.00"},{"v":3200,"d":"3,200.00"},{"v":10,"d":"10.00"},{"v":1200,"d":"1,200.00"},0]
[227,"机油滤心器","空压机20立方","个",0,0,0,{"v":7,"d":"7.00"},{"v":175,"d":"175.00"},{"v":1225,"d":"1,225.00"},0,0,0,{"v":7,"d":"7.00"},{"v":175,"d":"175.00"},{"v":1225,"d":"1,225.00"},{"v":7,"d":"7.00"},{"v":280,"d":"280.00"},0]
[228,"保温饭盒",0,"个",0,0,0,{"v":25,"d":"25.00"},{"v":50,"d":"50.00"},{"v":1250,"d":"1,250.00"},0,0,0,{"v":25,"d":"25.00"},{"v":50,"d":"50.00"},{"v":1250,"d":"1,250.00"},{"v":25,"d":"25.00"},{"v":400,"d":"400.00"},0]
[229,"远程压力表",0,"个",0,0,0,{"v":2,"d":"2.00"},{"v":165,"d":"165.00"},{"v":330,"d":"330.00"},0,0,0,{"v":2,"d":"2.00"},{"v":165,"d":"165.00"},{"v":330,"d":"330.00"},{"v":2,"d":"2.00"},{"v":80,"d":"80.00"},0]
[230,"耐震压力表",0,"个",0,0,0,{"v":4,"d":"4.00"},{"v":330,"d":"330.00"},{"v":1320,"d":"1,320.00"},0,0,0,{"v":4,"d":"4.00"},{"v":330,"d":"330.00"},{"v":1320,"d":"1,320.00"},{"v":4,"d":"4.00"},{"v":480,"d":"480.00"},0]
[231,"压力表","1.6MPa","个",0,0,0,{"v":3,"d":"3.00"},{"v":330,"d":"330.00"},{"v":990,"d":"990.00"},0,0,0,{"v":3,"d":"3.00"},{"v":330,"d":"330.00"},{"v":990,"d":"990.00"},{"v":3,"d":"3.00"},{"v":360,"d":"360.00"},0]
[232,"压力表","0.8MPa","个",0,0,0,{"v":1,"d":"1.00"},{"v":330,"d":"330.00"},{"v":330,"d":"330.00"},0,0,0,{"v":1,"d":"1.00"},{"v":330,"d":"330.00"},{"v":330,"d":"330.00"},{"v":1,"d":"1.00"},{"v":120,"d":"120.00"},0]
[233,"视频线","75—3","米",0,0,0,{"v":100,"d":"100.00"},{"v":3.2,"d":"3.20"},{"v":320,"d":"320.00"},0,0,0,{"v":100,"d":"100.00"},{"v":3.2,"d":"3.20"},{"v":320,"d":"320.00"},{"v":100,"d":"100.00"},{"v":120,"d":"120.00"},0]
[234,"凡仕林",0,"瓶",0,0,0,{"v":4,"d":"4.00"},{"v":18,"d":"18.00"},{"v":72,"d":"72.00"},0,0,0,{"v":4,"d":"4.00"},{"v":18,"d":"18.00"},{"v":72,"d":"72.00"},{"v":4,"d":"4.00"},{"v":16,"d":"16.00"},0]
[235,"千斤顶","2T","台",0,0,0,{"v":1,"d":"1.00"},{"v":35,"d":"35.00"},{"v":35,"d":"35.00"},0,0,0,{"v":1,"d":"1.00"},{"v":35,"d":"35.00"},{"v":35,"d":"35.00"},{"v":1,"d":"1.00"},{"v":12,"d":"12.00"},0]
[236,"千斤顶","5T","台",0,0,0,{"v":2,"d":"2.00"},{"v":60,"d":"60.00"},{"v":120,"d":"120.00"},0,0,0,{"v":2,"d":"2.00"},{"v":60,"d":"60.00"},{"v":120,"d":"120.00"},{"v":2,"d":"2.00"},{"v":40,"d":"40.00"},0]
[237,"尼龙棒","Φ60","根",0,0,0,{"v":2,"d":"2.00"},{"v":42,"d":"42.00"},{"v":84,"d":"84.00"},0,0,0,{"v":2,"d":"2.00"},{"v":42,"d":"42.00"},{"v":84,"d":"84.00"},{"v":2,"d":"2.00"},{"v":24,"d":"24.00"},0]
[238,"尼龙棒","Φ40","根",0,0,0,{"v":30,"d":"30.00"},{"v":42,"d":"42.00"},{"v":1260,"d":"1,260.00"},0,0,0,{"v":30,"d":"30.00"},{"v":42,"d":"42.00"},{"v":1260,"d":"1,260.00"},{"v":30,"d":"30.00"},{"v":360,"d":"360.00"},0]
[239,"尼龙棒","Φ38","根",0,0,0,{"v":5,"d":"5.00"},{"v":28,"d":"28.00"},{"v":140,"d":"140.00"},0,0,0,{"v":5,"d":"5.00"},{"v":28,"d":"28.00"},{"v":140,"d":"140.00"},{"v":5,"d":"5.00"},{"v":40,"d":"40.00"},0]
[240,"尼龙棒","Φ25","根",0,0,0,{"v":22,"d":"22.00"},{"v":28,"d":"28.00"},{"v":616,"d":"616.00"},0,0,0,{"v":22,"d":"22.00"},{"v":28,"d":"28.00"},{"v":616,"d":"616.00"},{"v":22,"d":"22.00"},{"v":176,"d":"176.00"},0]
[241,"喇叭嘴",{"v":36,"d":"36.00"},"个",0,0,0,{"v":9,"d":"9.00"},{"v":40,"d":"40.00"},{"v":360,"d":"360.00"},0,0,0,{"v":9,"d":"9.00"},{"v":40,"d":"40.00"},{"v":360,"d":"360.00"},{"v":9,"d":"9.00"},{"v":108,"d":"108.00"},0]
[242,"喇叭嘴",{"v":103,"d":"103.00"},"个",0,0,0,{"v":15,"d":"15.00"},{"v":46,"d":"46.00"},{"v":690,"d":"690.00"},0,0,0,{"v":15,"d":"15.00"},{"v":46,"d":"46.00"},{"v":690,"d":"690.00"},{"v":15,"d":"15.00"},{"v":240,"d":"240.00"},0]
[243,"喇叭嘴",{"v":68,"d":"68.00"},"个",0,0,0,{"v":30,"d":"30.00"},{"v":42,"d":"42.00"},{"v":1260,"d":"1,260.00"},0,0,0,{"v":30,"d":"30.00"},{"v":42,"d":"42.00"},{"v":1260,"d":"1,260.00"},{"v":30,"d":"30.00"},{"v":360,"d":"360.00"},0]
[244,"喇叭嘴","25（A）","个",0,0,0,{"v":3,"d":"3.00"},{"v":41.8,"d":"41.80"},{"v":125.4,"d":"125.40"},0,0,0,{"v":3,"d":"3.00"},{"v":41.8,"d":"41.80"},{"v":125.4,"d":"125.40"},{"v":3,"d":"3.00"},{"v":36,"d":"36.00"},0]
[245,"喇叭嘴","45（A）","个",0,0,0,{"v":8,"d":"8.00"},{"v":41.8,"d":"41.80"},{"v":334.4,"d":"334.40"},0,0,0,{"v":8,"d":"8.00"},{"v":41.8,"d":"41.80"},{"v":334.4,"d":"334.40"},{"v":8,"d":"8.00"},{"v":96,"d":"96.00"},0]
[246,"刹车带","0.8米绞车","根",0,0,0,{"v":3,"d":"3.00"},{"v":125,"d":"125.00"},{"v":375,"d":"375.00"},0,0,0,{"v":3,"d":"3.00"},{"v":125,"d":"125.00"},{"v":375,"d":"375.00"},{"v":3,"d":"3.00"},{"v":120,"d":"120.00"},0]
[247,"无石棉闸瓦",0,"块",0,0,0,{"v":22,"d":"22.00"},{"v":330,"d":"330.00"},{"v":7260,"d":"7,260.00"},0,0,0,{"v":22,"d":"22.00"},{"v":330,"d":"330.00"},{"v":7260,"d":"7,260.00"},{"v":22,"d":"22.00"},{"v":2640,"d":"2,640.00"},0]
[248,"煤钻杆","1.2M","根",0,0,0,{"v":7,"d":"7.00"},{"v":29,"d":"29.00"},{"v":203,"d":"203.00"},0,0,0,{"v":7,"d":"7.00"},{"v":29,"d":"29.00"},{"v":203,"d":"203.00"},{"v":7,"d":"7.00"},{"v":56,"d":"56.00"},0]
[249,"煤钻杆","1.5M","根",0,0,0,{"v":3,"d":"3.00"},{"v":59,"d":"59.00"},{"v":177,"d":"177.00"},0,0,0,{"v":3,"d":"3.00"},{"v":59,"d":"59.00"},{"v":177,"d":"177.00"},{"v":3,"d":"3.00"},{"v":60,"d":"60.00"},0]
[250,"煤钻头",0,"个",0,0,0,{"v":24,"d":"24.00"},{"v":14,"d":"14.00"},{"v":336,"d":"336.00"},0,0,0,{"v":24,"d":"24.00"},{"v":14,"d":"14.00"},{"v":336,"d":"336.00"},{"v":24,"d":"24.00"},{"v":96,"d":"96.00"},0]
[251,"风镐钎",0,"根",0,0,0,{"v":22,"d":"22.00"},{"v":30,"d":"30.00"},{"v":660,"d":"660.00"},0,0,0,{"v":22,"d":"22.00"},{"v":30,"d":"30.00"},{"v":660,"d":"660.00"},{"v":22,"d":"22.00"},{"v":176,"d":"176.00"},0]
[252,"尖掏扒",0,"把",0,0,0,{"v":29,"d":"29.00"},{"v":18,"d":"18.00"},{"v":522,"d":"522.00"},0,0,0,{"v":29,"d":"29.00"},{"v":18,"d":"18.00"},{"v":522,"d":"522.00"},{"v":29,"d":"29.00"},{"v":116,"d":"116.00"},0]
[253,"方掏扒",0,"把",0,0,0,{"v":20,"d":"20.00"},{"v":18,"d":"18.00"},{"v":360,"d":"360.00"},0,0,0,{"v":20,"d":"20.00"},{"v":18,"d":"18.00"},{"v":360,"d":"360.00"},{"v":20,"d":"20.00"},{"v":80,"d":"80.00"},0]
[254,"隔爆型控制按钮","三位","只",0,0,0,{"v":7,"d":"7.00"},{"v":70,"d":"70.00"},{"v":490,"d":"490.00"},0,0,0,{"v":7,"d":"7.00"},{"v":70,"d":"70.00"},{"v":490,"d":"490.00"},{"v":7,"d":"7.00"},{"v":280,"d":"280.00"},0]
[255,"隔爆型控制按钮","二位","只",0,0,0,{"v":5,"d":"5.00"},{"v":60,"d":"60.00"},{"v":300,"d":"300.00"},0,0,0,{"v":5,"d":"5.00"},{"v":60,"d":"60.00"},{"v":300,"d":"300.00"},{"v":5,"d":"5.00"},{"v":100,"d":"100.00"},0]
[256,"十字镐",0,"把",0,0,0,{"v":5,"d":"5.00"},{"v":22,"d":"22.00"},{"v":110,"d":"110.00"},0,0,0,{"v":5,"d":"5.00"},{"v":22,"d":"22.00"},{"v":110,"d":"110.00"},{"v":5,"d":"5.00"},{"v":40,"d":"40.00"},0]
[257,"电煤钻",0,"台",0,0,0,{"v":2,"d":"2.00"},{"v":1160,"d":"1,160.00"},{"v":2320,"d":"2,320.00"},0,0,0,{"v":2,"d":"2.00"},{"v":1160,"d":"1,160.00"},{"v":2320,"d":"2,320.00"},{"v":2,"d":"2.00"},{"v":640,"d":"640.00"},0]
[258,"轴承",{"v":6220,"d":"6,220.00"},"套",0,0,0,{"v":4,"d":"4.00"},{"v":320,"d":"320.00"},{"v":1280,"d":"1,280.00"},0,0,0,{"v":4,"d":"4.00"},{"v":320,"d":"320.00"},{"v":1280,"d":"1,280.00"},{"v":4,"d":"4.00"},{"v":480,"d":"480.00"},0]
[259,"轴承",{"v":6314,"d":"6,314.00"},"套",0,0,0,{"v":5,"d":"5.00"},{"v":135,"d":"135.00"},{"v":675,"d":"675.00"},0,0,0,{"v":5,"d":"5.00"},{"v":135,"d":"135.00"},{"v":675,"d":"675.00"},{"v":5,"d":"5.00"},{"v":200,"d":"200.00"},0]
[260,"轴承","22211-33","套",0,0,0,{"v":5,"d":"5.00"},{"v":180,"d":"180.00"},{"v":900,"d":"900.00"},0,0,0,{"v":5,"d":"5.00"},{"v":180,"d":"180.00"},{"v":900,"d":"900.00"},{"v":5,"d":"5.00"},{"v":200,"d":"200.00"},0]
[261,"轴承","22312-33","套",0,0,0,{"v":8,"d":"8.00"},{"v":210,"d":"210.00"},{"v":1680,"d":"1,680.00"},0,0,0,{"v":8,"d":"8.00"},{"v":210,"d":"210.00"},{"v":1680,"d":"1,680.00"},{"v":8,"d":"8.00"},{"v":640,"d":"640.00"},0]
[262,"轴承","22313-33","套",0,0,0,{"v":3,"d":"3.00"},{"v":240,"d":"240.00"},{"v":720,"d":"720.00"},0,0,0,{"v":3,"d":"3.00"},{"v":240,"d":"240.00"},{"v":720,"d":"720.00"},{"v":3,"d":"3.00"},{"v":240,"d":"240.00"},0]
[263,"轴承",{"v":22210,"d":"22,210.00"},"套",0,0,0,{"v":6,"d":"6.00"},{"v":35,"d":"35.00"},{"v":210,"d":"210.00"},0,0,0,{"v":6,"d":"6.00"},{"v":35,"d":"35.00"},{"v":210,"d":"210.00"},{"v":6,"d":"6.00"},{"v":72,"d":"72.00"},0]
[264,"轴承",{"v":22309,"d":"22,309.00"},"套",0,0,0,{"v":30,"d":"30.00"},{"v":40,"d":"40.00"},{"v":1200,"d":"1,200.00"},0,0,0,{"v":30,"d":"30.00"},{"v":40,"d":"40.00"},{"v":1200,"d":"1,200.00"},{"v":30,"d":"30.00"},{"v":360,"d":"360.00"},0]
[265,"轴承",{"v":32310,"d":"32,310.00"},"套",0,0,0,{"v":4,"d":"4.00"},{"v":85,"d":"85.00"},{"v":340,"d":"340.00"},0,0,0,{"v":4,"d":"4.00"},{"v":85,"d":"85.00"},{"v":340,"d":"340.00"},{"v":4,"d":"4.00"},{"v":160,"d":"160.00"},0]
[266,"轴承","22316-33","套",0,0,0,{"v":4,"d":"4.00"},{"v":340,"d":"340.00"},{"v":1360,"d":"1,360.00"},0,0,0,{"v":4,"d":"4.00"},{"v":340,"d":"340.00"},{"v":1360,"d":"1,360.00"},{"v":4,"d":"4.00"},{"v":480,"d":"480.00"},0]
[267,"轴承","N310E","套",0,0,0,{"v":1,"d":"1.00"},{"v":90,"d":"90.00"},{"v":90,"d":"90.00"},0,0,0,{"v":1,"d":"1.00"},{"v":90,"d":"90.00"},{"v":90,"d":"90.00"},{"v":1,"d":"1.00"},{"v":40,"d":"40.00"},0]
[268,"轴承",{"v":6312,"d":"6,312.00"},"套",0,0,0,{"v":6,"d":"6.00"},{"v":90,"d":"90.00"},{"v":540,"d":"540.00"},0,0,0,{"v":6,"d":"6.00"},{"v":90,"d":"90.00"},{"v":540,"d":"540.00"},{"v":6,"d":"6.00"},{"v":240,"d":"240.00"},0]
[269,"轴承",{"v":36306,"d":"36,306.00"},"套",0,0,0,{"v":2,"d":"2.00"},{"v":60,"d":"60.00"},{"v":120,"d":"120.00"},0,0,0,{"v":2,"d":"2.00"},{"v":60,"d":"60.00"},{"v":120,"d":"120.00"},{"v":2,"d":"2.00"},{"v":40,"d":"40.00"},0]
[270,"轴承",{"v":22220,"d":"22,220.00"},"套",0,0,0,{"v":10,"d":"10.00"},{"v":90,"d":"90.00"},{"v":900,"d":"900.00"},0,0,0,{"v":10,"d":"10.00"},{"v":90,"d":"90.00"},{"v":900,"d":"900.00"},{"v":10,"d":"10.00"},{"v":400,"d":"400.00"},0]
[271,"煤电钻总成",0,"个",0,0,0,{"v":8,"d":"8.00"},{"v":410,"d":"410.00"},{"v":3280,"d":"3,280.00"},0,0,0,{"v":8,"d":"8.00"},{"v":410,"d":"410.00"},{"v":3280,"d":"3,280.00"},{"v":8,"d":"8.00"},{"v":960,"d":"960.00"},0]
[272,"风煤钻总成",0,"个",0,0,0,{"v":22,"d":"22.00"},{"v":59,"d":"59.00"},{"v":1298,"d":"1,298.00"},0,0,0,{"v":22,"d":"22.00"},{"v":59,"d":"59.00"},{"v":1298,"d":"1,298.00"},{"v":22,"d":"22.00"},{"v":440,"d":"440.00"},0]
[273,"牛筋地滚",0,"个",0,0,0,{"v":23,"d":"23.00"},{"v":165,"d":"165.00"},{"v":3795,"d":"3,795.00"},0,0,0,{"v":23,"d":"23.00"},{"v":165,"d":"165.00"},{"v":3795,"d":"3,795.00"},{"v":23,"d":"23.00"},{"v":920,"d":"920.00"},0]
[274,"铜管(铜线端子）",{"v":25,"d":"25.00"},"根",0,0,0,{"v":10,"d":"10.00"},{"v":2.5,"d":"2.50"},{"v":25,"d":"25.00"},0,0,0,{"v":10,"d":"10.00"},{"v":2.5,"d":"2.50"},{"v":25,"d":"25.00"},{"v":10,"d":"10.00"},{"v":12,"d":"12.00"},0]
[275,"铜管(铜线端子）",{"v":35,"d":"35.00"},"根",0,0,0,{"v":20,"d":"20.00"},{"v":3.5,"d":"3.50"},{"v":70,"d":"70.00"},0,0,0,{"v":20,"d":"20.00"},{"v":3.5,"d":"3.50"},{"v":70,"d":"70.00"},{"v":20,"d":"20.00"},{"v":32,"d":"32.00"},0]
[276,"铜线耳（铜线鼻子）","60A","个",0,0,0,{"v":10,"d":"10.00"},{"v":0.6,"d":"0.60"},{"v":6,"d":"6.00"},0,0,0,{"v":10,"d":"10.00"},{"v":0.6,"d":"0.60"},{"v":6,"d":"6.00"},{"v":10,"d":"10.00"},{"v":4,"d":"4.00"},0]
[277,"铜线耳（铜线鼻子）","100A","个",0,0,0,{"v":40,"d":"40.00"},0.85,{"v":34,"d":"34.00"},0,0,0,{"v":40,"d":"40.00"},0.85,{"v":34,"d":"34.00"},{"v":40,"d":"40.00"},{"v":16,"d":"16.00"},0]
[278,"铜线耳（铜线鼻子）","200A","个",0,0,0,{"v":50,"d":"50.00"},{"v":1.5,"d":"1.50"},{"v":75,"d":"75.00"},0,0,0,{"v":50,"d":"50.00"},{"v":1.5,"d":"1.50"},{"v":75,"d":"75.00"},{"v":50,"d":"50.00"},{"v":40,"d":"40.00"},0]
[279,"铜线耳（铜线鼻子）","400A","个",0,0,0,{"v":10,"d":"10.00"},{"v":4,"d":"4.00"},{"v":40,"d":"40.00"},0,0,0,{"v":10,"d":"10.00"},{"v":4,"d":"4.00"},{"v":40,"d":"40.00"},{"v":10,"d":"10.00"},{"v":16,"d":"16.00"},0]
[280,"铜铝线夹","JBTL-3","个",0,0,0,{"v":3,"d":"3.00"},{"v":70,"d":"70.00"},{"v":210,"d":"210.00"},0,0,0,{"v":3,"d":"3.00"},{"v":70,"d":"70.00"},{"v":210,"d":"210.00"},{"v":3,"d":"3.00"},{"v":120,"d":"120.00"},0]
[281,"铝线夹","JB-3","个",0,0,0,{"v":13,"d":"13.00"},{"v":24,"d":"24.00"},{"v":312,"d":"312.00"},0,0,0,{"v":13,"d":"13.00"},{"v":24,"d":"24.00"},{"v":312,"d":"312.00"},{"v":13,"d":"13.00"},{"v":104,"d":"104.00"},0]
[282,"氧气管",0,"圈",0,0,0,{"v":1,"d":"1.00"},{"v":50,"d":"50.00"},{"v":50,"d":"50.00"},0,0,0,{"v":1,"d":"1.00"},{"v":50,"d":"50.00"},{"v":50,"d":"50.00"},{"v":1,"d":"1.00"},{"v":16,"d":"16.00"},0]
[283,"乙炔管",0,"圈",0,0,0,{"v":1,"d":"1.00"},{"v":50,"d":"50.00"},{"v":50,"d":"50.00"},0,0,0,{"v":1,"d":"1.00"},{"v":50,"d":"50.00"},{"v":50,"d":"50.00"},{"v":1,"d":"1.00"},{"v":16,"d":"16.00"},0]
[284,"防尘喷头",0,"颗",0,0,0,{"v":50,"d":"50.00"},{"v":10,"d":"10.00"},{"v":500,"d":"500.00"},0,0,0,{"v":50,"d":"50.00"},{"v":10,"d":"10.00"},{"v":500,"d":"500.00"},{"v":50,"d":"50.00"},{"v":200,"d":"200.00"},0]
[285,"U型环","2T","个",0,0,0,{"v":2,"d":"2.00"},{"v":15,"d":"15.00"},{"v":30,"d":"30.00"},0,0,0,{"v":2,"d":"2.00"},{"v":15,"d":"15.00"},{"v":30,"d":"30.00"},{"v":2,"d":"2.00"},{"v":8,"d":"8.00"},0]
[286,"U型环","2.8T","个",0,0,0,{"v":5,"d":"5.00"},{"v":20,"d":"20.00"},{"v":100,"d":"100.00"},0,0,0,{"v":5,"d":"5.00"},{"v":20,"d":"20.00"},{"v":100,"d":"100.00"},{"v":5,"d":"5.00"},{"v":40,"d":"40.00"},0]
[287,"专用密用圈（注塞密封圈）","乳化泵配件","盒",0,0,0,{"v":2,"d":"2.00"},{"v":5.5,"d":"5.50"},{"v":11,"d":"11.00"},0,0,0,{"v":2,"d":"2.00"},{"v":5.5,"d":"5.50"},{"v":11,"d":"11.00"},{"v":2,"d":"2.00"},{"v":4.8,"d":"4.80"},0]
[288,"镜片",0,"块",0,0,0,{"v":25,"d":"25.00"},{"v":0.6,"d":"0.60"},{"v":15,"d":"15.00"},0,0,0,{"v":25,"d":"25.00"},{"v":0.6,"d":"0.60"},{"v":15,"d":"15.00"},{"v":25,"d":"25.00"},{"v":10,"d":"10.00"},0]
[289,"直柄钻花","6#","支",0,0,0,{"v":15,"d":"15.00"},{"v":3,"d":"3.00"},{"v":45,"d":"45.00"},0,0,0,{"v":15,"d":"15.00"},{"v":3,"d":"3.00"},{"v":45,"d":"45.00"},{"v":15,"d":"15.00"},{"v":18,"d":"18.00"},0]
[290,"直柄钻花","8#","支",0,0,0,{"v":20,"d":"20.00"},{"v":4,"d":"4.00"},{"v":80,"d":"80.00"},0,0,0,{"v":20,"d":"20.00"},{"v":4,"d":"4.00"},{"v":80,"d":"80.00"},{"v":20,"d":"20.00"},{"v":32,"d":"32.00"},0]
[291,"直柄钻花","10#","支",0,0,0,{"v":16,"d":"16.00"},{"v":9,"d":"9.00"},{"v":144,"d":"144.00"},0,0,0,{"v":16,"d":"16.00"},{"v":9,"d":"9.00"},{"v":144,"d":"144.00"},{"v":16,"d":"16.00"},{"v":57.6,"d":"57.60"},0]
[292,"直柄钻花","12#","支",0,0,0,{"v":20,"d":"20.00"},{"v":12,"d":"12.00"},{"v":240,"d":"240.00"},0,0,0,{"v":20,"d":"20.00"},{"v":12,"d":"12.00"},{"v":240,"d":"240.00"},{"v":20,"d":"20.00"},{"v":80,"d":"80.00"},0]
[293,"电锤钻花","10#","支",0,0,0,{"v":9,"d":"9.00"},{"v":9,"d":"9.00"},{"v":81,"d":"81.00"},0,0,0,{"v":9,"d":"9.00"},{"v":9,"d":"9.00"},{"v":81,"d":"81.00"},{"v":9,"d":"9.00"},{"v":32.4,"d":"32.40"},0]
[294,"电锤钻花","12#","支",0,0,0,{"v":5,"d":"5.00"},{"v":12,"d":"12.00"},{"v":60,"d":"60.00"},0,0,0,{"v":5,"d":"5.00"},{"v":12,"d":"12.00"},{"v":60,"d":"60.00"},{"v":5,"d":"5.00"},{"v":20,"d":"20.00"},0]
[295,"皮托管",0,"支",0,0,0,{"v":2,"d":"2.00"},{"v":390,"d":"390.00"},{"v":780,"d":"780.00"},0,0,0,{"v":2,"d":"2.00"},{"v":390,"d":"390.00"},{"v":780,"d":"780.00"},{"v":2,"d":"2.00"},{"v":240,"d":"240.00"},0]
[296,"视频线专用接头",0,"只",0,0,0,{"v":50,"d":"50.00"},{"v":1,"d":"1.00"},{"v":50,"d":"50.00"},0,0,0,{"v":50,"d":"50.00"},{"v":1,"d":"1.00"},{"v":50,"d":"50.00"},{"v":50,"d":"50.00"},{"v":20,"d":"20.00"},0]
[297,"钢丝绳卡","6#","个",0,0,0,{"v":30,"d":"30.00"},{"v":1,"d":"1.00"},{"v":30,"d":"30.00"},0,0,0,{"v":30,"d":"30.00"},{"v":1,"d":"1.00"},{"v":30,"d":"30.00"},{"v":30,"d":"30.00"},{"v":12,"d":"12.00"},0]
[298,"钢丝绳卡","25#","个",0,0,0,{"v":12,"d":"12.00"},{"v":8.5,"d":"8.50"},{"v":102,"d":"102.00"},0,0,0,{"v":12,"d":"12.00"},{"v":8.5,"d":"8.50"},{"v":102,"d":"102.00"},{"v":12,"d":"12.00"},{"v":43.2,"d":"43.20"},0]
[299,"机芯环",{"v":15,"d":"15.00"},"个",0,0,0,{"v":2,"d":"2.00"},{"v":8,"d":"8.00"},{"v":16,"d":"16.00"},0,0,0,{"v":2,"d":"2.00"},{"v":8,"d":"8.00"},{"v":16,"d":"16.00"},{"v":2,"d":"2.00"},{"v":6.4,"d":"6.40"},0]
[300,"机芯环",{"v":25,"d":"25.00"},"个",0,0,0,{"v":6,"d":"6.00"},{"v":10,"d":"10.00"},{"v":60,"d":"60.00"},0,0,0,{"v":6,"d":"6.00"},{"v":10,"d":"10.00"},{"v":60,"d":"60.00"},{"v":6,"d":"6.00"},{"v":24,"d":"24.00"},0]
[301,"喷浆管快速接头",0,"个",0,0,0,{"v":10,"d":"10.00"},{"v":8,"d":"8.00"},{"v":80,"d":"80.00"},0,0,0,{"v":10,"d":"10.00"},{"v":8,"d":"8.00"},{"v":80,"d":"80.00"},{"v":10,"d":"10.00"},{"v":32,"d":"32.00"},0]
[302,"锚锤",0,"个",0,0,0,{"v":7,"d":"7.00"},{"v":55,"d":"55.00"},{"v":385,"d":"385.00"},0,0,0,{"v":7,"d":"7.00"},{"v":55,"d":"55.00"},{"v":385,"d":"385.00"},{"v":7,"d":"7.00"},{"v":140,"d":"140.00"},0]
[303,"碟形弹簧","90θ","个",0,0,0,{"v":66,"d":"66.00"},{"v":146,"d":"146.00"},{"v":9636,"d":"9,636.00"},0,0,0,{"v":66,"d":"66.00"},{"v":146,"d":"146.00"},{"v":9636,"d":"9,636.00"},{"v":66,"d":"66.00"},{"v":2640,"d":"2,640.00"},0]
[304,"碟形弹簧","70θ","个",0,0,0,{"v":40,"d":"40.00"},{"v":146,"d":"146.00"},{"v":5840,"d":"5,840.00"},0,0,0,{"v":40,"d":"40.00"},{"v":146,"d":"146.00"},{"v":5840,"d":"5,840.00"},{"v":40,"d":"40.00"},{"v":1600,"d":"1,600.00"},0]
[305,"喇叭口",0,"个",0,0,0,{"v":65,"d":"65.00"},{"v":40,"d":"40.00"},{"v":2600,"d":"2,600.00"},0,0,0,{"v":65,"d":"65.00"},{"v":40,"d":"40.00"},{"v":2600,"d":"2,600.00"},{"v":65,"d":"65.00"},{"v":780,"d":"780.00"},0]
[306,"隔爆接线盒","25A/2T","个",0,0,0,{"v":6,"d":"6.00"},{"v":72,"d":"72.00"},{"v":432,"d":"432.00"},0,0,0,{"v":6,"d":"6.00"},{"v":72,"d":"72.00"},{"v":432,"d":"432.00"},{"v":6,"d":"6.00"},{"v":240,"d":"240.00"},0]
[307,"隔爆接线盒","25A/3T","个",0,0,0,{"v":5,"d":"5.00"},{"v":70,"d":"70.00"},{"v":350,"d":"350.00"},0,0,0,{"v":5,"d":"5.00"},{"v":70,"d":"70.00"},{"v":350,"d":"350.00"},{"v":5,"d":"5.00"},{"v":200,"d":"200.00"},0]
[308,"隔爆接线盒","40A/2T","个",0,0,0,{"v":3,"d":"3.00"},{"v":70,"d":"70.00"},{"v":210,"d":"210.00"},0,0,0,{"v":3,"d":"3.00"},{"v":70,"d":"70.00"},{"v":210,"d":"210.00"},{"v":3,"d":"3.00"},{"v":120,"d":"120.00"},0]
[309,"乳化泵曲轴",0,"根",0,0,0,{"v":1,"d":"1.00"},{"v":2600,"d":"2,600.00"},{"v":2600,"d":"2,600.00"},0,0,0,{"v":1,"d":"1.00"},{"v":2600,"d":"2,600.00"},{"v":2600,"d":"2,600.00"},{"v":1,"d":"1.00"},{"v":760,"d":"760.00"},0]
[310,"水泵底阀","100θ","个",0,0,0,{"v":1,"d":"1.00"},{"v":85,"d":"85.00"},{"v":85,"d":"85.00"},0,0,0,{"v":1,"d":"1.00"},{"v":85,"d":"85.00"},{"v":85,"d":"85.00"},{"v":1,"d":"1.00"},{"v":40,"d":"40.00"},0]
[311,"水泵底阀",{"v":50,"d":"50.00"},"个",0,0,0,{"v":1,"d":"1.00"},{"v":80,"d":"80.00"},{"v":80,"d":"80.00"},0,0,0,{"v":1,"d":"1.00"},{"v":80,"d":"80.00"},{"v":80,"d":"80.00"},{"v":1,"d":"1.00"},{"v":40,"d":"40.00"},0]
[312,"白板笔",0,"支",0,0,0,{"v":3,"d":"3.00"},{"v":2.8,"d":"2.80"},{"v":8.4,"d":"8.40"},0,0,0,{"v":3,"d":"3.00"},{"v":2.8,"d":"2.80"},{"v":8.4,"d":"8.40"},{"v":3,"d":"3.00"},{"v":3.6,"d":"3.60"},0]
[313,"溢流阀","液压钻机配件","个",0,0,0,{"v":2,"d":"2.00"},{"v":150,"d":"150.00"},{"v":300,"d":"300.00"},0,0,0,{"v":2,"d":"2.00"},{"v":150,"d":"150.00"},{"v":300,"d":"300.00"},{"v":2,"d":"2.00"},{"v":80,"d":"80.00"},0]
[314,"节流阀","液压钻机配件","个",0,0,0,{"v":1,"d":"1.00"},{"v":150,"d":"150.00"},{"v":150,"d":"150.00"},0,0,0,{"v":1,"d":"1.00"},{"v":150,"d":"150.00"},{"v":150,"d":"150.00"},{"v":1,"d":"1.00"},{"v":40,"d":"40.00"},0]
[315,"液压轴",0,"根",0,0,0,{"v":2,"d":"2.00"},{"v":1500,"d":"1,500.00"},{"v":3000,"d":"3,000.00"},0,0,0,{"v":2,"d":"2.00"},{"v":1500,"d":"1,500.00"},{"v":3000,"d":"3,000.00"},{"v":2,"d":"2.00"},{"v":880,"d":"880.00"},0]
[316,"法兰盘","50mm","个",0,0,0,{"v":80,"d":"80.00"},{"v":17,"d":"17.00"},{"v":1360,"d":"1,360.00"},0,0,0,{"v":80,"d":"80.00"},{"v":17,"d":"17.00"},{"v":1360,"d":"1,360.00"},{"v":80,"d":"80.00"},{"v":320,"d":"320.00"},0]
[317,"法兰盘","90mm","个",0,0,0,{"v":69,"d":"69.00"},{"v":15,"d":"15.00"},{"v":1035,"d":"1,035.00"},0,0,0,{"v":69,"d":"69.00"},{"v":15,"d":"15.00"},{"v":1035,"d":"1,035.00"},{"v":69,"d":"69.00"},{"v":276,"d":"276.00"},0]
[318,"法兰盘","150mm","个",0,0,0,{"v":2,"d":"2.00"},{"v":20,"d":"20.00"},{"v":40,"d":"40.00"},0,0,0,{"v":2,"d":"2.00"},{"v":20,"d":"20.00"},{"v":40,"d":"40.00"},{"v":2,"d":"2.00"},{"v":16,"d":"16.00"},0]
[319,"液压搬道器",0,"个",0,0,0,{"v":1,"d":"1.00"},{"v":1390,"d":"1,390.00"},{"v":1390,"d":"1,390.00"},0,0,0,{"v":1,"d":"1.00"},{"v":1390,"d":"1,390.00"},{"v":1390,"d":"1,390.00"},{"v":1,"d":"1.00"},{"v":400,"d":"400.00"},0]
[320,"矿车胶碰头",0,"个",0,0,0,{"v":10,"d":"10.00"},{"v":58,"d":"58.00"},{"v":580,"d":"580.00"},0,0,0,{"v":10,"d":"10.00"},{"v":58,"d":"58.00"},{"v":580,"d":"580.00"},{"v":10,"d":"10.00"},{"v":200,"d":"200.00"},0]
[321,"铁铲把",0,"根",0,0,0,{"v":21,"d":"21.00"},{"v":5,"d":"5.00"},{"v":105,"d":"105.00"},0,0,0,{"v":21,"d":"21.00"},{"v":5,"d":"5.00"},{"v":105,"d":"105.00"},{"v":21,"d":"21.00"},{"v":42,"d":"42.00"},0]
[322,"风镐",0,"台",0,0,0,{"v":5,"d":"5.00"},{"v":517,"d":"517.00"},{"v":2585,"d":"2,585.00"},0,0,0,{"v":5,"d":"5.00"},{"v":517,"d":"517.00"},{"v":2585,"d":"2,585.00"},{"v":5,"d":"5.00"},{"v":800,"d":"800.00"},0]
[323,"平车轮子",0,"对",0,0,0,{"v":1,"d":"1.00"},{"v":120,"d":"120.00"},{"v":120,"d":"120.00"},0,0,0,{"v":1,"d":"1.00"},{"v":120,"d":"120.00"},{"v":120,"d":"120.00"},{"v":1,"d":"1.00"},{"v":40,"d":"40.00"},0]
[324,"钢编胶管","Φ25","根",0,0,0,{"v":2,"d":"2.00"},405.17,810.34,0,0,0,{"v":2,"d":"2.00"},405.17,810.34,{"v":2,"d":"2.00"},{"v":240,"d":"240.00"},0]
[325,"纳石灰",0,"瓶",0,0,0,{"v":6,"d":"6.00"},12.07,72.42,0,0,0,{"v":6,"d":"6.00"},12.07,72.42,{"v":6,"d":"6.00"},{"v":24,"d":"24.00"},0]
[326,"变色硅胶",0,"瓶",0,0,0,{"v":3,"d":"3.00"},19.83,59.49,0,0,0,{"v":3,"d":"3.00"},19.83,59.49,{"v":3,"d":"3.00"},{"v":24,"d":"24.00"},0]
[327,"逆止阀",{"v":50,"d":"50.00"},"只",0,0,0,{"v":1,"d":"1.00"},{"v":185,"d":"185.00"},{"v":185,"d":"185.00"},0,0,0,{"v":1,"d":"1.00"},{"v":185,"d":"185.00"},{"v":185,"d":"185.00"},{"v":1,"d":"1.00"},{"v":80,"d":"80.00"},0]
[328,"Ｏ型圈(乳化泵胶垫)","乳化泵配件","套",0,0,0,{"v":12,"d":"12.00"},129.31,{"v":1551.72,"d":"1,551.72"},0,0,0,{"v":12,"d":"12.00"},129.31,{"v":1551.72,"d":"1,551.72"},{"v":12,"d":"12.00"},{"v":480,"d":"480.00"},0]
[329,"玻璃转子流量计",0,"支",0,0,0,{"v":1,"d":"1.00"},103.45,103.45,0,0,0,{"v":1,"d":"1.00"},103.45,103.45,{"v":1,"d":"1.00"},{"v":40,"d":"40.00"},0]
[330,"连杆","ＢＲＷ80/20","套",0,0,0,{"v":1,"d":"1.00"},948.28,948.28,0,0,0,{"v":1,"d":"1.00"},948.28,948.28,{"v":1,"d":"1.00"},{"v":320,"d":"320.00"},0]
[331,"轴瓦","ＢＲＷ80/20","套",0,0,0,{"v":1,"d":"1.00"},155.17,155.17,0,0,0,{"v":1,"d":"1.00"},155.17,155.17,{"v":1,"d":"1.00"},{"v":40,"d":"40.00"},0]
[332,"活塞环","ＢＲＷ80/20","套",0,0,0,{"v":1,"d":"1.00"},34.48,34.48,0,0,0,{"v":1,"d":"1.00"},34.48,34.48,{"v":1,"d":"1.00"},{"v":12,"d":"12.00"},0]
[333,"卡簧","ＢＲＷ80/20","套",0,0,0,{"v":1,"d":"1.00"},17.24,17.24,0,0,0,{"v":1,"d":"1.00"},17.24,17.24,{"v":1,"d":"1.00"},{"v":4,"d":"4.00"},0]
[334,"密封圈（盘根）","ＢＲＷ80/20","套",0,0,0,{"v":3,"d":"3.00"},189.66,568.98,0,0,0,{"v":3,"d":"3.00"},189.66,568.98,{"v":3,"d":"3.00"},{"v":240,"d":"240.00"},0]
[335,"螺钉","ＢＲＷ80/20","套",0,0,0,{"v":6,"d":"6.00"},1.72,10.32,0,0,0,{"v":6,"d":"6.00"},1.72,10.32,{"v":6,"d":"6.00"},{"v":4.8,"d":"4.80"},0]
[336,"螺钉","ＢＲＷ80/20","套",0,0,0,{"v":12,"d":"12.00"},5.17,62.04,0,0,0,{"v":12,"d":"12.00"},5.17,62.04,{"v":12,"d":"12.00"},{"v":24,"d":"24.00"},0]
[337,"螺钉","ＢＲＷ80/20","套",0,0,0,{"v":2,"d":"2.00"},2.59,5.18,0,0,0,{"v":2,"d":"2.00"},2.59,5.18,{"v":2,"d":"2.00"},{"v":2.4,"d":"2.40"},0]
[338,"风煤钻",0,"台",0,0,0,{"v":3,"d":"3.00"},{"v":1620.69,"d":"1,620.69"},{"v":4862.07,"d":"4,862.07"},0,0,0,{"v":3,"d":"3.00"},{"v":1620.69,"d":"1,620.69"},{"v":4862.07,"d":"4,862.07"},{"v":3,"d":"3.00"},{"v":1440,"d":"1,440.00"},0]
[339,"气动手持式钻机","ＺＱＳ50/2.5Ｓ","台",0,0,0,{"v":1,"d":"1.00"},{"v":1500,"d":"1,500.00"},{"v":1500,"d":"1,500.00"},0,0,0,{"v":1,"d":"1.00"},{"v":1500,"d":"1,500.00"},{"v":1500,"d":"1,500.00"},{"v":1,"d":"1.00"},{"v":440,"d":"440.00"},0]
[340,"风泵转子",0,"件",0,0,0,{"v":2,"d":"2.00"},{"v":400,"d":"400.00"},{"v":800,"d":"800.00"},0,0,0,{"v":2,"d":"2.00"},{"v":400,"d":"400.00"},{"v":800,"d":"800.00"},{"v":2,"d":"2.00"},{"v":240,"d":"240.00"},0]
[341,"气缸",0,"件",0,0,0,{"v":2,"d":"2.00"},{"v":400,"d":"400.00"},{"v":800,"d":"800.00"},0,0,0,{"v":2,"d":"2.00"},{"v":400,"d":"400.00"},{"v":800,"d":"800.00"},{"v":2,"d":"2.00"},{"v":240,"d":"240.00"},0]
[342,"罗茨空气压缩机","ＤＢＳ40","台",0,0,0,{"v":1,"d":"1.00"},{"v":800,"d":"800.00"},{"v":800,"d":"800.00"},0,0,0,{"v":1,"d":"1.00"},{"v":800,"d":"800.00"},{"v":800,"d":"800.00"},{"v":1,"d":"1.00"},{"v":280,"d":"280.00"},0]
[343,"前端压轴承端盖",0,"个",0,0,0,{"v":4,"d":"4.00"},51.72,206.88,0,0,0,{"v":4,"d":"4.00"},51.72,206.88,{"v":4,"d":"4.00"},{"v":64,"d":"64.00"},0]
[344,"压盘根端盖",0,"个",0,0,0,{"v":4,"d":"4.00"},62.07,248.28,0,0,0,{"v":4,"d":"4.00"},62.07,248.28,{"v":4,"d":"4.00"},{"v":160,"d":"160.00"},0]
[345,"压缩氧自救器",0,"台",0,0,0,{"v":50,"d":"50.00"},{"v":520,"d":"520.00"},{"v":26000,"d":"26,000.00"},0,0,0,{"v":50,"d":"50.00"},{"v":520,"d":"520.00"},{"v":26000,"d":"26,000.00"},{"v":50,"d":"50.00"},{"v":8000,"d":"8,000.00"},0]
[346,"隔爆水袋","60L","根",0,0,0,{"v":23,"d":"23.00"},{"v":12.3,"d":"12.30"},{"v":282.9,"d":"282.90"},0,0,0,{"v":23,"d":"23.00"},{"v":12.3,"d":"12.30"},{"v":282.9,"d":"282.90"},{"v":23,"d":"23.00"},{"v":92,"d":"92.00"},0]
[347,"摄像头",0,"个",0,0,0,{"v":2,"d":"2.00"},422.41,844.82,0,0,0,{"v":2,"d":"2.00"},422.41,844.82,{"v":2,"d":"2.00"},{"v":240,"d":"240.00"},0]
[348,"螺栓松动剂",0,"瓶",0,0,0,{"v":6,"d":"6.00"},10.34,62.04,0,0,0,{"v":6,"d":"6.00"},10.34,62.04,{"v":6,"d":"6.00"},{"v":24,"d":"24.00"},0]
[349,"柴油机油",0,"桶",0,0,0,{"v":4,"d":"4.00"},241.38,965.52,0,0,0,{"v":4,"d":"4.00"},241.38,965.52,{"v":4,"d":"4.00"},{"v":320,"d":"320.00"},0]
[350,"隔爆型摄像仪",0,"台",0,0,0,{"v":1,"d":"1.00"},{"v":4850,"d":"4,850.00"},{"v":4850,"d":"4,850.00"},0,0,0,{"v":1,"d":"1.00"},{"v":4850,"d":"4,850.00"},{"v":4850,"d":"4,850.00"},{"v":1,"d":"1.00"},{"v":1400,"d":"1,400.00"},0]
[351,"光钎线",0,"米",0,0,0,{"v":400,"d":"400.00"},{"v":5.3,"d":"5.30"},{"v":2120,"d":"2,120.00"},0,0,0,{"v":400,"d":"400.00"},{"v":5.3,"d":"5.30"},{"v":2120,"d":"2,120.00"},{"v":400,"d":"400.00"},{"v":800,"d":"800.00"},0]
[352,"钢管",0,"根",0,0,0,{"v":12,"d":"12.00"},{"v":1150,"d":"1,150.00"},{"v":13800,"d":"13,800.00"},0,0,0,{"v":12,"d":"12.00"},{"v":1150,"d":"1,150.00"},{"v":13800,"d":"13,800.00"},{"v":12,"d":"12.00"},{"v":3840,"d":"3,840.00"},0]
[353,"无缝钢管","Φ200","吨",0,0,0,{"v":0.5,"d":"0.50"},{"v":4200,"d":"4,200.00"},{"v":2100,"d":"2,100.00"},0,0,0,{"v":0.5,"d":"0.50"},{"v":4200,"d":"4,200.00"},{"v":2100,"d":"2,100.00"},{"v":0.5,"d":"0.50"},{"v":620,"d":"620.00"},0]
[354,"钢轨",0,"吨",0,0,0,{"v":3.6,"d":"3.60"},{"v":6450,"d":"6,450.00"},{"v":23220,"d":"23,220.00"},0,0,0,{"v":3.6,"d":"3.60"},{"v":6450,"d":"6,450.00"},{"v":23220,"d":"23,220.00"},{"v":3.6,"d":"3.60"},{"v":6768,"d":"6,768.00"},0]
[355,"PE胶管",0,"根",0,0,0,{"v":3,"d":"3.00"},{"v":280,"d":"280.00"},{"v":840,"d":"840.00"},0,0,0,{"v":3,"d":"3.00"},{"v":280,"d":"280.00"},{"v":840,"d":"840.00"},{"v":3,"d":"3.00"},{"v":216,"d":"216.00"},0]
[356,"PE胶管","DN200","根",0,0,0,{"v":12,"d":"12.00"},{"v":165,"d":"165.00"},{"v":1980,"d":"1,980.00"},0,0,0,{"v":12,"d":"12.00"},{"v":165,"d":"165.00"},{"v":1980,"d":"1,980.00"},{"v":12,"d":"12.00"},{"v":528,"d":"528.00"},0]
[357,"矿帽",0,"个",0,0,0,{"v":90,"d":"90.00"},{"v":15,"d":"15.00"},{"v":1350,"d":"1,350.00"},0,0,0,{"v":90,"d":"90.00"},{"v":15,"d":"15.00"},{"v":1350,"d":"1,350.00"},{"v":90,"d":"90.00"},{"v":360,"d":"360.00"},0]
[358,"棉衣(绒衣)",0,"套",0,0,0,{"v":60,"d":"60.00"},{"v":40,"d":"40.00"},{"v":2400,"d":"2,400.00"},0,0,0,{"v":60,"d":"60.00"},{"v":40,"d":"40.00"},{"v":2400,"d":"2,400.00"},{"v":60,"d":"60.00"},{"v":720,"d":"720.00"},0]
[359,"过滤棉",0,"张",0,0,0,{"v":4500,"d":"4,500.00"},0.56,{"v":2520,"d":"2,520.00"},0,0,0,{"v":4500,"d":"4,500.00"},0.56,{"v":2520,"d":"2,520.00"},{"v":4500,"d":"4,500.00"},{"v":1800,"d":"1,800.00"},0]
[360,"复式防尘口罩",0,"个",0,0,0,{"v":80,"d":"80.00"},9.91,{"v":792.8,"d":"792.80"},0,0,0,{"v":80,"d":"80.00"},9.91,{"v":792.8,"d":"792.80"},{"v":80,"d":"80.00"},{"v":320,"d":"320.00"},0]
[361,"户内金属铠装移开式开关设备","KYN28A-12","套",0,0,0,{"v":1,"d":"1.00"},0,0,0,0,0,{"v":1,"d":"1.00"},0,0,{"v":1,"d":"1.00"},{"v":80,"d":"80.00"},0]
[362,"矿用变压器","KS11-400/10/0.69/0.4","台",0,0,0,{"v":1,"d":"1.00"},0,0,0,0,0,{"v":1,"d":"1.00"},0,0,{"v":1,"d":"1.00"},{"v":12000,"d":"12,000.00"},0]
[363,"柴油发电机","200KW","台",0,0,0,{"v":1,"d":"1.00"},0,0,0,0,0,{"v":1,"d":"1.00"},0,0,{"v":1,"d":"1.00"},{"v":120,"d":"120.00"},"报废"]
[364,"主要通风机","FBCDZNo15/2*55","台",0,0,0,{"v":2,"d":"2.00"},0,0,0,0,0,{"v":2,"d":"2.00"},0,0,{"v":2,"d":"2.00"},{"v":13440,"d":"13,440.00"},0]
[365,"联网数据机柜",0,"台",0,0,0,{"v":1,"d":"1.00"},0,0,0,0,0,{"v":1,"d":"1.00"},0,0,{"v":1,"d":"1.00"},{"v":1680,"d":"1,680.00"},0]
[366,"瓦斯监控系统主机","KJ90X","台",0,0,0,{"v":1,"d":"1.00"},0,0,0,0,0,{"v":1,"d":"1.00"},0,0,{"v":1,"d":"1.00"},{"v":1200,"d":"1,200.00"},0]
[367,"地面本安型交换机","KJJ220(A)","台",0,0,0,{"v":1,"d":"1.00"},0,0,0,0,0,{"v":1,"d":"1.00"},0,0,{"v":1,"d":"1.00"},{"v":1200,"d":"1,200.00"},0]
[368,"井下监控分站","KJ90-F16(B)","套",0,0,0,{"v":1,"d":"1.00"},0,0,0,0,0,{"v":1,"d":"1.00"},0,0,{"v":1,"d":"1.00"},{"v":2400,"d":"2,400.00"},0]
[369,"人员监控系统主机","KJ251","台",0,0,0,{"v":3,"d":"3.00"},0,0,0,0,0,{"v":3,"d":"3.00"},0,0,{"v":3,"d":"3.00"},{"v":3600,"d":"3,600.00"},0]
[370,"人员管理分站","KJ251-F8","台",0,0,0,{"v":1,"d":"1.00"},0,0,0,0,0,{"v":1,"d":"1.00"},0,0,{"v":1,"d":"1.00"},{"v":120,"d":"120.00"},0]
[371,"人员管理读卡器",0,"台",0,0,0,{"v":3,"d":"3.00"},0,0,0,0,0,{"v":3,"d":"3.00"},0,0,{"v":3,"d":"3.00"},{"v":60,"d":"60.00"},0]
[372,"视频监控系统",0,"台",0,0,0,{"v":12,"d":"12.00"},0,0,0,0,0,{"v":12,"d":"12.00"},0,0,{"v":12,"d":"12.00"},{"v":14400,"d":"14,400.00"},0]
[373,"矿井调度广播系统","KT425","台",0,0,0,{"v":1,"d":"1.00"},0,0,0,0,0,{"v":1,"d":"1.00"},0,0,{"v":1,"d":"1.00"},{"v":1800,"d":"1,800.00"},0]
[374,"数字调度系统","SOC8000","台",0,0,0,{"v":1,"d":"1.00"},0,0,0,0,0,{"v":1,"d":"1.00"},0,0,{"v":1,"d":"1.00"},{"v":1200,"d":"1,200.00"},0]
[375,"全自动洗脱机","XGQ-50","台",0,0,0,{"v":1,"d":"1.00"},0,0,0,0,0,{"v":1,"d":"1.00"},0,0,{"v":1,"d":"1.00"},{"v":5000,"d":"5,000.00"},0]
[376,"烘干机","XGQ-50","台",0,0,0,{"v":1,"d":"1.00"},0,0,0,0,0,{"v":1,"d":"1.00"},0,0,{"v":1,"d":"1.00"},{"v":1200,"d":"1,200.00"},0]
[377,"矿用隔爆型永磁高压真空配电装置","   PBG-50/10Y","台",0,0,0,{"v":2,"d":"2.00"},0,0,0,0,0,{"v":2,"d":"2.00"},0,0,{"v":2,"d":"2.00"},{"v":80,"d":"80.00"},"报废"]
[378,"刮板机头架","SGB-420/30","台",0,0,0,{"v":1,"d":"1.00"},0,0,0,0,0,{"v":1,"d":"1.00"},0,0,{"v":1,"d":"1.00"},{"v":2000,"d":"2,000.00"},0]
[379,"皮带机头架","650型","台",0,0,0,{"v":2,"d":"2.00"},0,0,0,0,0,{"v":2,"d":"2.00"},0,0,{"v":2,"d":"2.00"},{"v":480,"d":"480.00"},"待修"]
[380,"带式制动绞车","JTP-0.8","台",0,0,0,{"v":5,"d":"5.00"},0,0,0,0,0,{"v":5,"d":"5.00"},0,0,{"v":5,"d":"5.00"},{"v":4800,"d":"4,800.00"},0]
[381,"低压配电柜400","GGD","台",0,0,0,{"v":1,"d":"1.00"},0,0,0,0,0,0,0,0,{"v":1,"d":"1.00"},{"v":120,"d":"120.00"},"盘盈"]
[382,"低压配电柜800","GGD","台",0,0,0,{"v":1,"d":"1.00"},0,0,0,0,0,0,0,0,{"v":1,"d":"1.00"},{"v":160,"d":"160.00"},"盘盈"]
[383,"油压泵",0,"台",0,0,0,{"v":1,"d":"1.00"},0,0,0,0,0,0,0,0,{"v":1,"d":"1.00"},{"v":240,"d":"240.00"},"盘盈"]
["合       计",{"$nulls":6},{"v":61747.6,"d":"61,747.60"},null,{"v":2236525.02,"d":"2,236,525.02"},0,null,{"v":-47858.65,"d":"-47,858.65"},{"v":61744.6,"d":"61,744.60"},null,{"$f":"SUM(P8:P390)","v":{"v":462782.45,"d":"462,782.45"}},{"$f":"SUM(Q8:Q390)","v":{"v":16345.6,"d":"16,345.60"}},{"$f":"SUM(R8:R390)","v":{"v":212815.6,"d":"212,815.60"}}]
["被评估单位填表人：黄照雄"]
["填表日期：2021年11月6日"]

{"sheet":"房屋建筑物","index":2,"n_rows":44,"n_cols":17,"rows_kept":44,"merged":[[1,0,1,16],[2,0,2,16],[5,0,6,0],[5,4,6,4],[5,5,6,5],[5,6,6,6],[5,9,6,9],[5,10,6,10],[5,11,5,12],[5,13,5,14],[5,15,6,15],[5,16,6,16],[31,0,31,6],[32,15,32,16]]}
["返回","返回索引",null,"被评估单位填表人：:黄照雄         填表日期：2021年11月6日             评估人员：何廷培、吴贤青      "]
["固定资产-房屋建筑物评估明细表"]
["评估基准日：2021年9月30日"]
[{"$nulls":16},"表4-6-1-1"]
["被评估单位：贵州鑫悦煤炭有限公司",{"$nulls":15},"金额单位：人民币元"]
["序号","资产","权证","房屋","来源","结构","建成年月","建筑面","他项","地址","土地证号","审计前账面价值",null,"审计调整",null,"清算价值","备注"]
[null,"编号","编号","名称",{"$nulls":3},"积(m2)","权利",null,null,"原值","净值","原值","净值"]
[1,"105-0001","无","绞车房","自建","砖混总层数  1","2010-12-01",{"v":79.8,"d":"79.80"},"无","息烽县养龙司乡利发煤矿","无",{"v":66234,"d":"66,234.00"},{"v":39285.82,"d":"39,285.82"},0,0,{"v":17935.2,"d":"17,935.20"},0]
[2,"105-0002","无","绞车房旁厕所","自建","砖混总层数  1","2010-12-01",{"v":19,"d":"19.00"},"无","息烽县养龙司乡利发煤矿","无",{"v":13490,"d":"13,490.00"},{"v":8001.55,"d":"8,001.55"},0,0,{"v":3498,"d":"3,498.00"},0]
[3,"105-0003","无","机修房（副井）","自建","砖混总层数  1","2006-12-01",{"v":176,"d":"176.00"},"无","息烽县养龙司乡利发煤矿","无",{"v":146080,"d":"146,080.00"},{"v":72995.13,"d":"72,995.13"},0,0,{"v":33588,"d":"33,588.00"},0]
[4,"105-0004","无","机修房（前凸部分）","自建","砖混总层数  1","2006-12-01",45.92,"无","息烽县养龙司乡利发煤矿","无",{"v":38113.6,"d":"38,113.60"},{"v":19045.02,"d":"19,045.02"},0,0,{"v":8766,"d":"8,766.00"},0]
[5,"105-0005","无","木工房（架子）","自建","简易总层数  1","2006-12-01",{"v":32,"d":"32.00"},"无","息烽县养龙司乡利发煤矿","无",{"v":9600,"d":"9,600.00"},{"v":4796.96,"d":"4,796.96"},0,0,{"v":1430,"d":"1,430.00"},0]
[6,"105-0006","无","库房调度楼（三层）","自建","砖混总层数  3","2011-12-01",{"v":772,"d":"772.00"},"无","息烽县养龙司乡利发煤矿","无",{"v":733400,"d":"733,400.00"},{"v":452138.16,"d":"452,138.16"},0,0,{"v":218937.6,"d":"218,937.60"},0]
[7,"105-0007","无","配电房","自建","简易总层数  1","2011-12-01",{"v":46,"d":"46.00"},"无","息烽县养龙司乡利发煤矿","无",{"v":13800,"d":"13,800.00"},{"v":8507.57,"d":"8,507.57"},0,0,{"v":4165.6,"d":"4,165.60"},0]
[8,"105-0008","无","职工宿舍、澡堂楼（四层）","自建","砖混总层数  4","2010-12-01",{"v":698,"d":"698.00"},"无","息烽县养龙司乡利发煤矿","无",{"v":663100,"d":"663,100.00"},{"v":393307.98,"d":"393,307.98"},0,0,{"v":190439.6,"d":"190,439.60"},0]
[9,"105-0009","无","食堂楼（四层）","自建","砖混总层数  4","2012-12-31",{"v":1338,"d":"1,338.00"},"无","息烽县养龙司乡利发煤矿","无",{"v":1271100,"d":"1,271,100.00"},{"v":815795.99,"d":"815,795.99"},0,0,{"v":412992,"d":"412,992.00"},0]
[10,"105-0010","无","新调度、监控楼（二层）","自建","砖混总层数  2","2015-04-30",{"v":246,"d":"246.00"},"无","息烽县养龙司乡利发煤矿","无",{"v":204180,"d":"204,180.00"},{"v":141775.27,"d":"141,775.27"},0,0,{"v":85766,"d":"85,766.00"},0]
[11,"105-0011","无","办公楼（二层）","自建","砖混总层数  2","2006-12-01",{"v":294,"d":"294.00"},"无","息烽县养龙司乡利发煤矿","无",{"v":314580,"d":"314,580.00"},{"v":157193.47,"d":"157,193.47"},0,0,{"v":75618,"d":"75,618.00"},0]
[12,"105-0012","无","车房、厕所","自建","砖混总层数  1","2013-10-21",{"v":134,"d":"134.00"},"无","息烽县养龙司乡利发煤矿","无",{"v":95140,"d":"95,140.00"},{"v":62728.02,"d":"62,728.02"},0,0,{"v":27051.2,"d":"27,051.20"},0]
[13,"105-0013","无","检身房","自建","砖混总层数  1","2013-04-01",{"v":76,"d":"76.00"},"无","息烽县养龙司乡利发煤矿","无",{"v":63080,"d":"63,080.00"},{"v":40853.42,"d":"40,853.42"},0,0,{"v":18376.8,"d":"18,376.80"},0]
[14,"105-0014","无","职工宿舍楼（二层）","自建","砖混总层数  2","2012-12-31",{"v":437,"d":"437.00"},"无","息烽县养龙司乡利发煤矿","无",{"v":415150,"d":"415,150.00"},{"v":266444.67,"d":"266,444.67"},0,0,{"v":121478.4,"d":"121,478.40"},0]
[15,"105-0015","无","职工宿舍楼（二层）（综合）","自建","砖混总层数  2","2012-12-31",{"v":295,"d":"295.00"},"无","息烽县养龙司乡利发煤矿","无",{"v":280250,"d":"280,250.00"},{"v":179865.36,"d":"179,865.36"},0,0,{"v":82015.2,"d":"82,015.20"},0]
[16,"105-0016","无","机修房（主井）","自建","砖混总层数  2","2013-04-01",{"v":228,"d":"228.00"},"无","息烽县养龙司乡利发煤矿","无",{"v":189240,"d":"189,240.00"},{"v":122560.2,"d":"122,560.20"},0,0,{"v":53488.8,"d":"53,488.80"},0]
[17,"105-0017","无","电机房（二层）","自建","砖混总层数  2","2013-04-01",{"v":285,"d":"285.00"},"无","息烽县养龙司乡利发煤矿","无",{"v":270750,"d":"270,750.00"},{"v":175349.32,"d":"175,349.32"},0,0,{"v":66872.4,"d":"66,872.40"},0]
[18,"105-0018","无","电机房侧边房","自建","砖混总层数  1","2013-04-01",{"v":21,"d":"21.00"},"无","息烽县养龙司乡利发煤矿","无",{"v":17430,"d":"17,430.00"},{"v":11288.54,"d":"11,288.54"},0,0,{"v":5084.4,"d":"5,084.40"},0]
[19,"105-0019","无","通风机房","自建","砖混总层数  1","2012-06-01",{"v":30,"d":"30.00"},"无","息烽县养龙司乡利发煤矿","无",{"v":24900,"d":"24,900.00"},{"v":15641.65,"d":"15,641.65"},0,0,{"v":6868.8,"d":"6,868.80"},0]
[20,"105-0020","无","炸药库","自建","砖混总层数  1","2013-04-01",{"v":120,"d":"120.00"},"无","息烽县养龙司乡利发煤矿","无",{"v":99600,"d":"99,600.00"},{"v":64505.19,"d":"64,505.19"},0,0,{"v":31920,"d":"31,920.00"},0]
[21,"105-0021","无","地磅房","自建","简易砖混总层数  1","2009-12-01",{"v":20,"d":"20.00"},"无","息烽县养龙司乡利发煤矿","无",{"v":14200,"d":"14,200.00"},{"v":8090.92,"d":"8,090.92"},0,0,{"v":4200,"d":"4,200.00"},0]
[22,"201606080001","无","调度监控中心楼","自建","砖混","2016-05-31",0,"无","息烽县养龙司乡利发煤矿","无",{"v":256463,"d":"256,463.00"},{"v":196278.06,"d":"196,278.06"},{"v":-256463,"d":"-256,463.00"},{"v":-196278.06,"d":"-196,278.06"},0,"盘亏"]
[23,"202007040001","无","地磅（主道路78*5）","自建","水泥","2020-06-30","395","无","息烽县养龙司乡利发煤矿","无",{"v":294335,"d":"294,335.00"},{"v":276858.8,"d":"276,858.80"},0,0,{"v":87090,"d":"87,090.00"},0]
[24,0,"无","风机旁材料库","自建","砖混",41131,{"v":26,"d":"26.00"},"无","息烽县养龙司乡利发煤矿","无",0,0,0,0,{"v":5961.6,"d":"5,961.60"},0]
["账面余额合计",{"$nulls":6},{"$f":"SUM(H8:H31)","v":{"v":5418.72,"d":"5,418.72"}},{"$nulls":3},{"v":37647462.77,"d":"37,647,462.77"},{"v":16727787.04,"d":"16,727,787.04"},{"v":-17207405.62,"d":"-17,207,405.62"},{"v":-8870309.5,"d":"-8,870,309.50"},{"$f":"SUM(P8:P31)","v":{"v":1563543.6,"d":"1,563,543.60"}}]
["被评估单位填表人：黄照雄"]
["填表日期：2021年11月6日"]
[]
[]
[{"$nulls":15},{"v":1563543.6,"d":"1,563,543.60"}]
[{"$nulls":15},{"v":1058946,"d":"1,058,946.00"}]
[{"$nulls":15},0]
[{"$nulls":15},0]
[{"$nulls":15},0]
[{"$nulls":15},0]
[{"$nulls":15},{"v":2622489.6,"d":"2,622,489.60"}]
[{"$nulls":15},0,0]

{"sheet":"构筑物及其他辅助设施","index":3,"n_rows":52,"n_cols":16,"rows_kept":52,"merged":[[1,0,1,15],[2,0,2,15],[5,0,6,0],[5,1,6,1],[5,2,6,2],[5,3,6,3],[5,4,6,4],[5,10,5,11],[5,12,5,13],[5,14,6,14],[5,15,6,15],[49,0,49,6],[50,14,50,15]]}
["返回","返回索引",null,"被评估单位填表人：:黄照雄         填表日期：2021年11月6日             评估人员：何廷培、吴贤青      "]
["固定资产-构筑物及其他辅助设施评估明细表"]
["评估基准日：2021年9月30日"]
[{"$nulls":15},"表4-6-1-2"]
["被评估单位：贵州鑫悦煤炭有限公司",{"$nulls":14},"金额单位：人民币元"]
["序号","资产编号","名称","结构","建成年月","长度","宽度","高度","面积体积","他项","审计前账面价值",null,"审计调整",null,"清算价值","备注"]
[{"$nulls":5},"(m)","(m)","(m)","m2或m3","权利","原值","净值","原值","净值"]
[1,"105-0074","翻斗栈桥","毛石混凝土","2010-11-01",{"v":22,"d":"22.00"},{"v":3,"d":"3.00"},{"v":3,"d":"3.00"},{"v":198,"d":"198.00"},"无",{"v":67320,"d":"67,320.00"},{"v":15124.72,"d":"15,124.72"},0,0,{"v":15480,"d":"15,480.00"},0]
[2,"105-0075","机修房前堡坎","毛石混凝土","2010-06-01",{"v":91.7,"d":"91.70"},{"v":3.6,"d":"3.60"},{"v":2.5,"d":"2.50"},{"v":825.3,"d":"825.30"},"无",{"v":280602,"d":"280,602.00"},{"v":62161.12,"d":"62,161.12"},0,0,{"v":64540,"d":"64,540.00"},0]
[3,"105-0076","机电库房前花圃","砖混","2012-06-01",{"v":45.6,"d":"45.60"},0.24,{"v":0.5,"d":"0.50"},{"v":5.472,"d":"5.47"},"无",{"v":3119.04,"d":"3,119.04"},738.02,0,0,{"v":557.6,"d":"557.60"},0]
[4,"105-0077","库房后堡坎","毛石混凝土","2006-06-01",{"v":30,"d":"30.00"},{"v":4,"d":"4.00"},{"v":2.5,"d":"2.50"},{"v":300,"d":"300.00"},"无",{"v":102000,"d":"102,000.00"},{"v":19519.62,"d":"19,519.62"},0,0,{"v":17829.6,"d":"17,829.60"},0]
[5,"105-0078","库房后花圃","砖混","2012-06-01",{"v":36.8,"d":"36.80"},0.24,{"v":0.5,"d":"0.50"},{"v":4.416,"d":"4.42"},"无",{"v":2517.12,"d":"2,517.12"},595.58,0,0,{"v":442.8,"d":"442.80"},0]
[6,"105-0079","食堂楼侧边花圃","砖混","2012-06-01",{"v":41.4,"d":"41.40"},0.24,{"v":0.5,"d":"0.50"},{"v":4.968,"d":"4.97"},"无",{"v":2831.76,"d":"2,831.76"},669.96,0,0,{"v":508.4,"d":"508.40"},0]
[7,"105-0080","食堂楼后堡坎","毛石混凝土","2012-12-31",{"v":55,"d":"55.00"},{"v":4.7,"d":"4.70"},{"v":2.5,"d":"2.50"},{"v":646,"d":"646.00"},"无",{"v":219640,"d":"219,640.00"},{"v":52934.37,"d":"52,934.37"},0,0,{"v":54561.6,"d":"54,561.60"},0]
[8,"105-0081","食堂楼后边花圃","砖混","2012-12-31",{"v":55.4,"d":"55.40"},0.24,{"v":0.5,"d":"0.50"},{"v":6.648,"d":"6.65"},"无",{"v":3789.36,"d":"3,789.36"},913.29,0,0,{"v":738,"d":"738.00"},0]
[9,"105-0082","公路内侧堡坎","毛石混凝土","2012-06-01",{"v":82,"d":"82.00"},{"v":2.5,"d":"2.50"},{"v":6.8,"d":"6.80"},{"v":1394,"d":"1,394.00"},"无",{"v":473960,"d":"473,960.00"},{"v":112142.27,"d":"112,142.27"},0,0,{"v":117741.6,"d":"117,741.60"},0]
[10,"105-0083","办公楼前花圃","砖混","2012-12-31",{"v":83.6,"d":"83.60"},0.24,{"v":0.5,"d":"0.50"},{"v":10.032,"d":"10.03"},"无",{"v":5718.24,"d":"5,718.24"},{"v":1378.13,"d":"1,378.13"},0,0,{"v":1116,"d":"1,116.00"},0]
[11,"105-0084","公路拐弯处花圃","砖混","2012-12-31",{"v":41.6,"d":"41.60"},0.24,{"v":0.5,"d":"0.50"},{"v":4.992,"d":"4.99"},"无",{"v":2845.44,"d":"2,845.44"},685.79,0,0,{"v":558,"d":"558.00"},0]
[12,"105-0085","水池","砖混","2013-09-07",{"v":6.6,"d":"6.60"},{"v":2.7,"d":"2.70"},{"v":2.3,"d":"2.30"},40.99,"无",{"v":9427.7,"d":"9,427.70"},{"v":2319.46,"d":"2,319.46"},0,0,{"v":4106.4,"d":"4,106.40"},0]
[13,"105-0086","车房、办公楼内侧堡坎","毛石混凝土","2012-06-01",{"v":68,"d":"68.00"},{"v":2.5,"d":"2.50"},{"v":6.5,"d":"6.50"},{"v":1105,"d":"1,105.00"},"无",{"v":375700,"d":"375,700.00"},{"v":88893.27,"d":"88,893.27"},0,0,{"v":93333.6,"d":"93,333.60"},0]
[14,"105-0087","车房、办公楼内侧花圃","砖混","2012-12-31",{"v":64.4,"d":"64.40"},0.24,{"v":0.5,"d":"0.50"},{"v":7.728,"d":"7.73"},"无",{"v":4404.96,"d":"4,404.96"},{"v":1061.67,"d":"1,061.67"},0,0,{"v":864,"d":"864.00"},0]
[15,"105-0088","主井前堡坎","毛石混凝土","2012-06-01",{"v":76,"d":"76.00"},{"v":2.5,"d":"2.50"},{"v":7.1,"d":"7.10"},{"v":1349,"d":"1,349.00"},"无",{"v":458660,"d":"458,660.00"},{"v":108522.17,"d":"108,522.17"},0,0,{"v":113940,"d":"113,940.00"},0]
[16,"105-0089","主井前花圃","砖混","2012-12-31",{"v":70,"d":"70.00"},0.24,{"v":0.5,"d":"0.50"},{"v":8.4,"d":"8.40"},"无",{"v":4788,"d":"4,788.00"},{"v":1153.88,"d":"1,153.88"},0,0,{"v":936,"d":"936.00"},0]
[17,"105-0090","宣传栏（一）","铝合金","2010-06-01",0,0,0,{"v":16,"d":"16.00"},"无",{"v":4320,"d":"4,320.00"},{"v":957,"d":"957.00"},0,0,{"v":488.4,"d":"488.40"},0]
[18,"105-0091","宣传栏（二）","铝合金","2010-06-01",0,0,0,{"v":38,"d":"38.00"},"无",{"v":2160,"d":"2,160.00"},{"v":478.5,"d":"478.50"},0,0,{"v":1161.6,"d":"1,161.60"},0]
[19,"105-0092","宣传栏（三）","铝合金","2010-06-01",0,0,0,{"v":39,"d":"39.00"},"无",{"v":2430,"d":"2,430.00"},538.27,0,0,{"v":1188,"d":"1,188.00"},0]
[20,"105-0093","主井前煤棚","简易钢架","2013-04-01",0,0,0,{"v":200,"d":"200.00"},"无",{"v":58000,"d":"58,000.00"},{"v":14087.67,"d":"14,087.67"},0,0,{"v":13356,"d":"13,356.00"},0]
[21,"105-0094","会议楼转弯处至风井公路","水泥路","2013-04-01",0,0,0,{"v":900,"d":"900.00"},"无",{"v":414000,"d":"414,000.00"},{"v":100556.54,"d":"100,556.54"},0,0,{"v":44226,"d":"44,226.00"},0]
[22,"105-0095","副井口公路边至副井矸石场防洪沟","砖混","2013-05-08",0,0,0,{"v":250,"d":"250.00"},"无",{"v":142500,"d":"142,500.00"},{"v":34701.37,"d":"34,701.37"},0,0,{"v":18540,"d":"18,540.00"},0]
[23,"105-0096","办公室前、侧地坪","混凝土","2013-04-01",{"v":82,"d":"82.00"},{"v":24,"d":"24.00"},{"v":0.1,"d":"0.10"},{"v":196.8,"d":"196.80"},"无",{"v":90528,"d":"90,528.00"},{"v":21988.41,"d":"21,988.41"},0,0,{"v":9666,"d":"9,666.00"},0]
[24,"105-0097","办公室后公路边堡坎","毛石混凝土","2013-09-01",{"v":120,"d":"120.00"},{"v":0.6,"d":"0.60"},{"v":3,"d":"3.00"},{"v":216,"d":"216.00"},"无",{"v":73440,"d":"73,440.00"},{"v":18068.62,"d":"18,068.62"},0,0,{"v":19266,"d":"19,266.00"},0]
[25,"105-0098","上主井公路边堡坎","毛石混凝土","2013-04-01",{"v":100,"d":"100.00"},{"v":0.6,"d":"0.60"},{"v":1.2,"d":"1.20"},{"v":72,"d":"72.00"},"无",{"v":24480,"d":"24,480.00"},{"v":5945.92,"d":"5,945.92"},0,0,{"v":6429.6,"d":"6,429.60"},0]
[26,"105-0099","风井前堡坎","毛石混凝土","2013-04-01",{"v":20,"d":"20.00"},{"v":0.6,"d":"0.60"},{"v":3.5,"d":"3.50"},{"v":42,"d":"42.00"},"无",{"v":14280,"d":"14,280.00"},{"v":3468.52,"d":"3,468.52"},0,0,{"v":3739.2,"d":"3,739.20"},0]
[27,"105-0100","检身房前堡坎","毛石混凝土","2013-06-01",{"v":30,"d":"30.00"},{"v":0.6,"d":"0.60"},{"v":1.5,"d":"1.50"},{"v":27,"d":"27.00"},"无",{"v":9180,"d":"9,180.00"},{"v":2241.22,"d":"2,241.22"},0,0,{"v":2459.2,"d":"2,459.20"},0]
[28,"105-0101","公示牌","砖混","2012-12-01",{"v":1.8,"d":"1.80"},{"v":2.2,"d":"2.20"},0.24,{"v":0.9504,"d":"0.95"},"无",541.73,130.21,0,0,{"v":108,"d":"108.00"},0]
[29,"105-0102","副井口堡坎","毛石混凝土","2013-04-01",{"v":50,"d":"50.00"},{"v":1.1,"d":"1.10"},{"v":5,"d":"5.00"},{"v":275,"d":"275.00"},"无",{"v":93500,"d":"93,500.00"},{"v":22710.2,"d":"22,710.20"},0,0,{"v":24510,"d":"24,510.00"},0]
[30,"201605090001","简易水处理工程","混凝土","2016-04-30",{"v":4,"d":"4.00"},{"v":2,"d":"2.00"},{"v":2,"d":"2.00"},"16","无",{"v":13500,"d":"13,500.00"},{"v":7199.92,"d":"7,199.92"},0,0,{"v":3891.2,"d":"3,891.20"},0]
[31,"201605090002","陈家山10KV电路工程","开闭所和地面及井下变电所（含电气设备）","2016-04-30",0,0,0,0,"无",{"v":6971532,"d":"6,971,532.00"},{"v":3718103.47,"d":"3,718,103.47"},0,0,{"v":1552961.6,"d":"1,552,961.60"},"开闭所和地面及井下变电所（含电气设备）"]
[32,"201801240001","10KV双电源工程","10KV高陈线和茅陈线架线工程","2017-09-30",0,0,0,0,"无",{"v":346584.37,"d":"346,584.37"},{"v":214882.45,"d":"214,882.45"},0,0,{"v":93704,"d":"93,704.00"},"10KV高陈线和茅陈线架线工程"]
[33,"201801240003","永久避难硐室","属井巷工程","2017-09-30",0,0,0,0,"无",{"v":385000,"d":"385,000.00"},{"v":219802.78,"d":"219,802.78"},0,0,0,"井巷工程（不利用）"]
[34,"201803090001","饮水成井","钻深井90米，孔径168mm","2017-12-31",2.22,1.68,{"v":90,"d":"90.00"},"199.4","无",{"v":150000,"d":"150,000.00"},{"v":96562.5,"d":"96,562.50"},0,0,{"v":46766,"d":"46,766.00"},0]
[35,"201901020001","生活污水收集池","长5m;宽2m；深2m","2018-12-28",{"v":5,"d":"5.00"},{"v":3,"d":"3.00"},{"v":2,"d":"2.00"},{"v":30,"d":"30.00"},"无",{"v":2200,"d":"2,200.00"},{"v":1625.14,"d":"1,625.14"},0,0,{"v":3640,"d":"3,640.00"},0]
["36","202006090001","污水处理工程",0,"2020-05-28",0,0,0,0,"无",{"v":115260.06,"d":"115,260.06"},{"v":100660.4,"d":"100,660.40"},0,0,0,"以下为分项"]
["36-1",0,"高位水池","毛石混凝土","2020-05-28",{"v":18,"d":"18.00"},{"v":6,"d":"6.00"},{"v":4,"d":"4.00"},{"v":432,"d":"432.00"},"无",0,0,0,0,{"v":51345.6,"d":"51,345.60"},"污水处理工程水池"]
["36-2",0,"中位水池","毛石混凝土","2020-05-28",{"v":15,"d":"15.00"},{"v":6,"d":"6.00"},{"v":4,"d":"4.00"},{"v":360,"d":"360.00"},"无",0,0,0,0,{"v":42803.2,"d":"42,803.20"},0]
["36-3",0,"活性炭池","毛石混凝土","2020-05-28",{"v":6,"d":"6.00"},{"v":4,"d":"4.00"},{"v":4,"d":"4.00"},{"v":96,"d":"96.00"},"无",0,0,0,0,{"v":11400,"d":"11,400.00"},0]
["36-4",0,"低位水池（开闭所下方）","混凝土","2020-05-28",{"v":8,"d":"8.00"},{"v":4,"d":"4.00"},{"v":2.5,"d":"2.50"},{"v":80,"d":"80.00"},"无",0,0,0,0,{"v":14531.2,"d":"14,531.20"},0]
["36-5",0,"初期雨水收集池（办公楼旁）","混凝土",44183,7.75,{"v":3.5,"d":"3.50"},2.23,{"v":60.48875,"d":"60.49"},"无",0,0,0,0,{"v":11263.2,"d":"11,263.20"},0]
["36-6",0,"生活用水池（办公楼后）","混凝土","2020-05-28",{"v":7,"d":"7.00"},{"v":2.7,"d":"2.70"},{"v":2.5,"d":"2.50"},47.25,"无",0,0,0,0,{"v":8572.8,"d":"8,572.80"},0]
["账面余额合计",{"$nulls":7},{"$f":"SUM(I8:I49)","v":{"v":9289.43515,"d":"9,289.44"}},null,{"v":37776100.41,"d":"37,776,100.41"},{"v":8749201.66,"d":"8,749,201.66"},{"v":-9183940.69,"d":"-9,183,940.69"},{"v":-2568043.3,"d":"-2,568,043.30"},{"$f":"SUM(O8:O49)","v":{"v":2473270.4,"d":"2,473,270.40"}}]
["被评估单位填表人：黄照雄"]
["填表日期：2021年11月6日"]

{"sheet":"井巷工程","index":4,"n_rows":74,"n_cols":25,"rows_kept":74,"merged":[[0,0,0,24],[2,0,2,24],[4,0,5,0],[4,1,5,1],[4,2,5,2],[4,3,5,3],[4,4,5,4],[4,5,5,5],[4,6,5,6],[4,7,5,7],[4,8,5,8],[4,9,5,9],[4,10,5,10],[4,11,5,11],[4,12,5,12],[4,13,5,13],[4,14,5,14],[4,15,5,15],[4,16,5,16],[4,17,5,17],[4,18,5,18],[4,19,4,20],[4,21,4,22],[4,23,5,23],[4,24,5,24],[61,0,61,1],[62,23,62,24]]}
["固定资产—井巷工程清查评估明细表"]
[{"$nulls":24},"表4-6-4"]
["评估基准日：2021年9月30日"]
["被评估单位：贵州鑫悦煤炭有限公司",{"$nulls":23},"单位：人民币元"]
["序号","资产编号","井巷工程名称","平均涌水量m3/h","岩石硬度系数","支护方式","锚杆长度（M)","锚杆数量（根/M)","轨重(KG/m)","轨距（MM)","轨枕","支护厚度(mm)","掘进断面(m2)","巷道倾角(度)","巷道长度(M)","硐室体积(M3)","废弃巷道长度m","竣工年月","尚可服务年限","审计前账面价值",null,"审计调整",null,"清算价值","备注"]
[{"$nulls":19},"原值","净值","原值","净值"]
[1,"105-0030","开拓巷道:主平硐 平巷",0,"5～8","砌碹",0,0,{"v":22,"d":"22.00"},{"v":600,"d":"600.00"},"木",{"v":300,"d":"300.00"},11.78,"5‰",{"v":50,"d":"50.00"},{"v":589,"d":"589.00"},0,"2010-08-01",0,{"v":331748.1,"d":"331,748.10"},{"v":279028.77,"d":"279,028.77"},0,0,{"v":140899.2,"d":"140,899.20"},0]
[2,"105-0031","开拓巷道:主平硐 平巷",0,"5～8","锚网喷",{"v":2.2,"d":"2.20"},{"v":11.3,"d":"11.30"},{"v":22,"d":"22.00"},{"v":600,"d":"600.00"},"木",{"v":100,"d":"100.00"},9.86,"5‰",{"v":74,"d":"74.00"},729.64,0,"2011-11-01",0,{"v":500637.79,"d":"500,637.79"},{"v":440347.04,"d":"440,347.04"},0,0,{"v":186186,"d":"186,186.00"},0]
[3,"105-0032","开拓巷道:主运输大巷 平巷",0,"5～8","锚网喷",{"v":2.2,"d":"2.20"},{"v":11.3,"d":"11.30"},{"v":22,"d":"22.00"},{"v":600,"d":"600.00"},"木",{"v":100,"d":"100.00"},9.86,"5‰",{"v":900,"d":"900.00"},{"v":8874,"d":"8,874.00"},{"v":150,"d":"150.00"},"2012-09-01",0,{"v":5571080.59,"d":"5,571,080.59"},{"v":5076316.87,"d":"5,076,316.87"},0,0,{"v":2267843.2,"d":"2,267,843.20"},0]
[4,"105-0033","开拓巷道:风井平硐口 平巷",0,"5～8","砌碹",0,0,0,0,0,{"v":300,"d":"300.00"},11.78,"5‰",{"v":50,"d":"50.00"},{"v":589,"d":"589.00"},0,"2010-06-01",0,{"v":293169.82,"d":"293,169.82"},{"v":244458.21,"d":"244,458.21"},0,0,{"v":135699.2,"d":"135,699.20"},0]
[5,"105-0034","开拓巷道:安全出口 平巷",0,"5～8","砌碹",0,0,0,0,0,{"v":300,"d":"300.00"},9.27,"5‰",{"v":15,"d":"15.00"},139.05,0,"2010-08-01",0,{"v":86221.3,"d":"86,221.30"},{"v":72519.61,"d":"72,519.61"},0,0,{"v":32531.2,"d":"32,531.20"},0]
[6,"105-0035","开拓巷道:引风硐 平巷",0,"5～8","砌碹",0,0,0,0,0,{"v":300,"d":"300.00"},11.78,"5‰",{"v":45,"d":"45.00"},{"v":530.1,"d":"530.10"},0,"2010-08-01",0,{"v":296457.57,"d":"296,457.57"},{"v":249346.23,"d":"249,346.23"},0,0,{"v":122116.8,"d":"122,116.80"},0]
[7,"105-0036","开拓巷道:风井平硐 平巷",0,"5～8","锚网喷",{"v":2.2,"d":"2.20"},{"v":11.3,"d":"11.30"},{"v":15,"d":"15.00"},{"v":600,"d":"600.00"},"木",{"v":100,"d":"100.00"},9.86,"5‰",{"v":78,"d":"78.00"},769.08,0,"2010-08-01",0,{"v":472340.65,"d":"472,340.65"},{"v":397279.39,"d":"397,279.39"},0,0,{"v":183123.2,"d":"183,123.20"},0]
[8,"105-0037","开拓巷道:总回风平巷 平巷",0,"5～8","锚网喷",{"v":2.2,"d":"2.20"},{"v":11.3,"d":"11.30"},{"v":15,"d":"15.00"},{"v":600,"d":"600.00"},"木",{"v":100,"d":"100.00"},9.86,"5‰",{"v":503,"d":"503.00"},{"v":4959.58,"d":"4,959.58"},0,"2012-08-01",0,{"v":3680779.65,"d":"3,680,779.65"},{"v":3335959.42,"d":"3,335,959.42"},0,0,{"v":1250659.2,"d":"1,250,659.20"},0]
[9,"105-0038","开拓巷道:回风上山 平巷",0,"5～8","锚网喷",{"v":2.2,"d":"2.20"},{"v":11.3,"d":"11.30"},0,0,"木",{"v":100,"d":"100.00"},9.11,"5‰",{"v":20,"d":"20.00"},{"v":182.2,"d":"182.20"},0,"2011-12-01",0,{"v":123733.9,"d":"123,733.90"},{"v":109537.44,"d":"109,537.44"},0,0,{"v":45408,"d":"45,408.00"},0]
[10,"105-0039","开拓巷道:回风上山 斜巷",0,"3～8","锚网喷",{"v":2.2,"d":"2.20"},{"v":11.3,"d":"11.30"},{"v":22,"d":"22.00"},{"v":600,"d":"600.00"},"木",{"v":100,"d":"100.00"},9.11,{"v":22,"d":"22.00"},{"v":508,"d":"508.00"},{"v":4627.88,"d":"4,627.88"},0,"2012-01-01",0,{"v":3142823.5,"d":"3,142,823.50"},{"v":2782232.37,"d":"2,782,232.37"},0,0,{"v":1350646,"d":"1,350,646.00"},0]
[11,"105-0040","准备巷道:一采区回风下山 斜巷",0,0,0,0,0,0,0,0,0,0,{"v":23,"d":"23.00"},{"v":103,"d":"103.00"},0,0,"2012-07-01",0,{"v":708113.71,"d":"708,113.71"},{"v":638221.09,"d":"638,221.09"},0,0,0,"已废弃，不再利用"]
[12,"105-0041","准备巷道:一采区上部车场 平巷",0,0,0,0,0,0,0,0,0,0,"5‰",{"v":75,"d":"75.00"},0,0,"2012-11-01",0,{"v":579176.01,"d":"579,176.01"},{"v":530478.8,"d":"530,478.80"},0,0,0,"已废弃，不再利用"]
[13,"105-0042","准备巷道:一采区轨道上山 斜巷",0,0,0,0,0,0,0,0,0,0,{"v":23,"d":"23.00"},{"v":122,"d":"122.00"},0,0,"2012-07-01",0,{"v":838746.52,"d":"838,746.52"},{"v":755959.95,"d":"755,959.95"},0,0,0,"已废弃，不再利用"]
[14,"105-0043","准备巷道:一采区中部车场 平巷",0,0,0,0,0,0,0,0,0,0,"5‰",{"v":66,"d":"66.00"},0,0,"2013-05-01",0,{"v":532083.03,"d":"532,083.03"},{"v":494470.67,"d":"494,470.67"},0,0,0,"已废弃，不再利用"]
[15,"105-0044","准备巷道:一采区绞车硐室 平巷",0,0,0,0,0,0,0,0,0,0,"5‰",{"v":5,"d":"5.00"},0,0,"2013-01-01",0,{"v":49565.19,"d":"49,565.19"},{"v":45625.36,"d":"45,625.36"},0,0,0,"已废弃，不再利用"]
[16,"105-0045","开拓巷道:轨道下山 斜巷",0,"3～8","锚网喷",{"v":2.2,"d":"2.20"},{"v":11.3,"d":"11.30"},{"v":22,"d":"22.00"},{"v":600,"d":"600.00"},"木",{"v":100,"d":"100.00"},9.11,{"v":22,"d":"22.00"},{"v":490,"d":"490.00"},{"v":4463.9,"d":"4,463.90"},0,"2014-07-01",0,{"v":3956732.48,"d":"3,956,732.48"},{"v":3825396.8,"d":"3,825,396.80"},0,0,{"v":1421232,"d":"1,421,232.00"},0]
[17,"105-0046","开拓巷道:轨道下山 平巷",0,"5～8","锚网喷",{"v":2.2,"d":"2.20"},{"v":13.8,"d":"13.80"},{"v":22,"d":"22.00"},{"v":600,"d":"600.00"},"木",{"v":100,"d":"100.00"},{"v":14,"d":"14.00"},"5‰",{"v":20,"d":"20.00"},{"v":280,"d":"280.00"},0,"2013-08-01",0,{"v":155600.4,"d":"155,600.40"},{"v":145895.55,"d":"145,895.55"},0,0,{"v":67000.4,"d":"67,000.40"},0]
[18,"105-0047","开拓巷道:皮带运输下山 斜巷",0,"3～8","锚网喷",{"v":2.2,"d":"2.20"},{"v":13.8,"d":"13.80"},{"v":18,"d":"18.00"},{"v":600,"d":"600.00"},"木",{"v":100,"d":"100.00"},{"v":14,"d":"14.00"},{"v":22,"d":"22.00"},{"v":513,"d":"513.00"},{"v":7182,"d":"7,182.00"},0,"2014-06-01",0,{"v":5442444.92,"d":"5,442,444.92"},{"v":5243675.69,"d":"5,243,675.69"},0,0,{"v":1942512,"d":"1,942,512.00"},0]
[19,"105-0048","开拓巷道:皮带运输下山 平巷",0,"5～8","锚网喷",{"v":2.2,"d":"2.20"},{"v":13.8,"d":"13.80"},{"v":18,"d":"18.00"},{"v":600,"d":"600.00"},"木",{"v":100,"d":"100.00"},{"v":14,"d":"14.00"},"5‰",{"v":15,"d":"15.00"},{"v":210,"d":"210.00"},0,"2013-09-01",0,{"v":161957.87,"d":"161,957.87"},{"v":152503,"d":"152,503.00"},0,0,{"v":49843.2,"d":"49,843.20"},0]
[20,"105-0049","开拓巷道: 上部车场 平巷",0,"5～8","锚网喷",{"v":2.2,"d":"2.20"},{"v":13.8,"d":"13.80"},{"v":18,"d":"18.00"},{"v":600,"d":"600.00"},"木",{"v":100,"d":"100.00"},{"v":14,"d":"14.00"},"5‰",{"v":67,"d":"67.00"},{"v":938,"d":"938.00"},0,"2013-04-01",0,{"v":683361.75,"d":"683,361.75"},{"v":635055.79,"d":"635,055.79"},0,0,{"v":215095.2,"d":"215,095.20"},0]
[21,"105-0050","开拓巷道: 中部车场 平巷",0,"5～8","锚网喷",{"v":2.2,"d":"2.20"},{"v":13.8,"d":"13.80"},{"v":18,"d":"18.00"},{"v":600,"d":"600.00"},"木",{"v":100,"d":"100.00"},{"v":14,"d":"14.00"},"5‰",{"v":65,"d":"65.00"},{"v":910,"d":"910.00"},0,"2014-03-01",0,{"v":728084.54,"d":"728,084.54"},{"v":696459.78,"d":"696,459.78"},0,0,{"v":215987.2,"d":"215,987.20"},0]
[22,"105-0051","开拓巷道:皮带下山下部车场 平巷",0,"5～8","锚网喷",{"v":2.2,"d":"2.20"},{"v":13.8,"d":"13.80"},{"v":18,"d":"18.00"},{"v":600,"d":"600.00"},"木",{"v":100,"d":"100.00"},{"v":14,"d":"14.00"},"5‰",{"v":90,"d":"90.00"},{"v":1260,"d":"1,260.00"},0,"2013-06-01",0,{"v":930817.27,"d":"930,817.27"},{"v":868943.8,"d":"868,943.80"},0,0,{"v":293990.4,"d":"293,990.40"},0]
[23,"105-0052","开拓巷道:轨道下山下部车场 平巷",0,"5～8","锚网喷",{"v":2.2,"d":"2.20"},{"v":13.8,"d":"13.80"},{"v":18,"d":"18.00"},{"v":600,"d":"600.00"},"木",{"v":100,"d":"100.00"},{"v":14,"d":"14.00"},"5‰",{"v":100,"d":"100.00"},{"v":1400,"d":"1,400.00"},0,"2013-07-01",0,{"v":1050634.74,"d":"1,050,634.74"},{"v":980796.92,"d":"980,796.92"},0,0,{"v":332288,"d":"332,288.00"},0]
[24,"105-0053","开拓巷道:822联络巷 平巷",0,"5～8","锚网喷",{"v":2.2,"d":"2.20"},{"v":13.8,"d":"13.80"},{"v":18,"d":"18.00"},{"v":600,"d":"600.00"},"木",{"v":100,"d":"100.00"},{"v":14,"d":"14.00"},"5‰",{"v":80,"d":"80.00"},{"v":1120,"d":"1,120.00"},0,"2013-06-01",0,{"v":827393.22,"d":"827,393.22"},{"v":772394.6,"d":"772,394.60"},0,0,{"v":261324.8,"d":"261,324.80"},0]
[25,"105-0054","开拓巷道:822运输石门 平巷",0,"5～8","锚网喷",{"v":2.2,"d":"2.20"},{"v":11.3,"d":"11.30"},{"v":22,"d":"22.00"},{"v":600,"d":"600.00"},"木",{"v":100,"d":"100.00"},9.11,"5‰",{"v":220,"d":"220.00"},{"v":2004.2,"d":"2,004.20"},0,"2012-04-01",0,{"v":1469230.31,"d":"1,469,230.31"},{"v":1316606.21,"d":"1,316,606.21"},0,0,{"v":533299.2,"d":"533,299.20"},0]
[26,"105-0055","开拓巷道:井底车场 平巷",0,"5～8","锚网喷",{"v":2.2,"d":"2.20"},{"v":13.8,"d":"13.80"},{"v":18,"d":"18.00"},{"v":600,"d":"600.00"},"木",{"v":100,"d":"100.00"},{"v":14,"d":"14.00"},"5‰",{"v":85,"d":"85.00"},{"v":1190,"d":"1,190.00"},0,"2011-03-01",0,{"v":708760.49,"d":"708,760.49"},{"v":610469.63,"d":"610,469.63"},0,0,{"v":253721.6,"d":"253,721.60"},0]
[27,"105-0056","开拓巷道:管子道 平巷",0,"3～5","工字钢",0,0,0,0,0,0,{"v":7.2,"d":"7.20"},"5‰",{"v":45,"d":"45.00"},{"v":324,"d":"324.00"},0,"2010-07-01",0,{"v":34400.3,"d":"34,400.30"},{"v":28933.55,"d":"28,933.55"},0,0,{"v":72342.4,"d":"72,342.40"},0]
[28,"105-0057","开拓巷道:管子道 斜巷",0,"3～5","工字钢",0,0,0,0,0,0,{"v":7.2,"d":"7.20"},{"v":23,"d":"23.00"},{"v":30,"d":"30.00"},{"v":216,"d":"216.00"},0,"2010-07-01",0,{"v":149161.62,"d":"149,161.62"},{"v":125457.83,"d":"125,457.83"},0,0,{"v":54995.2,"d":"54,995.20"},0]
[29,"105-0058","开拓巷道: K5煤层轨道下山 平巷",0,0,0,0,0,0,0,0,0,0,"5‰",{"v":30,"d":"30.00"},0,0,"2013-01-01",0,{"v":226836.55,"d":"226,836.55"},{"v":208805.86,"d":"208,805.86"},0,0,0,"已废弃，不再利用"]
[30,"105-0059","准备巷道: K5煤层轨道下山 斜巷",0,0,0,0,0,0,0,0,0,0,"23",{"v":129,"d":"129.00"},0,0,"2013-01-01",0,{"v":995667.25,"d":"995,667.25"},{"v":916524.26,"d":"916,524.26"},0,0,0,"已废弃，不再利用"]
[31,"105-0060","准备巷道: K5煤层车场绕道 平巷",0,0,0,0,0,0,0,0,0,0,"5‰",{"v":114,"d":"114.00"},0,0,"2014-08-01",0,{"v":1054747.14,"d":"1,054,747.14"},{"v":1019736.91,"d":"1,019,736.91"},0,0,0,"已废弃，不再利用"]
[32,"105-0061","开拓巷道:副斜井 斜巷",0,"5～8","砌碹",0,0,{"v":15,"d":"15.00"},{"v":600,"d":"600.00"},"木",{"v":300,"d":"300.00"},{"v":6.9,"d":"6.90"},{"v":12,"d":"12.00"},{"v":40,"d":"40.00"},{"v":276,"d":"276.00"},0,"2010-03-01",0,{"v":248288.69,"d":"248,288.69"},{"v":205168.27,"d":"205,168.27"},0,0,{"v":76793.6,"d":"76,793.60"},0]
[33,"105-0062","开拓巷道:副斜井 斜巷",0,"3～5","矿工钢",0,0,{"v":15,"d":"15.00"},{"v":600,"d":"600.00"},"木",0,{"v":6.9,"d":"6.90"},{"v":12,"d":"12.00"},{"v":590,"d":"590.00"},{"v":4071,"d":"4,071.00"},0,"2012-04-01",0,{"v":2949422.08,"d":"2,949,422.08"},{"v":2643035.12,"d":"2,643,035.12"},0,0,{"v":1112115.2,"d":"1,112,115.20"},0]
[34,"105-0063","开拓巷道:井下变电所 平巷",0,"5～8","锚网喷",{"v":2.2,"d":"2.20"},{"v":13.8,"d":"13.80"},{"v":18,"d":"18.00"},{"v":600,"d":"600.00"},"砼",{"v":100,"d":"100.00"},{"v":14,"d":"14.00"},"5‰",{"v":120,"d":"120.00"},{"v":1680,"d":"1,680.00"},0,"2012-12-01",0,{"v":1317475.04,"d":"1,317,475.04"},{"v":1206701.93,"d":"1,206,701.93"},0,0,{"v":372041.6,"d":"372,041.60"},0]
[35,"105-0064","开拓巷道:水泵房 平巷",0,"5～8","锚网喷",{"v":2.2,"d":"2.20"},{"v":11.3,"d":"11.30"},{"v":18,"d":"18.00"},{"v":600,"d":"600.00"},"木",{"v":100,"d":"100.00"},{"v":10.2,"d":"10.20"},"5‰",{"v":40,"d":"40.00"},{"v":408,"d":"408.00"},0,"2015-04-30",0,{"v":423989,"d":"423,989.00"},{"v":420068.74,"d":"420,068.74"},0,0,{"v":110484,"d":"110,484.00"},0]
[36,"105-0065","开拓巷道:822水仓工程 斜巷",0,0,"锚网喷",{"v":2.2,"d":"2.20"},{"v":11.3,"d":"11.30"},{"v":18,"d":"18.00"},{"v":600,"d":"600.00"},"木",{"v":100,"d":"100.00"},{"v":8,"d":"8.00"},"5‰",{"v":180,"d":"180.00"},{"v":1440,"d":"1,440.00"},0,"2015-04-30",0,{"v":1579060,"d":"1,579,060.00"},{"v":1564459.76,"d":"1,564,459.76"},0,0,{"v":449822.4,"d":"449,822.40"},0]
[37,"105-0066","开拓巷道:永久避难硐室 平巷",0,0,"锚网喷",{"v":2.2,"d":"2.20"},{"v":13.8,"d":"13.80"},0,0,0,{"v":100,"d":"100.00"},{"v":14,"d":"14.00"},"5‰",{"v":40,"d":"40.00"},{"v":560,"d":"560.00"},0,"2015-04-30",0,{"v":694903,"d":"694,903.00"},{"v":688477.84,"d":"688,477.84"},0,0,{"v":133448.8,"d":"133,448.80"},0]
[38,"105-0067","开拓巷道:消防材料库 平巷",0,0,"锚网喷",{"v":2.2,"d":"2.20"},{"v":11.3,"d":"11.30"},{"v":18,"d":"18.00"},{"v":600,"d":"600.00"},"木",{"v":100,"d":"100.00"},{"v":8,"d":"8.00"},"5‰",{"v":12,"d":"12.00"},{"v":96,"d":"96.00"},0,"2015-04-30",0,{"v":105277,"d":"105,277.00"},{"v":104303.58,"d":"104,303.58"},0,0,{"v":29462.4,"d":"29,462.40"},0]
[39,"105-0068","开拓巷道:1002水平煤仓 斜巷",0,0,0,0,0,0,0,0,0,0,"45",{"v":18,"d":"18.00"},0,0,"2015-04-30",0,{"v":157899,"d":"157,899.00"},{"v":156439.01,"d":"156,439.01"},0,0,0,"已废弃，不再利用"]
[40,"105-0069","开拓巷道:822北巷 平巷",0,0,0,0,0,0,0,0,0,0,"5‰",{"v":175,"d":"175.00"},0,0,"2015-04-30",0,{"v":1336477,"d":"1,336,477.00"},{"v":1324119.71,"d":"1,324,119.71"},0,0,0,"已废弃，不再利用"]
[41,"105-0070","开拓巷道:822回风上山 斜巷",0,0,"矿工钢",0,0,0,0,0,0,{"v":8,"d":"8.00"},{"v":18,"d":"18.00"},{"v":270,"d":"270.00"},{"v":2160,"d":"2,160.00"},0,"2015-04-30",0,{"v":1626858,"d":"1,626,858.00"},{"v":1611815.79,"d":"1,611,815.79"},0,0,{"v":589173.6,"d":"589,173.60"},0]
[42,"105-0071","开拓巷道:913回风上山 斜巷",0,0,0,0,0,0,0,0,0,0,"25",{"v":190,"d":"190.00"},0,0,"2015-04-30",0,{"v":1375007,"d":"1,375,007.00"},{"v":1362293.5,"d":"1,362,293.50"},0,0,0,"已废弃，不再利用"]
[43,"105-0072","开拓巷道:913回风平巷 平巷",0,0,0,0,0,0,0,0,0,0,"5‰",{"v":75,"d":"75.00"},0,0,"2015-04-30",0,{"v":527579,"d":"527,579.00"},{"v":522700.95,"d":"522,700.95"},0,0,0,"已废弃，不再利用"]
[44,"105-0073","开拓巷道:913回风平巷 斜巷",0,0,0,0,0,0,0,0,0,0,"25",{"v":18,"d":"18.00"},0,0,"2015-04-30",0,{"v":130257,"d":"130,257.00"},{"v":129052.62,"d":"129,052.62"},0,0,0,"已废弃，不再利用"]
[45,"201603060001","轨道下山",0,0,0,0,0,0,0,0,0,0,0,0,0,0,"2013-08-01",0,0,0,0,0,{"v":51070.4,"d":"51,070.40"},0]
[46,0,"823回风上山",0,0,0,0,0,0,0,0,0,0,0,0,0,0,"2013-08-01",0,0,0,0,0,{"v":274114,"d":"274,114.00"},0]
[47,0,"822回风绕道",0,0,0,0,0,0,0,0,0,0,0,0,0,0,"2013-08-01",0,0,0,0,0,{"v":75826.8,"d":"75,826.80"},0]
[48,0,"822运输联络巷",0,0,0,0,0,0,0,0,0,0,0,0,0,0,"2013-08-01",0,0,0,0,0,{"v":25275.6,"d":"25,275.60"},0]
[49,0,"822回风上山躲身硐",0,0,0,0,0,0,0,0,0,0,0,0,0,0,"2013-08-01",0,0,0,0,0,{"v":4790.8,"d":"4,790.80"},0]
[50,0,"780水泵房",0,0,0,0,0,0,0,0,0,0,0,0,0,0,"2013-08-01",0,0,0,0,0,{"v":104524.4,"d":"104,524.40"},0]
[51,0,"780管子道",0,0,0,0,0,0,0,0,0,0,0,0,0,0,"2013-08-01",0,0,0,0,0,{"v":33913.2,"d":"33,913.20"},0]
[52,0,"绞车房回风联络巷",0,0,0,0,0,0,0,0,0,0,0,0,0,0,"2013-08-01",0,0,0,0,0,{"v":35872,"d":"35,872.00"},0]
[53,0,"主平硐车场刷巷",0,0,0,0,0,0,0,0,0,0,0,0,0,0,"2013-08-01",0,0,0,0,0,{"v":11422.4,"d":"11,422.40"},0]
[54,0,"822轨道石门",0,0,0,0,0,0,0,0,0,0,0,0,0,0,"2013-08-01",0,0,0,0,0,{"v":60652,"d":"60,652.00"},0]
[55,0,"822运输下山联络巷",0,0,0,0,0,0,0,0,0,0,0,0,0,0,"2013-08-01",0,0,0,0,0,{"v":16000.8,"d":"16,000.80"},0]
["合        计",{"$nulls":18},{"v":410648032.19,"d":"410,648,032.19"},{"v":394644908.44,"d":"394,644,908.44"},{"v":-315608319.81,"d":"-315,608,319.81"},{"v":-303264396.64,"d":"-303,264,396.64"},{"$f":"SUM(X7:X61)","v":{"v":14995547.6,"d":"14,995,547.60"}}]
["被评估单位填表人：黄照雄"]
["填表日期：2021年11月6日"]
[]
[]
[{"$nulls":23},{"v":14995547.6,"d":"14,995,547.60"},0]
[{"$nulls":23},{"v":3479788.8,"d":"3,479,788.80"},0]
[{"$nulls":23},0,0]
[{"$nulls":23},0,0]
[{"$nulls":23},0,0]
[{"$nulls":23},0,0]
[{"$nulls":23},{"v":18475336.4,"d":"18,475,336.40"},0]
[{"$nulls":23},0,0]

{"sheet":"机器设备","index":5,"n_rows":251,"n_cols":19,"rows_kept":251,"merged":[[1,0,1,18],[2,0,2,18],[5,0,6,0],[5,1,6,1],[5,2,6,2],[5,3,6,3],[5,4,6,4],[5,7,6,7],[5,8,6,8],[5,9,6,9],[5,10,6,10],[5,13,5,14],[5,15,5,16],[5,17,6,17],[5,18,6,18],[238,0,238,4],[239,17,239,18]]}
["返回","返回索引","被评估单位填表人：:黄照雄         填表日期：2021年11月6日             评估人员：何廷培、吴贤青      "]
["固定资产-机器设备评估明细表"]
["评估基准日：2021年9月30日"]
[{"$nulls":18},"表4-6-2-1"]
["被评估单位：贵州鑫悦煤炭有限公司",{"$nulls":17},"金额单位：人民币元"]
["序号","设备编号","设备名称","规格型号","生产厂家","重量","计量","数量","实盘数","购置\n日期","启用\n日期","存放","他项","审计前账面价值",null,"审计调整",null,"清算价值","备注"]
[{"$nulls":5},"(T)","单位",{"$nulls":4},"地点","权利","原值","净值","原值","净值"]
[1,"105-0104","矿用隔爆型真空永磁高压配电装置","PBG-200Y（200A10KV）",0,0,"台",2,2,"2013-02-28","2013-02-28","息烽县养龙司乡利发煤矿","无",{"v":21470,"d":"21,470.00"},{"v":3703.97,"d":"3,703.97"},0,0,{"v":3494.4,"d":"3,494.40"},"井下"]
[2,"105-0105","矿用隔爆型真空永磁高压配电装置","PJG431-200/10",0,0,"台",0,0,"2013-02-28","2013-02-28","息烽县养龙司乡利发煤矿","无",{"v":42950,"d":"42,950.00"},{"v":7409.72,"d":"7,409.72"},{"v":-42950,"d":"-42,950.00"},{"v":-7409.72,"d":"-7,409.72"},0,"盘亏"]
[3,"105-0106","矿用隔爆型真空永磁高压配电装置","PBG-100Y（100A10KV）",0,0,"台",2,2,"2013-02-28","2013-02-28","息烽县养龙司乡利发煤矿","无",{"v":21470,"d":"21,470.00"},{"v":3703.97,"d":"3,703.97"},0,0,{"v":3494.4,"d":"3,494.40"},"井下"]
[4,"105-0107","矿用隔爆型真空永磁高压配电装置","PBG-50Y（50A10KV）",0,0,"台",6,6,"2013-02-28","2013-02-28","息烽县养龙司乡利发煤矿","无",{"v":85890,"d":"85,890.00"},{"v":14817.67,"d":"14,817.67"},0,0,{"v":13900.8,"d":"13,900.80"},"井下"]
[5,"105-0108","矿用隔爆型真空永磁高压配电装置","PJG431-50/10",0,0,"台",0,0,"2013-11-30","2013-11-30","息烽县养龙司乡利发煤矿","无",{"v":42950,"d":"42,950.00"},{"v":8138.32,"d":"8,138.32"},{"v":-42950,"d":"-42,950.00"},{"v":-8138.32,"d":"-8,138.32"},0,"盘亏"]
[6,"105-0109","矿用隔爆干式变压器","KBSG-500/10",0,0,"台",2,2,"2013-01-31","2013-01-31","息烽县养龙司乡利发煤矿","无",{"v":205010,"d":"205,010.00"},{"v":35368.27,"d":"35,368.27"},0,0,{"v":33158.4,"d":"33,158.40"},"井下"]
[7,"105-0110","矿用隔爆干式变压器","KBSG-315/10",0,0,"台",2,2,"2013-01-31","2013-01-31","息烽县养龙司乡利发煤矿","无",{"v":161300,"d":"161,300.00"},{"v":27827.42,"d":"27,827.42"},0,0,{"v":26131.2,"d":"26,131.20"},"井下"]
[8,"105-0111","矿用隔爆干式变压器","KBSG-200/10",0,0,"台",2,2,"2013-01-31","2013-01-31","息烽县养龙司乡利发煤矿","无",{"v":116630,"d":"116,630.00"},{"v":20121.02,"d":"20,121.02"},0,0,{"v":17606.4,"d":"17,606.40"},"井下"]
[9,"105-0112","隔爆型真空馈电开关","KBZ-400/1140",0,0,"台",4,4,"2013-02-28","2013-02-28","息烽县养龙司乡利发煤矿","无",{"v":12020,"d":"12,020.00"},{"v":2073.65,"d":"2,073.65"},0,0,{"v":960,"d":"960.00"},"井下"]
[10,"105-0113","隔爆型真空馈电开关","KBZ-500/1140",0,0,"台",1,1,"2013-02-28","2013-02-28","息烽县养龙司乡利发煤矿","无",{"v":22550,"d":"22,550.00"},{"v":3890.27,"d":"3,890.27"},0,0,{"v":1824,"d":"1,824.00"},"井下"]
[11,"105-0114","隔爆真空永磁馈电开关","KBZ-200/1140",0,0,"台",1,1,"2013-02-28","2013-02-28","息烽县养龙司乡利发煤矿","无",{"v":6440,"d":"6,440.00"},{"v":1111.07,"d":"1,111.07"},0,0,{"v":489.6,"d":"489.60"},"井下"]
[12,"105-0115","隔爆型真空馈电开关","KBZ9-400/660（380）",0,0,"台",3,3,"2013-02-28","2013-02-28","息烽县养龙司乡利发煤矿","无",{"v":16100,"d":"16,100.00"},{"v":2777.57,"d":"2,777.57"},0,0,{"v":1296,"d":"1,296.00"},"井下"]
[13,"105-0116","隔爆型真空馈电开关","KBZ9-200/660（380）",0,0,"台",2,2,"2013-02-28","2013-02-28","息烽县养龙司乡利发煤矿","无",{"v":10740,"d":"10,740.00"},{"v":1852.87,"d":"1,852.87"},0,0,{"v":883.2,"d":"883.20"},"井下"]
[14,"105-0117","调度绞车","DJ-25",0,0,"台",1,1,"2011-08-01","2011-08-01","息烽县养龙司乡利发煤矿","无",{"v":27910,"d":"27,910.00"},{"v":3868.03,"d":"3,868.03"},0,0,{"v":2640,"d":"2,640.00"},"井下"]
[15,"105-0118","隔爆型真空馈电开关","KBZ9-200/660（380）",0,0,"台",1,1,"2013-02-28","2013-02-28","息烽县养龙司乡利发煤矿","无",{"v":5370,"d":"5,370.00"},926.47,0,0,{"v":441.6,"d":"441.60"},"井下"]
[16,"105-0119","调度绞车","DJ-25",0,0,"台",1,1,"2013-12-24","2013-12-24","息烽县养龙司乡利发煤矿","无",{"v":27910,"d":"27,910.00"},{"v":5341.14,"d":"5,341.14"},0,0,{"v":3776,"d":"3,776.00"},"井下"]
[17,"105-0120","隔爆型真空馈电开关","KBZ9-200/660（380）",0,0,"台",1,1,"2013-02-28","2013-02-28","息烽县养龙司乡利发煤矿","无",{"v":5370,"d":"5,370.00"},926.47,0,0,{"v":412.8,"d":"412.80"},"井下"]
[18,"105-0121","矿用带式制动绞车","JTB-0.8×0.6",0,0,"台",1,1,"2012-09-01","2012-09-01","息烽县养龙司乡利发煤矿","无",{"v":30060,"d":"30,060.00"},{"v":4902.67,"d":"4,902.67"},0,0,{"v":3251.2,"d":"3,251.20"},"井下"]
[19,"105-0122","隔爆型真空馈电开关","KBZ9-400/660（380）",0,0,"台",1,1,"2013-02-28","2013-02-28","息烽县养龙司乡利发煤矿","无",{"v":5370,"d":"5,370.00"},926.47,0,0,{"v":441.6,"d":"441.60"},"井下"]
[20,"105-0124","乳化泵","BRW80/120",0,0,"台",2,2,"2010-03-01","2010-03-01","息烽县养龙司乡利发煤矿","无",{"v":126490,"d":"126,490.00"},{"v":13477.17,"d":"13,477.17"},0,0,{"v":5832,"d":"5,832.00"},"井下"]
[21,"105-0125","隔爆型真空馈电开关","KBZ9-200/660（380）",0,0,"台",1,1,"2013-02-28","2013-02-28","息烽县养龙司乡利发煤矿","无",{"v":5370,"d":"5,370.00"},926.47,0,0,{"v":441.6,"d":"441.60"},"井下"]
[22,"105-0126","刮板机","SGB-320/11",0,0,"台",1,1,"2010-05-01","2010-05-01","息烽县养龙司乡利发煤矿","无",{"v":30060,"d":"30,060.00"},{"v":3316.12,"d":"3,316.12"},0,0,{"v":2154,"d":"2,154.00"},"井下"]
[23,"105-0127","隔爆型可控硅充电机（从新益调运的）","ZBC10-90/190",0,0,"台",1,1,"2012-12-31","2012-12-31","息烽县养龙司乡利发煤矿","无",{"v":20400,"d":"20,400.00"},{"v":3480.97,"d":"3,480.97"},0,0,{"v":2447.2,"d":"2,447.20"},"井下"]
[24,"105-0128","防爆蓄电池电机车","CTY2.5-6GB",0,0,"台",1,1,"2012-06-01","2012-06-01","息烽县养龙司乡利发煤矿","无",{"v":123470,"d":"123,470.00"},{"v":19439.12,"d":"19,439.12"},0,0,{"v":13363.2,"d":"13,363.20"},"井下"]
[25,"105-0129","耙装机","P30B",0,0,"台",1,1,"2011-06-01","2011-06-01","息烽县养龙司乡利发煤矿","无",{"v":32210,"d":"32,210.00"},{"v":4342.59,"d":"4,342.59"},0,0,{"v":2334,"d":"2,334.00"},"井下"]
[26,"105-0130","耙装机","P30B",0,0,"台",1,1,"2011-06-01","2011-06-01","息烽县养龙司乡利发煤矿","无",{"v":32210,"d":"32,210.00"},{"v":4342.59,"d":"4,342.59"},0,0,{"v":2334,"d":"2,334.00"},"井下"]
[27,"105-0131","探水钻","ZDY-650",0,0,"台",1,1,"2011-06-01","2011-06-01","息烽县养龙司乡利发煤矿","无",{"v":67640,"d":"67,640.00"},{"v":9119.27,"d":"9,119.27"},0,0,{"v":6852,"d":"6,852.00"},"井下"]
[28,"105-0132","喷浆机","PZ-6B",0,0,"台",1,1,"2011-06-01","2011-06-01","息烽县养龙司乡利发煤矿","无",{"v":7300,"d":"7,300.00"},984.18,0,0,{"v":540,"d":"540.00"},"井下"]
[29,"105-0133","隔爆型真空馈电开关","KBZ9-200/660（380）",0,0,"台",1,1,"2013-02-28","2013-02-28","息烽县养龙司乡利发煤矿","无",{"v":5370,"d":"5,370.00"},926.47,0,0,{"v":576,"d":"576.00"},"井下"]
[30,"105-0134","耙装机","P60B",0,0,"台",1,1,"2013-11-29","2013-11-29","息烽县养龙司乡利发煤矿","无",{"v":32210,"d":"32,210.00"},{"v":6103.23,"d":"6,103.23"},0,0,{"v":4823.6,"d":"4,823.60"},"井下"]
[31,"105-0135","喷浆机","PZ-6B",0,0,"台",1,1,"2012-12-01","2012-12-01","息烽县养龙司乡利发煤矿","无",{"v":7300,"d":"7,300.00"},{"v":1231.92,"d":"1,231.92"},0,0,{"v":828,"d":"828.00"},"井下"]
[32,"105-0136","喷浆机","PZ-6B",0,0,"台",1,1,"2013-11-29","2013-11-29","息烽县养龙司乡利发煤矿","无",{"v":7300,"d":"7,300.00"},{"v":1383.27,"d":"1,383.27"},0,0,{"v":1116,"d":"1,116.00"},"井下"]
[33,"105-0137","矿用带式制动绞车","JTB-0.8×0.6",0,0,"台",1,1,"2013-12-24","2013-12-24","息烽县养龙司乡利发煤矿","无",{"v":30060,"d":"30,060.00"},{"v":5752.57,"d":"5,752.57"},0,0,{"v":4064,"d":"4,064.00"},"井下"]
[34,"105-0138","隔爆型真空馈电开关","KBZ9-200/660（380）",0,0,"台",1,1,"2013-02-28","2013-02-28","息烽县养龙司乡利发煤矿","无",{"v":5370,"d":"5,370.00"},926.47,0,0,{"v":441.6,"d":"441.60"},"井下"]
[35,"105-0139","单吸多级离心式水泵","DS85-45×6/110KW",0,0,"台",3,3,"2011-05-01","2011-05-01","息烽县养龙司乡利发煤矿","无",{"v":12880,"d":"12,880.00"},{"v":1712.22,"d":"1,712.22"},0,0,{"v":600,"d":"600.00"},"井下"]
[36,"105-0140","单吸多级离心式水泵","80D-30×10/75KW",0,0,"台",2,2,"2013-12-24","2013-12-24","息烽县养龙司乡利发煤矿","无",{"v":11860,"d":"11,860.00"},{"v":2269.62,"d":"2,269.62"},0,0,{"v":200,"d":"200.00"},"报废"]
[37,"105-0141","隔爆型真空馈电开关","KBZ9-400/660（380）",0,0,"台",2,2,"2013-02-28","2013-02-28","息烽县养龙司乡利发煤矿","无",{"v":10740,"d":"10,740.00"},{"v":1852.87,"d":"1,852.87"},0,0,{"v":883.2,"d":"883.20"},"井下"]
[38,"105-0142","隔爆型真空馈电开关","KBZ9-200/660（380）",0,0,"台",1,1,"2013-02-28","2013-02-28","息烽县养龙司乡利发煤矿","无",{"v":5370,"d":"5,370.00"},926.47,0,0,{"v":412.8,"d":"412.80"},"井下"]
[39,"105-0143","本安型软起动开关","QJR-400",0,0,"台",3,3,"2013-12-24","2013-12-24","息烽县养龙司乡利发煤矿","无",{"v":6440,"d":"6,440.00"},{"v":1232.42,"d":"1,232.42"},0,0,{"v":669.6,"d":"669.60"},"井下"]
[40,"105-0144","本安型电磁起动器","QJZ-200",0,0,"台",0,0,"2013-12-24","2013-12-24","息烽县养龙司乡利发煤矿","无",{"v":690,"d":"690.00"},132.07,{"v":-690,"d":"-690.00"},-132.07,0,"盘亏"]
[41,"105-0145","隔爆型真空馈电开关","KBZ9-200/660（380）",0,0,"台",2,2,"2013-11-19","2013-11-19","息烽县养龙司乡利发煤矿","无",{"v":10740,"d":"10,740.00"},{"v":2035.09,"d":"2,035.09"},0,0,{"v":1066.4,"d":"1,066.40"},"井下"]
[42,"105-0146","调度绞车","DJ-25",0,0,"台",1,1,"2011-09-01","2011-09-01","息烽县养龙司乡利发煤矿","无",{"v":27910,"d":"27,910.00"},{"v":3920.67,"d":"3,920.67"},0,0,{"v":2832,"d":"2,832.00"},"井下"]
[43,"105-0147","探水钻","ZDY-620",0,0,"台",1,1,"2013-12-24","2013-12-24","息烽县养龙司乡利发煤矿","无",{"v":64420,"d":"64,420.00"},{"v":12328.02,"d":"12,328.02"},0,0,{"v":9523.2,"d":"9,523.20"},"井下"]
[44,"105-0148","耙装机","P30B",0,0,"台",1,1,"2012-06-01","2012-06-01","息烽县养龙司乡利发煤矿","无",{"v":32210,"d":"32,210.00"},{"v":5071.18,"d":"5,071.18"},0,0,{"v":3423.2,"d":"3,423.20"},"井下"]
[45,"105-0149","隔爆型可控硅充电机","ZBC10-90/190",0,0,"台",1,1,"2012-12-31","2012-12-31","息烽县养龙司乡利发煤矿","无",{"v":20400,"d":"20,400.00"},{"v":3480.97,"d":"3,480.97"},0,0,{"v":2198.8,"d":"2,198.80"},"井下"]
[46,"105-0150","隔爆型真空馈电开关","KBZ9-200/660（380）",0,0,"台",1,1,"2013-11-19","2013-11-19","息烽县养龙司乡利发煤矿","无",{"v":5370,"d":"5,370.00"},{"v":1017.52,"d":"1,017.52"},0,0,{"v":570.4,"d":"570.40"},"井下"]
[47,"105-0151","防爆抽出式对旋轴流通风机（主扇）","FBCDNo15/55×2",0,0,"台",2,2,"2013-11-29","2013-11-29","息烽县养龙司乡利发煤矿","无",{"v":176080,"d":"176,080.00"},{"v":33364.32,"d":"33,364.32"},0,0,{"v":21984,"d":"21,984.00"},"地面"]
[48,"105-0152","自耦减压起动柜","JJ1-75",0,0,"台",2,2,"2011-12-01","2011-12-01","息烽县养龙司乡利发煤矿","无",{"v":6450,"d":"6,450.00"},942.52,0,0,{"v":345.6,"d":"345.60"},"地面"]
[49,"105-0153","隔爆型真空馈电开关","KBZ9-400/660（380）",0,0,"台",2,2,"2013-11-19","2013-11-19","息烽县养龙司乡利发煤矿","无",{"v":10740,"d":"10,740.00"},{"v":2035.09,"d":"2,035.09"},0,0,{"v":1140.8,"d":"1,140.80"},"地面"]
[50,"105-0154","避雷针","12米高",0,0,"座",1,1,"2012-04-01","2012-04-01","息烽县养龙司乡利发煤矿","无",{"v":3870,"d":"3,870.00"},594.67,0,0,{"v":260.4,"d":"260.40"},"地面"]
[51,"105-0155","带式机机头部分","DLT65/22",0,0,"台",1,1,"2012-11-01","2012-11-01","息烽县养龙司乡利发煤矿","无",{"v":5370,"d":"5,370.00"},896.02,0,0,{"v":423.2,"d":"423.20"},"地面"]
[52,"105-0158","箱式变电站","S11-315/10",0,0,"座",1,1,"2012-08-01","2012-08-01","息烽县养龙司乡利发煤矿","无",{"v":30490,"d":"30,490.00"},{"v":4915.32,"d":"4,915.32"},0,0,{"v":3289.6,"d":"3,289.60"},"地面"]
[53,"105-0159","电力变压器","S11-200/10",0,0,"台",2,2,"2010-11-01","2010-11-01","息烽县养龙司乡利发煤矿","无",{"v":66410,"d":"66,410.00"},{"v":8077.22,"d":"8,077.22"},0,0,{"v":7940.4,"d":"7,940.40"},"地面"]
[54,"105-0160","电力变压器","S11-500/10",0,0,"台",2,2,"2012-11-01","2012-11-01","息烽县养龙司乡利发煤矿","无",{"v":83310,"d":"83,310.00"},{"v":13901.47,"d":"13,901.47"},0,0,{"v":13216.4,"d":"13,216.40"},"地面"]
[55,"105-0161","高压无功补偿成套装置","ZRTBBX-10-300",0,0,"台",1,1,"2012-11-01","2012-11-01","息烽县养龙司乡利发煤矿","无",{"v":51540,"d":"51,540.00"},{"v":8600.17,"d":"8,600.17"},0,0,{"v":6627.2,"d":"6,627.20"},"地面"]
[56,"105-0162","高压开关柜","KYN28-12",0,0,"台",14,14,"2012-11-01","2012-11-01","息烽县养龙司乡利发煤矿","无",{"v":773910,"d":"773,910.00"},{"v":129138.52,"d":"129,138.52"},0,0,{"v":56147.6,"d":"56,147.60"},"地面"]
[57,"105-0163","壁挂电源系统","ZLY-BG",0,0,"套",1,1,"2012-11-01","2012-11-01","息烽县养龙司乡利发煤矿","无",{"v":51540,"d":"51,540.00"},{"v":8600.17,"d":"8,600.17"},0,0,{"v":6627.2,"d":"6,627.20"},"地面"]
[58,"105-0164","低压固定式开关柜","GGD",0,0,"套",2,2,"2012-11-01","2012-11-01","息烽县养龙司乡利发煤矿","无",{"v":773910,"d":"773,910.00"},{"v":129138.52,"d":"129,138.52"},0,0,{"v":58410.8,"d":"58,410.80"},"地面"]
[59,"105-0165","柴油发电机组","6135AZLD-1 200KW",0,0,"台",1,1,"2010-11-01","2010-11-01","息烽县养龙司乡利发煤矿","无",{"v":66570,"d":"66,570.00"},{"v":8096.74,"d":"8,096.74"},0,0,{"v":600,"d":"600.00"},"地面（已经报废）"]
[60,"105-0166","避雷针","22米高",0,0,"台",1,1,"2012-07-01","2012-07-01","息烽县养龙司乡利发煤矿","无",{"v":7090,"d":"7,090.00"},{"v":1129.62,"d":"1,129.62"},0,0,{"v":528,"d":"528.00"},"地面"]
[61,"105-0167","耙装机","P30B",0,0,"台",1,1,"2010-11-01","2010-11-01","息烽县养龙司乡利发煤矿","无",{"v":32210,"d":"32,210.00"},{"v":3917.57,"d":"3,917.57"},0,0,{"v":2447.2,"d":"2,447.20"},"地面"]
[62,"105-0169","喷浆机","PZ-6B",0,0,"台",1,1,"2010-11-01","2010-11-01","息烽县养龙司乡利发煤矿","无",{"v":29200,"d":"29,200.00"},{"v":3551.52,"d":"3,551.52"},0,0,{"v":2070,"d":"2,070.00"},"地面"]
[63,"105-0170","探水钻","ZLJ-360",0,0,"台",0,0,"2010-11-01","2010-11-01","息烽县养龙司乡利发煤矿","无",{"v":23620,"d":"23,620.00"},{"v":2872.77,"d":"2,872.77"},{"v":-23620,"d":"-23,620.00"},{"v":-2872.77,"d":"-2,872.77"},0,"盘亏"]
[64,"105-0171","矿灯充电架","KTSLB-102",0,0,"台",3,3,"2011-04-01","2011-04-01","息烽县养龙司乡利发煤矿","无",{"v":13210,"d":"13,210.00"},{"v":1731.16,"d":"1,731.16"},0,0,{"v":1065.6,"d":"1,065.60"},"地面"]
[65,"105-0172","刮板机机头","SGB-320/11",0,0,"台",0,0,"2010-11-01","2010-11-01","息烽县养龙司乡利发煤矿","无",{"v":30060,"d":"30,060.00"},{"v":3656.13,"d":"3,656.13"},{"v":-30060,"d":"-30,060.00"},{"v":-3656.13,"d":"-3,656.13"},0,"盘亏"]
[66,"105-0173","防爆蓄电池电机车","CTY2.5-6GB",0,0,"台",0,0,"2011-05-01","2011-05-01","息烽县养龙司乡利发煤矿","无",{"v":246940,"d":"246,940.00"},{"v":32827.32,"d":"32,827.32"},{"v":-246940,"d":"-246,940.00"},{"v":-32827.32,"d":"-32,827.32"},0,"盘亏"]
[67,"105-0174","螺杆式空气压缩机","JG110HA",0,0,"台",1,1,"2010-11-01","2010-11-01","息烽县养龙司乡利发煤矿","无",{"v":182520,"d":"182,520.00"},{"v":22199.32,"d":"22,199.32"},0,0,{"v":13864.4,"d":"13,864.40"},"地面"]
[68,"105-0175","螺杆式空气压缩机","LG110G-8",0,0,"台",1,1,"2013-12-24","2013-12-24","息烽县养龙司乡利发煤矿","无",{"v":112730,"d":"112,730.00"},{"v":21573.02,"d":"21,573.02"},0,0,{"v":14224,"d":"14,224.00"},"地面"]
[69,"105-0176","螺杆式空气压缩机","LGJ-10/7",0,0,"台",1,1,"2010-11-01","2010-11-01","息烽县养龙司乡利发煤矿","无",{"v":98350,"d":"98,350.00"},{"v":11962.02,"d":"11,962.02"},0,0,{"v":7470.4,"d":"7,470.40"},"地面"]
[70,"105-0177","螺杆式空气压缩机","JG55HA-10/7",0,0,"台",1,1,"2010-11-01","2010-11-01","息烽县养龙司乡利发煤矿","无",{"v":98350,"d":"98,350.00"},{"v":11962.02,"d":"11,962.02"},0,0,{"v":7470.4,"d":"7,470.40"},"地面"]
[71,"105-0178","变频器起动柜","110KW电机配套",0,0,"台",1,1,"2011-04-01","2011-04-01","息烽县养龙司乡利发煤矿","无",{"v":2300,"d":"2,300.00"},301.37,0,0,{"v":108,"d":"108.00"},"地面"]
[72,"105-0179","隔爆型真空馈电开关","KBZ9-400/660（380）",0,0,"台",0,0,"2013-11-19","2013-11-19","息烽县养龙司乡利发煤矿","无",{"v":21470,"d":"21,470.00"},{"v":4068.17,"d":"4,068.17"},{"v":-21470,"d":"-21,470.00"},{"v":-4068.17,"d":"-4,068.17"},0,"盘亏"]
[73,"105-0180","储气罐","C-2.0/0.8",0,0,"个",1,1,"2011-02-01","2011-02-01","息烽县养龙司乡利发煤矿","无",{"v":5850,"d":"5,850.00"},{"v":744.6,"d":"744.60"},0,0,{"v":300,"d":"300.00"},"地面"]
[74,"105-0181","储气罐","Y07225-270",0,0,"个",1,1,"2010-11-01","2010-11-01","息烽县养龙司乡利发煤矿","无",{"v":5800,"d":"5,800.00"},705.42,0,0,{"v":270,"d":"270.00"},"地面"]
[75,"105-0182","储气罐","（铭牌看不清）",0,0,"个",1,1,"2010-11-01","2010-11-01","息烽县养龙司乡利发煤矿","无",{"v":3010,"d":"3,010.00"},366.12,0,0,{"v":150,"d":"150.00"},"地面"]
[76,"105-0183","储气罐","C-2.0/0.8",0,0,"个",1,1,"2012-12-31","2012-12-31","息烽县养龙司乡利发煤矿","无",{"v":5850,"d":"5,850.00"},998.17,0,0,{"v":460,"d":"460.00"},"地面"]
[77,"105-0184","防爆电动机","皮带机电机22KW",0,0,"台",0,0,"2012-11-01","2012-11-01","息烽县养龙司乡利发煤矿","无",{"v":10310,"d":"10,310.00"},{"v":1720.37,"d":"1,720.37"},{"v":-10310,"d":"-10,310.00"},{"v":-1720.37,"d":"-1,720.37"},0,"盘亏"]
[78,"105-0185","减速器","湖南金塔30刮板机",0,0,"台",0,0,"2010-11-01","2010-11-01","息烽县养龙司乡利发煤矿","无",{"v":3220,"d":"3,220.00"},391.62,{"v":-3220,"d":"-3,220.00"},-391.62,0,"盘亏"]
[79,"105-0186","隔爆真空永磁馈电开关","KJZ1-200/1140",0,0,"台",0,0,"2013-02-28","2013-02-28","息烽县养龙司乡利发煤矿","无",{"v":66140,"d":"66,140.00"},{"v":11410.5,"d":"11,410.50"},{"v":-66140,"d":"-66,140.00"},{"v":-11410.5,"d":"-11,410.50"},0,"盘亏"]
[80,"105-0187","隔爆型真空馈电开关","QBZ2-400/1140",0,0,"台",0,0,"2013-02-28","2013-02-28","息烽县养龙司乡利发煤矿","无",{"v":30060,"d":"30,060.00"},{"v":5185.93,"d":"5,185.93"},{"v":-30060,"d":"-30,060.00"},{"v":-5185.93,"d":"-5,185.93"},0,"盘亏"]
[81,"105-0188","隔爆型真空馈电开关","ZBZ6-4.0/1140",0,0,"台",0,0,"2013-02-28","2013-02-28","息烽县养龙司乡利发煤矿","无",{"v":6010,"d":"6,010.00"},{"v":1036.83,"d":"1,036.83"},{"v":-6010,"d":"-6,010.00"},{"v":-1036.83,"d":"-1,036.83"},0,"盘亏"]
[82,"105-0189","隔爆型真空馈电开关","QBZ2-120/1140",0,0,"台",0,0,"2013-02-28","2013-02-28","息烽县养龙司乡利发煤矿","无",{"v":18040,"d":"18,040.00"},{"v":3112.28,"d":"3,112.28"},{"v":-18040,"d":"-18,040.00"},{"v":-3112.28,"d":"-3,112.28"},0,"盘亏"]
[83,"105-0190","避雷针","21米",0,0,"套",1,1,"2012-12-31","2012-12-31","息烽县养龙司乡利发煤矿","无",{"v":6760,"d":"6,760.00"},{"v":1153.47,"d":"1,153.47"},0,0,{"v":487.6,"d":"487.60"},"地面"]
[84,"105-0191","矿用隔爆馈电开关","KBD-350",0,0,"台",0,0,"2010-11-01","2010-11-01","息烽县养龙司乡利发煤矿","无",{"v":4290,"d":"4,290.00"},521.77,{"v":-4290,"d":"-4,290.00"},-521.77,0,"盘亏"]
[85,"105-0192","矿用变压器","KS9-200/10",0,0,"台",0,0,"2010-11-01","2010-11-01","息烽县养龙司乡利发煤矿","无",{"v":58320,"d":"58,320.00"},{"v":7093.27,"d":"7,093.27"},{"v":-58320,"d":"-58,320.00"},{"v":-7093.27,"d":"-7,093.27"},0,"盘亏"]
[86,"105-0193","电力变压器","S11-80/10",0,0,"台",0,0,"2010-11-01","2010-11-01","息烽县养龙司乡利发煤矿","无",{"v":15090,"d":"15,090.00"},{"v":1835.32,"d":"1,835.32"},{"v":-15090,"d":"-15,090.00"},{"v":-1835.32,"d":"-1,835.32"},0,"盘亏"]
[87,"105-0194","隔爆型真空馈电开关","KBZ9-400/660（380）",0,0,"台",0,0,"2013-12-24","2013-12-24","息烽县养龙司乡利发煤矿","无",{"v":21470,"d":"21,470.00"},{"v":4108.67,"d":"4,108.67"},{"v":-21470,"d":"-21,470.00"},{"v":-4108.67,"d":"-4,108.67"},0,"盘亏"]
[88,"105-0195","低压配电柜","GGD型  380V",0,0,"台",0,0,"2010-11-01","2010-11-01","息烽县养龙司乡利发煤矿","无",{"v":9210,"d":"9,210.00"},{"v":1120.14,"d":"1,120.14"},{"v":-9210,"d":"-9,210.00"},{"v":-1120.14,"d":"-1,120.14"},0,"盘亏"]
[89,"105-0196","矿用变压器","KS9-200/10",0,0,"台",0,0,"2010-11-01","2010-11-01","息烽县养龙司乡利发煤矿","无",{"v":58320,"d":"58,320.00"},{"v":7093.27,"d":"7,093.27"},{"v":-58320,"d":"-58,320.00"},{"v":-7093.27,"d":"-7,093.27"},0,"盘亏"]
[90,"105-0197","电力变压器","S11-125/10",0,0,"台",0,0,"2010-11-01","2010-11-01","息烽县养龙司乡利发煤矿","无",{"v":16300,"d":"16,300.00"},{"v":1982.52,"d":"1,982.52"},{"v":-16300,"d":"-16,300.00"},{"v":-1982.52,"d":"-1,982.52"},0,"盘亏"]
[91,"105-0198","低压配电盘","380V",0,0,"台",0,0,"2010-11-01","2010-11-01","息烽县养龙司乡利发煤矿","无",{"v":3870,"d":"3,870.00"},470.69,{"v":-3870,"d":"-3,870.00"},-470.69,0,"盘亏"]
[92,"105-0199","提升绞车","JTP1.6/1.5",0,0,"台",1,1,"2013-05-31","2013-05-31","息烽县养龙司乡利发煤矿","无",{"v":697870,"d":"697,870.00"},{"v":125658.12,"d":"125,658.12"},0,0,{"v":83257.2,"d":"83,257.20"},"地面"]
[93,"105-0200","提升绞车配电装置","绞车配套",0,0,"套",1,1,"2010-11-01","2010-11-01","息烽县养龙司乡利发煤矿","无",{"v":2150,"d":"2,150.00"},261.47,0,0,{"v":280.8,"d":"280.80"},"地面"]
[94,"105-0201","刮板机(西南工具厂产)","SGB-420/30",0,0,"台",0,0,"2010-11-01","2010-11-01","息烽县养龙司乡利发煤矿","无",{"v":32210,"d":"32,210.00"},{"v":3917.57,"d":"3,917.57"},{"v":-32210,"d":"-32,210.00"},{"v":-3917.57,"d":"-3,917.57"},0,"盘亏"]
[95,"105-0202","乳化泵","BRW80/120",0,0,"台",0,0,"2010-11-01","2010-11-01","息烽县养龙司乡利发煤矿","无",{"v":63240,"d":"63,240.00"},{"v":7691.66,"d":"7,691.66"},{"v":-63240,"d":"-63,240.00"},{"v":-7691.66,"d":"-7,691.66"},0,"盘亏"]
[96,"105-0203","乳化液箱","XRXTA",0,0,"台",0,0,"2010-11-01","2010-11-01","息烽县养龙司乡利发煤矿","无",{"v":11810,"d":"11,810.00"},{"v":1436.42,"d":"1,436.42"},{"v":-11810,"d":"-11,810.00"},{"v":-1436.42,"d":"-1,436.42"},0,"盘亏"]
[97,"105-0204","防爆电动机","30KW，刮板机",0,0,"台",0,0,"2010-11-01","2010-11-01","息烽县养龙司乡利发煤矿","无",{"v":13960,"d":"13,960.00"},{"v":1697.96,"d":"1,697.96"},{"v":-13960,"d":"-13,960.00"},{"v":-1697.96,"d":"-1,697.96"},0,"盘亏"]
[98,"105-0205","防爆电动机","75KW，排水泵",0,0,"台",0,0,"2010-11-01","2010-11-01","息烽县养龙司乡利发煤矿","无",{"v":10200,"d":"10,200.00"},{"v":1240.57,"d":"1,240.57"},{"v":-10200,"d":"-10,200.00"},{"v":-1240.57,"d":"-1,240.57"},0,"盘亏"]
[99,"105-0206","防爆电动机","11KW，刮板机",0,0,"台",0,0,"2010-11-01","2010-11-01","息烽县养龙司乡利发煤矿","无",{"v":3010,"d":"3,010.00"},366.12,{"v":-3010,"d":"-3,010.00"},-366.12,0,"盘亏"]
[100,"105-0207","离心式多级水泵","80D30×10",0,0,"台",0,0,"2013-12-24","2013-12-24","息烽县养龙司乡利发煤矿","无",{"v":3950,"d":"3,950.00"},755.87,{"v":-3950,"d":"-3,950.00"},-755.87,0,"盘亏"]
[101,"105-0209","喷浆机","PZ-6B",0,0,"台",0,0,"2010-11-01","2010-11-01","息烽县养龙司乡利发煤矿","无",{"v":7300,"d":"7,300.00"},887.82,{"v":-7300,"d":"-7,300.00"},-887.82,0,"盘亏"]
[102,"105-0212","调度绞车","DJ-11.4",0,0,"台",0,0,"2010-11-01","2010-11-01","息烽县养龙司乡利发煤矿","无",{"v":9130,"d":"9,130.00"},{"v":1110.42,"d":"1,110.42"},{"v":-9130,"d":"-9,130.00"},{"v":-1110.42,"d":"-1,110.42"},0,"盘亏"]
[103,"105-0213","防爆电动机","75KW,水泵专用",0,0,"台",0,0,"2010-11-01","2010-11-01","息烽县养龙司乡利发煤矿","无",{"v":10200,"d":"10,200.00"},{"v":1240.57,"d":"1,240.57"},{"v":-10200,"d":"-10,200.00"},{"v":-1240.57,"d":"-1,240.57"},0,"盘亏"]
[104,"105-0214","避雷针","24米高架",0,0,"座",0,0,"2012-12-31","2012-12-31","息烽县养龙司乡利发煤矿","无",{"v":7730,"d":"7,730.00"},{"v":1318.97,"d":"1,318.97"},0,0,{"v":561.2,"d":"561.20"},"地面"]
[105,"105-0215","喷浆机","PZ-6B",0,0,"台",0,0,"2010-11-01","2010-11-01","息烽县养龙司乡利发煤矿","无",{"v":7300,"d":"7,300.00"},887.82,0,0,{"v":540,"d":"540.00"},"井下"]
[106,"105-0216","耙装机（台车）","P30B",0,0,"台",0,0,"2010-11-01","2010-11-01","息烽县养龙司乡利发煤矿","无",{"v":51540,"d":"51,540.00"},{"v":6268.67,"d":"6,268.67"},0,0,{"v":3708,"d":"3,708.00"},"井下"]
[107,"105-0217","防爆柴油机车","2.5吨",0,0,"台",0,0,"2011-04-01","2011-04-01","息烽县养龙司乡利发煤矿","无",{"v":44020,"d":"44,020.00"},{"v":5768.87,"d":"5,768.87"},0,0,{"v":3174,"d":"3,174.00"},"井下"]
[108,"105-0218","防爆电动机","DJ11.4绞车电机",0,0,"台",0,0,"2010-11-01","2010-11-01","息烽县养龙司乡利发煤矿","无",{"v":3010,"d":"3,010.00"},366.12,0,0,{"v":240,"d":"240.00"},"井下"]
[109,"105-0219","防爆电动机","11型刮板机电机",0,0,"台",0,0,"2010-11-01","2010-11-01","息烽县养龙司乡利发煤矿","无",{"v":3010,"d":"3,010.00"},366.12,0,0,{"v":240,"d":"240.00"},"井下"]
[110,"105-0220","防爆电动机","DJ25调度绞车电机",0,0,"台",0,0,"2010-11-01","2010-11-01","息烽县养龙司乡利发煤矿","无",{"v":5580,"d":"5,580.00"},678.67,0,0,{"v":420,"d":"420.00"},"井下"]
[111,"105-0221","带锯机械","MJ317",0,0,"台",1,1,"2011-05-01","2011-05-01","息烽县养龙司乡利发煤矿","无",{"v":14820,"d":"14,820.00"},{"v":1970.17,"d":"1,970.17"},0,0,{"v":1512,"d":"1,512.00"},"地面"]
[112,"105-0222","电子磅","60t",0,0,"台",0,0,"2010-11-01","2010-11-01","息烽县养龙司乡利发煤矿","无",{"v":66570,"d":"66,570.00"},{"v":8096.74,"d":"8,096.74"},0,0,{"v":320,"d":"320.00"},"报废"]
[113,"105-0223","装载机","50型 龙工LG855D",0,0,"台",0,0,"2010-11-01","2010-11-01","息烽县养龙司乡利发煤矿","无",{"v":322090,"d":"322,090.00"},{"v":39174.87,"d":"39,174.87"},0,0,{"v":800,"d":"800.00"},"报废"]
[114,"105-0224","装载机","50型 龙工LG855D",0,0,"台",1,1,"2010-11-01","2010-11-01","息烽县养龙司乡利发煤矿","无",{"v":322090,"d":"322,090.00"},{"v":39174.87,"d":"39,174.87"},0,0,{"v":23653.2,"d":"23,653.20"},"地面"]
[115,"105-0225","翻斗矿车","铁质",0,0,"台",12,12,"2013-08-16","2013-08-16","息烽县养龙司乡利发煤矿","无",{"v":96910,"d":"96,910.00"},{"v":17814.87,"d":"17,814.87"},0,0,{"v":12698.4,"d":"12,698.40"},"井下"]
[116,"105-0226","开水锅炉","LSG-A3",0,0,"个",1,1,"2010-11-01","2010-11-01","息烽县养龙司乡利发煤矿","无",{"v":9420,"d":"9,420.00"},{"v":1145.77,"d":"1,145.77"},0,0,{"v":1138.8,"d":"1,138.80"},"地面"]
[117,"105-0227","信息综合监控系统","成套 15万吨产能",0,0,"套",1,1,"2013-03-31","2013-03-31","息烽县养龙司乡利发煤矿","无",{"v":416080,"d":"416,080.00"},{"v":73350.57,"d":"73,350.57"},0,0,0,"报废"]
[118,"105-0228","供电系统 电缆","8435米",0,0,0,0,0,"2010-11-01","2010-11-01","息烽县养龙司乡利发煤矿","无",{"v":1385510,"d":"1,385,510.00"},{"v":168515.42,"d":"168,515.42"},{"v":-1385510,"d":"-1,385,510.00"},{"v":-168515.42,"d":"-168,515.42"},0,"盘亏"]
[119,"105-0229","通风系统 通风管","3824米",0,0,0,0,0,"2010-11-01","2010-11-01","息烽县养龙司乡利发煤矿","无",{"v":126300,"d":"126,300.00"},{"v":15361.45,"d":"15,361.45"},{"v":-126300,"d":"-126,300.00"},{"v":-15361.45,"d":"-15,361.45"},0,"盘亏"]
[120,"105-0230","排水系统 排水管","7066米",0,0,0,0,0,"2010-11-01","2010-11-01","息烽县养龙司乡利发煤矿","无",{"v":256850,"d":"256,850.00"},{"v":31239.92,"d":"31,239.92"},{"v":-256850,"d":"-256,850.00"},{"v":-31239.92,"d":"-31,239.92"},0,"盘亏"]
[121,"105-0231","矿山轨道","5374米",0,0,0,0,0,"2010-11-01","2010-11-01","息烽县养龙司乡利发煤矿","无",{"v":903620,"d":"903,620.00"},{"v":109904.57,"d":"109,904.57"},0,0,{"v":66341.2,"d":"66,341.20"},"井下"]
[122,"105-0232","外部进矿区电缆","架空双回路高压线 LGJ_120铝绞线",0,0,"套",1,1,"2010-11-01","2010-11-01","息烽县养龙司乡利发煤矿","无",{"v":324150,"d":"324,150.00"},{"v":39425.33,"d":"39,425.33"},0,0,{"v":37081.2,"d":"37,081.20"},"地面"]
[123,"105-0233","瞬变电磁仪","瞬变",0,0,0,0,0,"2013-12-24","2013-12-24","息烽县养龙司乡利发煤矿","无",{"v":507650,"d":"507,650.00"},{"v":97148.49,"d":"97,148.49"},{"v":-507650,"d":"-507,650.00"},{"v":-97148.49,"d":"-97,148.49"},0,"盘亏"]
[124,"105-0234","新建双回路工程智能开关站及配套","10KV智能开关站",0,0,"座",1,1,"2014-08-01","2014-08-01","息烽县养龙司乡利发煤矿","无",{"v":1453700,"d":"1,453,700.00"},{"v":300114.02,"d":"300,114.02"},0,0,{"v":158835.2,"d":"158,835.20"},"地面"]
[125,"201605100001","立式多级泵",0,0,0,"台",1,1,"2015-08-31","2015-08-31","息烽县养龙司乡利发煤矿","无",{"v":5512.82,"d":"5,512.82"},{"v":2370.6,"d":"2,370.60"},0,0,{"v":752,"d":"752.00"},"梨树坪井下饮水站"]
[126,"201609050001","锅炉","2吨",0,0,"台",0,0,"2016-03-31","2016-03-31","息烽县养龙司乡利发煤矿","无",{"v":10769.23,"d":"10,769.23"},{"v":5187.55,"d":"5,187.55"},{"v":-10769.23,"d":"-10,769.23"},{"v":-5187.55,"d":"-5,187.55"},0,"盘亏"]
[127,"201610120001","液压钻机","中煤科工集团重庆研究院有限公司",0,0,"台",1,1,"2016-08-31","2016-08-31","息烽县养龙司乡利发煤矿","无",{"v":102564.1,"d":"102,564.10"},{"v":53481.95,"d":"53,481.95"},0,0,{"v":21705.6,"d":"21,705.60"},"井下"]
[128,"201701200001","水泵","3w",0,0,"台",0,0,"2016-09-30","2016-09-30","息烽县养龙司乡利发煤矿","无",{"v":2393.16,"d":"2,393.16"},{"v":1256.36,"d":"1,256.36"},{"v":-2393.16,"d":"-2,393.16"},{"v":-1256.36,"d":"-1,256.36"},0,"盘亏"]
[129,"201702110001","搅拌机","柳健施工队",0,0,"台",0,0,"2016-12-31","2016-12-31","息烽县养龙司乡利发煤矿","无",{"v":15900,"d":"15,900.00"},{"v":8796.52,"d":"8,796.52"},{"v":-15900,"d":"-15,900.00"},{"v":-8796.52,"d":"-8,796.52"},0,"盘亏"]
[130,"201708060001","矿用提升绞车","重庆路桥矿山机械有限公司",0,0,"台",1,1,"2017-01-31","2017-01-31","息烽县养龙司乡利发煤矿","无",{"v":674915.6,"d":"674,915.60"},{"v":378756.11,"d":"378,756.11"},0,0,{"v":145846.4,"d":"145,846.40"},"井下"]
[131,"201708060003","热水器",0,0,0,"台",1,1,"2017-03-31","2017-03-31","息烽县养龙司乡利发煤矿","无",{"v":10007,"d":"10,007.00"},{"v":5774.74,"d":"5,774.74"},0,0,{"v":2074.8,"d":"2,074.80"},"地面"]
[132,"201801240002","双电源柜",0,0,0,"台",1,1,"2017-03-31","2017-03-31","息烽县养龙司乡利发煤矿","无",{"v":8974.36,"d":"8,974.36"},{"v":5178.98,"d":"5,178.98"},0,0,{"v":1900.8,"d":"1,900.80"},"地面"]
[133,"201804070001","矿用隔爆型真空馈电开关",0,0,0,"台",2,2,"2017-09-30","2017-09-30","息烽县养龙司乡利发煤矿","无",{"v":15726.5,"d":"15,726.50"},{"v":9750.5,"d":"9,750.50"},0,0,{"v":3449.6,"d":"3,449.60"},"地面"]
[134,"201804070002","刮板运输机",0,0,0,"台",1,1,"2018-03-31","2018-03-31","息烽县养龙司乡利发煤矿","无",{"v":23627,"d":"23,627.00"},{"v":15770.9,"d":"15,770.90"},0,0,{"v":5657.6,"d":"5,657.60"},"井下"]
[135,"201805040001","带式输送机",0,0,0,"台",1,1,"2018-03-31","2018-03-31","息烽县养龙司乡利发煤矿","无",{"v":493928.2,"d":"493,928.20"},{"v":329697.08,"d":"329,697.08"},0,0,{"v":126208,"d":"126,208.00"},"井下"]
[136,"201805040002","刮板运输机","SGB620/40",0,0,"台",1,1,"2018-04-30","2018-04-30","息烽县养龙司乡利发煤矿","无",{"v":111111.11,"d":"111,111.11"},{"v":75046.28,"d":"75,046.28"},0,0,{"v":28595.2,"d":"28,595.20"},"井下"]
[137,"201806110001","粉尘传感器","GCG1000",0,0,"台",1,1,"2018-04-30","2018-04-30","息烽县养龙司乡利发煤矿","无",{"v":39658.12,"d":"39,658.12"},{"v":26785.76,"d":"26,785.76"},0,0,{"v":9523.2,"d":"9,523.20"},"井下"]
[138,"201807040001","人员定位分站","重庆茂峰机电供应",0,0,"台",2,2,"2018-05-31","2018-05-31","息烽县养龙司乡利发煤矿","无",{"v":14102.56,"d":"14,102.56"},{"v":9635.4,"d":"9,635.40"},0,0,{"v":3635.2,"d":"3,635.20"},"井下"]
[139,"201808020001","瓦斯监控分站",0,0,0,"台",0,0,"2018-06-30","2018-06-30","息烽县养龙司乡利发煤矿","无",{"v":13461.54,"d":"13,461.54"},{"v":9304.77,"d":"9,304.77"},{"v":-13461.54,"d":"-13,461.54"},{"v":-9304.77,"d":"-9,304.77"},0,"盘亏"]
[140,"201808020002","刮板电动机",0,0,0,"台",1,1,"2018-07-31","2018-07-31","息烽县养龙司乡利发煤矿","无",{"v":9450,"d":"9,450.00"},{"v":6607.22,"d":"6,607.22"},0,0,{"v":2217.6,"d":"2,217.60"},"井下"]
[141,"201808020003","压滤机",0,0,0,0,0,0,"2018-07-31","2018-07-31","息烽县养龙司乡利发煤矿","无",{"v":59659.32,"d":"59,659.32"},{"v":41711.92,"d":"41,711.92"},{"v":-59659.32,"d":"-59,659.32"},{"v":-41711.92,"d":"-41,711.92"},0,"盘亏"]
[142,"201808020004","空压机",0,0,0,"台",0,0,"2018-07-31","2018-07-31","息烽县养龙司乡利发煤矿","无",{"v":50802.12,"d":"50,802.12"},{"v":35519.28,"d":"35,519.28"},0,0,{"v":6080,"d":"6,080.00"},"报废"]
[143,"201808020005","储气罐",0,0,0,"台",0,0,"2018-07-31","2018-07-31","息烽县养龙司乡利发煤矿","无",{"v":12500,"d":"12,500.00"},{"v":8739.52,"d":"8,739.52"},0,0,{"v":120,"d":"120.00"},"报废"]
[144,"201808020006","充电机",0,0,0,"台",0,0,"2018-07-31","2018-07-31","息烽县养龙司乡利发煤矿","无",{"v":18077.18,"d":"18,077.18"},{"v":12639,"d":"12,639.00"},0,0,{"v":2160,"d":"2,160.00"},"报废"]
[145,"201808020007","充电机",0,0,0,"台",0,0,"2018-07-31","2018-07-31","息烽县养龙司乡利发煤矿","无",{"v":18077.18,"d":"18,077.18"},{"v":12639,"d":"12,639.00"},0,0,{"v":2160,"d":"2,160.00"},"报废"]
[146,"201808020008","液压钻机",0,0,0,"台",1,1,"2018-07-31","2018-07-31","息烽县养龙司乡利发煤矿","无",{"v":36356.75,"d":"36,356.75"},{"v":25419.49,"d":"25,419.49"},0,0,{"v":8840,"d":"8,840.00"},"井下"]
[147,"201808020009","局部通风机",0,0,0,"台",2,2,"2018-07-31","2018-07-31","息烽县养龙司乡利发煤矿","无",{"v":7901.53,"d":"7,901.53"},{"v":5524.59,"d":"5,524.59"},0,0,{"v":2016,"d":"2,016.00"},"井下"]
[148,"201808020010","局部通风机",0,0,0,"台",2,2,"2018-07-31","2018-07-31","息烽县养龙司乡利发煤矿","无",{"v":7901.53,"d":"7,901.53"},{"v":5524.59,"d":"5,524.59"},0,0,{"v":2016,"d":"2,016.00"},"井下"]
[149,"201808020011","储气罐",0,0,0,"台",0,0,"2018-07-31","2018-07-31","息烽县养龙司乡利发煤矿","无",{"v":12500,"d":"12,500.00"},{"v":8739.52,"d":"8,739.52"},0,0,{"v":120,"d":"120.00"},"报废"]
[150,"201808020012","发电机",0,0,0,"台",1,1,"2018-07-31","2018-07-31","息烽县养龙司乡利发煤矿","无",{"v":31720,"d":"31,720.00"},{"v":22177.44,"d":"22,177.44"},0,0,{"v":8294,"d":"8,294.00"},"地面"]
[151,"201808020013","真空电磁启动器",0,0,0,"台",1,0,"2018-07-31","2018-07-31","息烽县养龙司乡利发煤矿","无",{"v":3418.8,"d":"3,418.80"},{"v":2390.27,"d":"2,390.27"},{"v":-3418.8,"d":"-3,418.80"},{"v":-2390.27,"d":"-2,390.27"},0,"盘亏"]
[152,"201808080001","真空电磁启动器",0,0,0,"台",1,0,"2018-07-31","2018-07-31","息烽县养龙司乡利发煤矿","无",{"v":3418.8,"d":"3,418.80"},{"v":2390.27,"d":"2,390.27"},{"v":-3418.8,"d":"-3,418.80"},{"v":-2390.27,"d":"-2,390.27"},0,"盘亏"]
[153,"201808020015","读卡器",0,0,0,"台",8,8,"2018-07-31","2018-07-31","息烽县养龙司乡利发煤矿","无",{"v":5128.21,"d":"5,128.21"},{"v":3585.41,"d":"3,585.41"},0,0,{"v":1209.6,"d":"1,209.60"},"井下"]
[154,"201808020016","真空馈电开关",0,0,0,"台",1,1,"2018-07-31","2018-07-31","息烽县养龙司乡利发煤矿","无",{"v":8034.19,"d":"8,034.19"},{"v":5617.32,"d":"5,617.32"},0,0,{"v":2041.2,"d":"2,041.20"},"井下"]
[155,"201808020017","综合保护装置",0,0,0,"台",1,1,"2018-07-31","2018-07-31","息烽县养龙司乡利发煤矿","无",{"v":2991.45,"d":"2,991.45"},{"v":2091.61,"d":"2,091.61"},0,0,{"v":705.6,"d":"705.60"},"井下"]
[156,"201808060001","综合保护装置",0,0,0,"台",1,1,"2018-07-31","2018-07-31","息烽县养龙司乡利发煤矿","无",{"v":2991.45,"d":"2,991.45"},{"v":2091.61,"d":"2,091.61"},0,0,{"v":756,"d":"756.00"},"井下"]
[157,"201809050001","刮板运输机",0,0,0,"台",1,1,"2018-07-31","2018-07-31","息烽县养龙司乡利发煤矿","无",{"v":111111.1,"d":"111,111.10"},{"v":77685.16,"d":"77,685.16"},0,0,{"v":29042,"d":"29,042.00"},"井下"]
[158,"201810110001","皮带机滚筒",0,0,0,"台",1,1,"2018-08-31","2018-08-31","息烽县养龙司乡利发煤矿","无",{"v":24568.97,"d":"24,568.97"},{"v":17372.36,"d":"17,372.36"},0,0,{"v":6006,"d":"6,006.00"},"井下"]
[159,"201810110002","二氧化碳传感器",0,0,0,"台",0,0,"2018-09-30","2018-09-30","息烽县养龙司乡利发煤矿","无",{"v":10256.41,"d":"10,256.41"},{"v":7333.21,"d":"7,333.21"},0,0,{"v":2678,"d":"2,678.00"},"井下"]
[160,"201811060001","气动式锚杆机",0,0,0,"台",1,1,"2018-09-30","2018-09-30","息烽县养龙司乡利发煤矿","无",{"v":8500,"d":"8,500.00"},{"v":6077.56,"d":"6,077.56"},0,0,{"v":2167.2,"d":"2,167.20"},"井下"]
[161,"201811060002","粉尘传感器",0,0,0,"台",1,1,"2018-10-31","2018-10-31","息烽县养龙司乡利发煤矿","无",{"v":19829.06,"d":"19,829.06"},{"v":14334.76,"d":"14,334.76"},0,0,{"v":5208,"d":"5,208.00"},"井下"]
[162,"201812040001","粉尘传感器",0,0,0,"台",1,1,"2018-10-31","2018-10-31","息烽县养龙司乡利发煤矿","无",{"v":19829.06,"d":"19,829.06"},{"v":14334.76,"d":"14,334.76"},0,0,{"v":5572,"d":"5,572.00"},"井下"]
[163,"201903280001","电动机滚筒",0,0,0,"台",1,1,"2018-11-30","2018-11-30","息烽县养龙司乡利发煤矿","无",{"v":8965.52,"d":"8,965.52"},{"v":6552.2,"d":"6,552.20"},0,0,{"v":2304,"d":"2,304.00"},"井下"]
[164,"201903280002","刮板机",0,0,0,"台",1,1,"2019-03-25","2019-03-25","息烽县养龙司乡利发煤矿","无",{"v":20368.1,"d":"20,368.10"},{"v":15530.6,"d":"15,530.60"},0,0,{"v":5509.6,"d":"5,509.60"},"井下"]
[165,"201903280003","回柱绞车",0,0,0,"台",1,1,"2019-03-25","2019-03-25","息烽县养龙司乡利发煤矿","无",{"v":23706.9,"d":"23,706.90"},{"v":18076.5,"d":"18,076.50"},0,0,{"v":6901.2,"d":"6,901.20"},"井下"]
[166,"201903280004","刮板电机",0,0,0,"台",1,1,"2019-03-25","2019-03-25","息烽县养龙司乡利发煤矿","无",{"v":8146.55,"d":"8,146.55"},{"v":6211.85,"d":"6,211.85"},0,0,{"v":2184,"d":"2,184.00"},"井下"]
[167,"201903280005","刮板机减速器",0,0,0,"台",1,1,"2019-03-25","2019-03-25","息烽县养龙司乡利发煤矿","无",{"v":11206.9,"d":"11,206.90"},{"v":8545.3,"d":"8,545.30"},0,0,{"v":3038.8,"d":"3,038.80"},"井下"]
[168,"201903280006","真空馈电开关",0,0,0,"台",1,1,"2019-03-25","2019-03-25","息烽县养龙司乡利发煤矿","无",{"v":12758.62,"d":"12,758.62"},{"v":9728.38,"d":"9,728.38"},0,0,{"v":3406,"d":"3,406.00"},"井下"]
[169,"201903280007","皮带机减速机",0,0,0,"台",1,1,"2019-03-25","2019-03-25","息烽县养龙司乡利发煤矿","无",{"v":8620.69,"d":"8,620.69"},{"v":6573.19,"d":"6,573.19"},0,0,{"v":2314,"d":"2,314.00"},"井下"]
[170,"201903280008","皮带","圈",0,0,"台",1,1,"2019-03-25","2019-03-25","息烽县养龙司乡利发煤矿","无",{"v":51724.14,"d":"51,724.14"},{"v":39439.74,"d":"39,439.74"},0,0,{"v":14058,"d":"14,058.00"},"井下"]
[171,"201903280009","真空电磁启动器",0,0,0,"台",1,1,"2019-03-25","2019-03-25","息烽县养龙司乡利发煤矿","无",{"v":3448.28,"d":"3,448.28"},{"v":2629.28,"d":"2,629.28"},0,0,{"v":910,"d":"910.00"},"井下"]
[172,"201903280010","低压真空馈电开关",0,0,0,"台",1,1,"2019-03-25","2019-03-25","息烽县养龙司乡利发煤矿","无",{"v":12758.62,"d":"12,758.62"},{"v":9728.38,"d":"9,728.38"},0,0,{"v":3406,"d":"3,406.00"},"井下"]
[173,"201903280011","刮板机电机",0,0,0,"台",1,1,"2019-03-25","2019-03-25","息烽县养龙司乡利发煤矿","无",{"v":9051.72,"d":"9,051.72"},{"v":6901.92,"d":"6,901.92"},0,0,{"v":2236,"d":"2,236.00"},"井下"]
[174,"201903280012","皮带机电机",0,0,0,"台",1,1,"2019-03-25","2019-03-25","息烽县养龙司乡利发煤矿","无",{"v":8146.55,"d":"8,146.55"},{"v":6211.85,"d":"6,211.85"},0,0,{"v":2184,"d":"2,184.00"},"井下"]
[175,"201903280013","皮带机头架",0,0,0,"台",1,1,"2019-03-25","2019-03-25","息烽县养龙司乡利发煤矿","无",{"v":4827.59,"d":"4,827.59"},{"v":3680.99,"d":"3,680.99"},0,0,{"v":1300,"d":"1,300.00"},"井下"]
[176,"201903290001","乳化泵",0,0,0,"台",1,1,"2019-03-25","2019-03-25","息烽县养龙司乡利发煤矿","无",{"v":21379.31,"d":"21,379.31"},{"v":16301.81,"d":"16,301.81"},0,0,{"v":5330,"d":"5,330.00"},"井下"]
[177,"201903290002","电机",0,0,0,"台",1,1,"2019-03-25","2019-03-25","息烽县养龙司乡利发煤矿","无",{"v":4137.93,"d":"4,137.93"},{"v":3155.13,"d":"3,155.13"},0,0,{"v":1118,"d":"1,118.00"},"井下"]
[178,"201903290003","电机",0,0,0,"台",1,1,"2019-03-25","2019-03-25","息烽县养龙司乡利发煤矿","无",{"v":5862.07,"d":"5,862.07"},{"v":4469.77,"d":"4,469.77"},0,0,{"v":1560,"d":"1,560.00"},"井下"]
[179,"201903290004","变速箱",0,0,0,"台",1,1,"2019-03-25","2019-03-25","息烽县养龙司乡利发煤矿","无",{"v":7068.97,"d":"7,068.97"},{"v":5390.17,"d":"5,390.17"},0,0,{"v":1768,"d":"1,768.00"},"井下"]
[180,"201903290005","皮带清扫器",0,0,0,"台",1,1,"2019-03-25","2019-03-25","息烽县养龙司乡利发煤矿","无",{"v":9913.79,"d":"9,913.79"},{"v":7559.34,"d":"7,559.34"},0,0,{"v":2652,"d":"2,652.00"},"井下"]
[181,"201903290006","电机",0,0,0,"台",1,1,"2019-03-25","2019-03-25","息烽县养龙司乡利发煤矿","无",{"v":29482.76,"d":"29,482.76"},{"v":22480.59,"d":"22,480.59"},0,0,{"v":8576.8,"d":"8,576.80"},"井下"]
[182,"201903290007","变速箱",0,0,0,"台",1,1,"2019-03-25","2019-03-25","息烽县养龙司乡利发煤矿","无",{"v":44827.59,"d":"44,827.59"},{"v":34181.03,"d":"34,181.03"},0,0,{"v":12183.6,"d":"12,183.60"},"井下"]
[183,"201903290008","排沙泵",0,0,0,"台",1,1,"2019-03-25","2019-03-25","息烽县养龙司乡利发煤矿","无",{"v":2413.79,"d":"2,413.79"},{"v":1840.49,"d":"1,840.49"},0,0,{"v":650,"d":"650.00"},"井下"]
[184,"201903290009","凿岩机",0,0,0,"台",1,1,"2019-03-25","2019-03-25","息烽县养龙司乡利发煤矿","无",{"v":2758.62,"d":"2,758.62"},{"v":2103.42,"d":"2,103.42"},0,0,{"v":728,"d":"728.00"},"井下"]
[185,"201903290010","机尾滚筒",0,0,0,"台",1,1,"2019-03-25","2019-03-25","息烽县养龙司乡利发煤矿","无",{"v":2758.62,"d":"2,758.62"},{"v":2103.42,"d":"2,103.42"},0,0,{"v":676,"d":"676.00"},"井下"]
[186,"201903290011","变速箱",0,0,0,"台",1,1,"2019-03-25","2019-03-25","息烽县养龙司乡利发煤矿","无",{"v":13706.9,"d":"13,706.90"},{"v":10451.6,"d":"10,451.60"},0,0,{"v":4004.4,"d":"4,004.40"},"井下"]
[187,"201903290012","机车电瓶",0,0,0,"台",1,0,"2019-03-25","2019-03-25","息烽县养龙司乡利发煤矿","无",{"v":25862.07,"d":"25,862.07"},{"v":19719.87,"d":"19,719.87"},{"v":-25862.07,"d":"-25,862.07"},{"v":-19719.87,"d":"-19,719.87"},0,"盘亏"]
[188,"201903290013","粉层传感器",0,0,0,"台",1,1,"2019-03-25","2019-03-25","息烽县养龙司乡利发煤矿","无",{"v":57931.03,"d":"57,931.03"},{"v":44172.43,"d":"44,172.43"},0,0,{"v":15705.2,"d":"15,705.20"},"井下"]
[189,"201903290014","电机",0,0,0,"台",1,1,"2019-03-25","2019-03-25","息烽县养龙司乡利发煤矿","无",{"v":6034.48,"d":"6,034.48"},{"v":4601.38,"d":"4,601.38"},0,0,{"v":1612,"d":"1,612.00"},"井下"]
[190,"201903290015","皮带机电机",0,0,0,"台",1,1,"2019-03-25","2019-03-25","息烽县养龙司乡利发煤矿","无",{"v":6034.48,"d":"6,034.48"},{"v":4601.38,"d":"4,601.38"},0,0,{"v":1612,"d":"1,612.00"},"井下"]
[191,"201903290016","断电器",0,0,0,"台",1,1,"2019-03-25","2019-03-25","息烽县养龙司乡利发煤矿","无",{"v":7887.93,"d":"7,887.93"},{"v":6014.45,"d":"6,014.45"},0,0,{"v":1950,"d":"1,950.00"},"井下"]
[192,"201903290017","综合保护器",0,0,0,"台",1,1,"2019-03-25","2019-03-25","息烽县养龙司乡利发煤矿","无",{"v":3017.24,"d":"3,017.24"},{"v":2300.54,"d":"2,300.54"},0,0,{"v":806,"d":"806.00"},"井下"]
[193,"201903290018","真空启动器",0,0,0,"台",1,1,"2019-03-25","2019-03-25","息烽县养龙司乡利发煤矿","无",{"v":6896.55,"d":"6,896.55"},{"v":5258.55,"d":"5,258.55"},0,0,{"v":1846,"d":"1,846.00"},"井下"]
[194,"201903290019","照明信号综合保护器",0,0,0,"台",1,1,"2019-03-25","2019-03-25","息烽县养龙司乡利发煤矿","无",{"v":6034.48,"d":"6,034.48"},{"v":4601.38,"d":"4,601.38"},0,0,{"v":1508,"d":"1,508.00"},"井下"]
[195,"201903290020","低压真空馈电开关",0,0,0,"台",3,3,"2019-03-25","2019-03-25","息烽县养龙司乡利发煤矿","无",{"v":8103.45,"d":"8,103.45"},{"v":6178.95,"d":"6,178.95"},0,0,{"v":2184,"d":"2,184.00"},"井下"]
[196,"201903290021","防爆电锤",0,0,0,"台",1,0,"2019-03-25","2019-03-25","息烽县养龙司乡利发煤矿","无",{"v":9310.34,"d":"9,310.34"},{"v":7099.04,"d":"7,099.04"},{"v":-9310.34,"d":"-9,310.34"},{"v":-7099.04,"d":"-7,099.04"},0,"盘亏"]
[197,"201903290022","锚杆机",0,0,0,"台",1,0,"2019-03-25","2019-03-25","息烽县养龙司乡利发煤矿","无",{"v":4008.62,"d":"4,008.62"},{"v":3056.58,"d":"3,056.58"},{"v":-4008.62,"d":"-4,008.62"},{"v":-3056.58,"d":"-3,056.58"},0,"盘亏"]
[198,"201903290024","矿灯充电架",0,0,0,"台",1,1,"2019-03-25","2019-03-25","息烽县养龙司乡利发煤矿","无",{"v":10344.83,"d":"10,344.83"},{"v":7887.83,"d":"7,887.83"},0,0,{"v":3010.4,"d":"3,010.40"},"地面"]
[199,"201903290025","电机",0,0,0,"台",1,1,"2019-03-25","2019-03-25","息烽县养龙司乡利发煤矿","无",{"v":8146.55,"d":"8,146.55"},{"v":6211.85,"d":"6,211.85"},0,0,{"v":2184,"d":"2,184.00"},"井下"]
[200,"201903290026","乳化泵机头",0,0,0,"台",1,1,"2019-03-25","2019-03-25","息烽县养龙司乡利发煤矿","无",{"v":42758.62,"d":"42,758.62"},{"v":32603.38,"d":"32,603.38"},0,0,{"v":10608,"d":"10,608.00"},"井下"]
[201,"201903290027","压滤机",0,0,0,"台",1,1,"2019-03-25","2019-03-25","息烽县养龙司乡利发煤矿","无",{"v":12758.62,"d":"12,758.62"},{"v":9728.38,"d":"9,728.38"},0,0,{"v":3720.4,"d":"3,720.40"},"井下"]
[202,"201903290028","皮带清扫器",0,0,0,"台",1,1,"2019-03-25","2019-03-25","息烽县养龙司乡利发煤矿","无",{"v":39655.17,"d":"39,655.17"},{"v":30236.97,"d":"30,236.97"},0,0,{"v":11558.8,"d":"11,558.80"},"井下"]
[203,"201903290029","防爆电机",0,0,0,"台",1,1,"2019-03-25","2019-03-25","息烽县养龙司乡利发煤矿","无",{"v":6034.48,"d":"6,034.48"},{"v":4601.38,"d":"4,601.38"},0,0,{"v":1508,"d":"1,508.00"},"井下"]
[204,"201903290030","潜水泵",0,0,0,"台",1,1,"2019-03-25","2019-03-25","息烽县养龙司乡利发煤矿","无",{"v":3706.9,"d":"3,706.90"},{"v":2826.4,"d":"2,826.40"},0,0,{"v":988,"d":"988.00"},"井下"]
[205,"201903290031","不锈钢水泵",0,0,0,"台",1,1,"2019-03-25","2019-03-25","息烽县养龙司乡利发煤矿","无",{"v":82758.62,"d":"82,758.62"},{"v":63103.52,"d":"63,103.52"},0,0,{"v":22074,"d":"22,074.00"},"井下"]
[206,"201903290032","风机",0,0,0,"台",1,1,"2019-03-25","2019-03-25","息烽县养龙司乡利发煤矿","无",{"v":5000,"d":"5,000.00"},{"v":3812.6,"d":"3,812.60"},0,0,{"v":1248,"d":"1,248.00"},"井下"]
[207,"201903290033","防爆电机",0,0,0,"台",1,1,"2019-03-25","2019-03-25","息烽县养龙司乡利发煤矿","无",{"v":5258.62,"d":"5,258.62"},{"v":4009.72,"d":"4,009.72"},0,0,{"v":1404,"d":"1,404.00"},"井下"]
[208,"201903290034","充电机",0,0,0,"台",1,1,"2019-03-25","2019-03-25","息烽县养龙司乡利发煤矿","无",{"v":11637.93,"d":"11,637.93"},{"v":8874.03,"d":"8,874.03"},0,0,{"v":3408,"d":"3,408.00"},"井下"]
[209,"201903290035","潜水泵",0,0,0,"台",1,1,"2019-03-25","2019-03-25","息烽县养龙司乡利发煤矿","无",{"v":13620.69,"d":"13,620.69"},{"v":10385.79,"d":"10,385.79"},0,0,{"v":3380,"d":"3,380.00"},"井下"]
[210,"201903290036","炮泥机",0,0,0,"台",0,0,"2019-03-25","2019-03-25","息烽县养龙司乡利发煤矿","无",{"v":6465.52,"d":"6,465.52"},{"v":4929.93,"d":"4,929.93"},0,0,{"v":1716,"d":"1,716.00"},"井下"]
[211,"201903290037","低压真空馈电开关",0,0,0,"台",0,0,"2019-03-25","2019-03-25","息烽县养龙司乡利发煤矿","无",{"v":206896.54,"d":"206,896.54"},{"v":157758.64,"d":"157,758.64"},0,0,{"v":55120,"d":"55,120.00"},"井下"]
[212,"201903290038","储气罐",0,0,0,"台",0,0,"2019-03-25","2019-03-25","息烽县养龙司乡利发煤矿","无",{"v":21551.72,"d":"21,551.72"},{"v":16433.12,"d":"16,433.12"},0,0,{"v":120,"d":"120.00"},"报废"]
[213,"201903290039","充电机",0,0,0,"台",1,1,"2019-03-25","2019-03-25","息烽县养龙司乡利发煤矿","无",{"v":28448.28,"d":"28,448.28"},{"v":21691.76,"d":"21,691.76"},0,0,{"v":8264.4,"d":"8,264.40"},"地面"]
[214,"201903290040","压滤机",0,0,0,"台",0,0,"2019-03-25","2019-03-25","息烽县养龙司乡利发煤矿","无",{"v":12758.62,"d":"12,758.62"},{"v":9728.38,"d":"9,728.38"},{"v":-12758.62,"d":"-12,758.62"},{"v":-9728.38,"d":"-9,728.38"},0,"盘亏"]
[215,"201903290041","支拉试压机",0,0,0,"台",0,0,"2019-03-25","2019-03-25","息烽县养龙司乡利发煤矿","无",{"v":11206.9,"d":"11,206.90"},{"v":8545.3,"d":"8,545.30"},{"v":-11206.9,"d":"-11,206.90"},{"v":-8545.3,"d":"-8,545.30"},0,"盘亏"]
[216,"201903290042","空压机",0,0,0,"台",0,0,"2019-03-25","2019-03-25","息烽县养龙司乡利发煤矿","无",{"v":75862.07,"d":"75,862.07"},{"v":57844.85,"d":"57,844.85"},0,0,{"v":1600,"d":"1,600.00"},"报废"]
[217,"201903290043","皮带机减速机",0,0,0,"台",0,0,"2019-03-25","2019-03-25","息烽县养龙司乡利发煤矿","无",{"v":41379.31,"d":"41,379.31"},{"v":31551.62,"d":"31,551.62"},0,0,{"v":12974,"d":"12,974.00"},"井下"]
[218,"201903290044","液压钻机",0,0,0,"台",0,0,"2019-03-25","2019-03-25","息烽县养龙司乡利发煤矿","无",{"v":77586.21,"d":"77,586.21"},{"v":59159.56,"d":"59,159.56"},0,0,{"v":24128,"d":"24,128.00"},"井下"]
[219,"201903290045","局扇",0,0,0,"台",1,1,"2019-03-25","2019-03-25","息烽县养龙司乡利发煤矿","无",{"v":30948.28,"d":"30,948.28"},{"v":23597.98,"d":"23,597.98"},0,0,{"v":9002.8,"d":"9,002.80"},"井下"]
[220,"201904010001","柴油发电机","HJ1-600",0,0,"台",1,1,"2019-03-25","2019-03-25","息烽县养龙司乡利发煤矿","无",{"v":155172.41,"d":"155,172.41"},{"v":118318.91,"d":"118,318.91"},0,0,{"v":45184.4,"d":"45,184.40"},"地面"]
[221,"201904080001","潜水泵",0,0,0,"台",1,1,"2019-03-25","2019-03-25","息烽县养龙司乡利发煤矿","无",{"v":13620.69,"d":"13,620.69"},{"v":10385.79,"d":"10,385.79"},0,0,{"v":3380,"d":"3,380.00"},"井下"]
[222,"201904150001","油冷式电动机滚筒",0,0,0,"台",1,1,"2019-03-31","2019-03-31","息烽县养龙司乡利发煤矿","无",{"v":32758.62,"d":"32,758.62"},{"v":24978.42,"d":"24,978.42"},0,0,{"v":9542.4,"d":"9,542.40"},"井下"]
[223,"201904270001","刮板机机头",0,0,0,"台",1,1,"2019-03-31","2019-03-31","息烽县养龙司乡利发煤矿","无",{"v":72413.79,"d":"72,413.79"},{"v":55215.44,"d":"55,215.44"},0,0,{"v":21072.8,"d":"21,072.80"},"井下"]
[224,"201908140001","电子汽车衡","120吨",0,0,"台",1,1,"2019-04-26","2019-04-26","息烽县养龙司乡利发煤矿","无",{"v":48275.86,"d":"48,275.86"},{"v":37192.62,"d":"37,192.62"},0,0,{"v":13092.4,"d":"13,092.40"},"地面"]
[225,"201910310001","发电控制柜",0,0,0,"台",1,0,"2019-07-31","2019-07-31","息烽县养龙司乡利发煤矿","无",{"v":5339.81,"d":"5,339.81"},{"v":4240.79,"d":"4,240.79"},{"v":-5339.81,"d":"-5,339.81"},{"v":-4240.79,"d":"-4,240.79"},0,"盘亏"]
[226,"201910310002","二氧化碳传感器",0,0,0,"台",0,0,"2019-10-31","2019-10-31","息烽县养龙司乡利发煤矿","无",{"v":10796.46,"d":"10,796.46"},{"v":8830.65,"d":"8,830.65"},{"v":-10796.46,"d":"-10,796.46"},{"v":-8830.65,"d":"-8,830.65"},0,"盘亏"]
[227,"202001070001","二氧化碳传感器",0,0,0,"台",0,0,"2019-10-31","2019-10-31","息烽县养龙司乡利发煤矿","无",{"v":10796.46,"d":"10,796.46"},{"v":8830.65,"d":"8,830.65"},{"v":-10796.46,"d":"-10,796.46"},{"v":-8830.65,"d":"-8,830.65"},0,"盘亏"]
[228,0,"矿用隔爆兼本安直流电源",0,0,0,"台",0,0,"2019-12-31","2019-12-31","息烽县养龙司乡利发煤矿","无",{"v":15486.73,"d":"15,486.73"},{"v":12912.13,"d":"12,912.13"},{"v":-15486.73,"d":"-15,486.73"},{"v":-12912.13,"d":"-12,912.13"},0,"盘亏"]
[229,0,"平板车6台、道岔9付",0,"重庆市南岸区智勇矿山设备配件厂",0,"台",15,15,"2019-03-25","2019-03-25","息烽县养龙司乡利发煤矿","无",{"v":27897.44,"d":"27,897.44"},{"v":13118.54,"d":"13,118.54"},0,0,{"v":1618.8,"d":"1,618.80"},"平板车3台井下，报废3台；道岔9付于地面存放"]
[230,0,"铲车",0,0,0,"台",1,0,"2018-07-31","2018-07-31","息烽县养龙司乡利发煤矿","无",{"v":301724.15,"d":"301,724.15"},{"v":212149.85,"d":"212,149.85"},{"v":-301724.15,"d":"-301,724.15"},{"v":-212149.85,"d":"-212,149.85"},0,"盘亏"]
[231,0,"隔爆型真空馈电开关","KBZ-630/1140",0,0,"台",1,1,"2018-07-31","2018-07-31",0,0,0,0,0,0,{"v":4068,"d":"4,068.00"},"井下"]
["账面余额合计",{"$nulls":6},0,{"$nulls":5},{"v":65766528.03,"d":"65,766,528.03"},{"v":13068683.1,"d":"13,068,683.10"},{"v":-31377405.06,"d":"-31,377,405.06"},{"v":-5163489.54000001,"d":"-5,163,489.54"},{"$f":"SUM(R8:R238)","v":{"v":1638413.2,"d":"1,638,413.20"}}]
["被评估单位填表人：黄照雄"]
["填表日期：2021年11月6日"]
[]
[{"$nulls":17},{"v":1638413.2,"d":"1,638,413.20"},0]
[{"$nulls":17},{"v":1336900.4,"d":"1,336,900.40"},0]
[{"$nulls":17},{"v":394718,"d":"394,718.00"},0]
[{"$nulls":17},{"v":127122,"d":"127,122.00"},0]
[{"$nulls":17},{"v":277129.2,"d":"277,129.20"},0]
[{"$nulls":17},0,0]
[{"$nulls":17},0,0]
[{"$nulls":17},{"v":3774282.8,"d":"3,774,282.80"},0]
[{"$nulls":17},0,0]

{"sheet":"电子设备","index":6,"n_rows":211,"n_cols":17,"rows_kept":211,"merged":[[1,0,1,16],[2,0,2,16],[5,0,6,0],[5,1,6,1],[5,2,6,2],[5,3,6,3],[5,4,6,4],[5,6,6,6],[5,7,6,7],[5,8,6,8],[5,9,6,9],[5,10,6,10],[5,11,5,12],[5,13,5,14],[5,15,6,15],[5,16,6,16],[208,0,208,4],[209,15,209,16]]}
["返回","返回索引","被评估单位填表人：:黄照雄         填表日期：2021年11月6日             评估人员：何廷培、吴贤青      "]
["固定资产-电子设备及其他评估明细表"]
["评估基准日：2021年9月30日"]
[{"$nulls":16},"表4-6-2-3"]
["被评估单位：贵州鑫悦煤炭有限公司",{"$nulls":15},"金额单位：人民币元"]
["序号","设备编号","设备名称","规格型号","生产厂家","计量","数量","实盘数","购置\n日期","启用\n日期","存放地点","审计前账面价值",null,"审计调整",null,"清算价值","备注"]
[{"$nulls":5},"单位",{"$nulls":5},"原值","净值","原值","净值"]
[1,0,"档案柜","木",0,0,0,0,"2013-08-01","2013-08-01",0,{"v":800,"d":"800.00"},{"v":40,"d":"40.00"},{"v":-800,"d":"-800.00"},{"v":-40,"d":"-40.00"},0,"盘亏"]
[2,0,"沙发","皮制，4座",0,0,0,0,"2013-08-01","2013-08-01",0,{"v":4800,"d":"4,800.00"},{"v":240,"d":"240.00"},{"v":-4800,"d":"-4,800.00"},{"v":-240,"d":"-240.00"},0,"盘亏"]
[3,0,"办公桌","木质",0,0,0,0,"2013-08-01","2013-08-01",0,{"v":500,"d":"500.00"},{"v":25,"d":"25.00"},{"v":-500,"d":"-500.00"},{"v":-25,"d":"-25.00"},0,"盘亏"]
[4,0,"茶几","玻璃，小型",0,0,0,0,"2013-08-01","2013-08-01",0,{"v":450,"d":"450.00"},{"v":22.5,"d":"22.50"},{"v":-450,"d":"-450.00"},{"v":-22.5,"d":"-22.50"},0,"盘亏"]
[5,0,"饮水机","SAST 1.5 简易",0,0,0,0,"2013-11-07","2013-11-07",0,{"v":80,"d":"80.00"},{"v":4,"d":"4.00"},{"v":-80,"d":"-80.00"},{"v":-4,"d":"-4.00"},0,"盘亏"]
[6,0,"椅子","木质",0,0,0,0,"2013-08-01","2013-08-01",0,{"v":150,"d":"150.00"},{"v":7.5,"d":"7.50"},{"v":-150,"d":"-150.00"},{"v":-7.5,"d":"-7.50"},0,"盘亏"]
[7,0,"办公桌","木质",0,0,0,0,"2013-08-01","2013-08-01",0,{"v":1000,"d":"1,000.00"},{"v":50,"d":"50.00"},{"v":-1000,"d":"-1,000.00"},{"v":-50,"d":"-50.00"},0,"盘亏"]
[8,0,"办公椅子","木质",0,0,0,0,"2013-08-01","2013-08-01",0,{"v":300,"d":"300.00"},{"v":15,"d":"15.00"},{"v":-300,"d":"-300.00"},{"v":-15,"d":"-15.00"},0,"盘亏"]
[9,0,"休息椅子","木质",0,0,0,0,"2013-08-01","2013-08-01",0,{"v":500,"d":"500.00"},{"v":25,"d":"25.00"},{"v":-500,"d":"-500.00"},{"v":-25,"d":"-25.00"},0,"盘亏"]
[10,0,"茶几","玻璃，小型",0,0,0,0,"2013-08-01","2013-08-01",0,{"v":450,"d":"450.00"},{"v":22.5,"d":"22.50"},{"v":-450,"d":"-450.00"},{"v":-22.5,"d":"-22.50"},0,"盘亏"]
[11,0,"饮水机","SAST 1.5 简易",0,0,0,0,"2013-11-07","2013-11-07",0,{"v":80,"d":"80.00"},{"v":4,"d":"4.00"},{"v":-80,"d":"-80.00"},{"v":-4,"d":"-4.00"},0,"盘亏"]
[12,0,"档案柜","木",0,0,0,0,"2013-08-01","2013-08-01",0,{"v":800,"d":"800.00"},{"v":40,"d":"40.00"},{"v":-800,"d":"-800.00"},{"v":-40,"d":"-40.00"},0,"盘亏"]
[13,0,"吊扇","小型，住宅用",0,0,0,0,"2013-08-01","2013-08-01",0,{"v":200,"d":"200.00"},{"v":10,"d":"10.00"},{"v":-200,"d":"-200.00"},{"v":-10,"d":"-10.00"},0,"盘亏"]
[14,0,"办公桌","木质",0,0,0,0,"2013-08-01","2013-08-01",0,{"v":1000,"d":"1,000.00"},{"v":50,"d":"50.00"},{"v":-1000,"d":"-1,000.00"},{"v":-50,"d":"-50.00"},0,"盘亏"]
[15,0,"档案柜","木",0,0,0,0,"2013-08-01","2013-08-01",0,{"v":1600,"d":"1,600.00"},{"v":80,"d":"80.00"},{"v":-1600,"d":"-1,600.00"},{"v":-80,"d":"-80.00"},0,"盘亏"]
[16,0,"饮水机","SAST 1.5 简易",0,0,0,0,"2013-11-07","2013-11-07",0,{"v":80,"d":"80.00"},{"v":4,"d":"4.00"},{"v":-80,"d":"-80.00"},{"v":-4,"d":"-4.00"},0,"盘亏"]
[17,0,"办公椅子","木质",0,0,0,0,"2013-08-01","2013-08-01",0,{"v":300,"d":"300.00"},{"v":15,"d":"15.00"},{"v":-300,"d":"-300.00"},{"v":-15,"d":"-15.00"},0,"盘亏"]
[18,0,"吊扇","小型，住宅用",0,0,0,0,"2013-08-01","2013-08-01",0,{"v":200,"d":"200.00"},{"v":10,"d":"10.00"},{"v":-200,"d":"-200.00"},{"v":-10,"d":"-10.00"},0,"盘亏"]
[19,0,"办公桌","木质",0,0,0,0,"2013-08-01","2013-08-01",0,{"v":1000,"d":"1,000.00"},{"v":50,"d":"50.00"},{"v":-1000,"d":"-1,000.00"},{"v":-50,"d":"-50.00"},0,"盘亏"]
[20,0,"休息椅子","木质",0,0,0,0,"2013-08-01","2013-08-01",0,{"v":500,"d":"500.00"},{"v":25,"d":"25.00"},{"v":-500,"d":"-500.00"},{"v":-25,"d":"-25.00"},0,"盘亏"]
[21,0,"茶几","玻璃，小型",0,0,0,0,"2013-08-01","2013-08-01",0,{"v":450,"d":"450.00"},{"v":22.5,"d":"22.50"},{"v":-450,"d":"-450.00"},{"v":-22.5,"d":"-22.50"},0,"盘亏"]
[22,0,"档案柜","木",0,0,0,0,"2013-08-01","2013-08-01",0,{"v":800,"d":"800.00"},{"v":40,"d":"40.00"},{"v":-800,"d":"-800.00"},{"v":-40,"d":"-40.00"},0,"盘亏"]
[23,0,"饮水机","SAST 1.5 简易",0,0,0,0,"2013-11-07","2013-11-07",0,{"v":80,"d":"80.00"},{"v":4,"d":"4.00"},{"v":-80,"d":"-80.00"},{"v":-4,"d":"-4.00"},0,"盘亏"]
[24,0,"电烤炉","四人使用，桌型",0,0,0,0,"2013-08-01","2013-08-01",0,{"v":1200,"d":"1,200.00"},{"v":60,"d":"60.00"},{"v":-1200,"d":"-1,200.00"},{"v":-60,"d":"-60.00"},0,"盘亏"]
[25,0,"椅子","木质",0,0,0,0,"2013-08-01","2013-08-01",0,{"v":450,"d":"450.00"},{"v":22.5,"d":"22.50"},{"v":-450,"d":"-450.00"},{"v":-22.5,"d":"-22.50"},0,"盘亏"]
[26,0,"吊扇","小型，住宅用",0,0,0,0,"2013-08-01","2013-08-01",0,{"v":200,"d":"200.00"},{"v":10,"d":"10.00"},{"v":-200,"d":"-200.00"},{"v":-10,"d":"-10.00"},0,"盘亏"]
[27,0,"空调机","1.5P",0,0,0,0,"2013-01-25","2013-01-25",0,{"v":6000,"d":"6,000.00"},{"v":300,"d":"300.00"},{"v":-6000,"d":"-6,000.00"},{"v":-300,"d":"-300.00"},0,"盘亏"]
[28,0,"大会议桌","1.5*5",0,0,0,0,"2013-08-01","2013-08-01",0,{"v":4000,"d":"4,000.00"},{"v":200,"d":"200.00"},{"v":-4000,"d":"-4,000.00"},{"v":-200,"d":"-200.00"},0,"盘亏"]
[29,0,"小办公桌","木质",0,0,0,0,"2013-08-01","2013-08-01",0,{"v":2500,"d":"2,500.00"},{"v":125,"d":"125.00"},{"v":-2500,"d":"-2,500.00"},{"v":-125,"d":"-125.00"},0,"盘亏"]
[30,0,"档案柜","木",0,0,0,0,"2013-08-01","2013-08-01",0,{"v":1600,"d":"1,600.00"},{"v":80,"d":"80.00"},{"v":-1600,"d":"-1,600.00"},{"v":-80,"d":"-80.00"},0,"盘亏"]
[31,0,"饮水机","SAST 1.5 简易",0,0,0,0,"2013-11-07","2013-11-07",0,{"v":80,"d":"80.00"},{"v":4,"d":"4.00"},{"v":-80,"d":"-80.00"},{"v":-4,"d":"-4.00"},0,"盘亏"]
[32,0,"椅子","木质",0,0,0,0,"2013-08-01","2013-08-01",0,{"v":4350,"d":"4,350.00"},{"v":217.5,"d":"217.50"},{"v":-4350,"d":"-4,350.00"},{"v":-217.5,"d":"-217.50"},0,"盘亏"]
[33,0,"办公桌","木质",0,0,0,0,"2013-08-01","2013-08-01",0,{"v":2000,"d":"2,000.00"},{"v":100,"d":"100.00"},{"v":-2000,"d":"-2,000.00"},{"v":-100,"d":"-100.00"},0,"盘亏"]
[34,0,"饮水机","SAST 1.5 简易",0,0,0,0,"2013-11-07","2013-11-07",0,{"v":80,"d":"80.00"},{"v":4,"d":"4.00"},{"v":-80,"d":"-80.00"},{"v":-4,"d":"-4.00"},0,"盘亏"]
[35,0,"椅子","木质",0,0,0,0,"2013-08-01","2013-08-01",0,{"v":600,"d":"600.00"},{"v":30,"d":"30.00"},{"v":-600,"d":"-600.00"},{"v":-30,"d":"-30.00"},0,"盘亏"]
[36,0,"档案柜","木",0,0,0,0,"2013-08-01","2013-08-01",0,{"v":800,"d":"800.00"},{"v":40,"d":"40.00"},{"v":-800,"d":"-800.00"},{"v":-40,"d":"-40.00"},0,"盘亏"]
[37,0,"办公桌","木质",0,0,0,0,"2013-08-01","2013-08-01",0,{"v":1000,"d":"1,000.00"},{"v":50,"d":"50.00"},{"v":-1000,"d":"-1,000.00"},{"v":-50,"d":"-50.00"},0,"盘亏"]
[38,0,"档案柜","木",0,0,0,0,"2013-08-01","2013-08-01",0,{"v":800,"d":"800.00"},{"v":40,"d":"40.00"},{"v":-800,"d":"-800.00"},{"v":-40,"d":"-40.00"},0,"盘亏"]
[39,0,"饮水机","SAST 1.5 简易",0,0,0,0,"2013-11-07","2013-11-07",0,{"v":80,"d":"80.00"},{"v":4,"d":"4.00"},{"v":-80,"d":"-80.00"},{"v":-4,"d":"-4.00"},0,"盘亏"]
[40,0,"椅子","木质",0,0,0,0,"2013-08-01","2013-08-01",0,{"v":600,"d":"600.00"},{"v":30,"d":"30.00"},{"v":-600,"d":"-600.00"},{"v":-30,"d":"-30.00"},0,"盘亏"]
[41,0,"回风炉","定制",0,0,0,0,"2013-08-01","2013-08-01",0,{"v":1500,"d":"1,500.00"},{"v":75,"d":"75.00"},{"v":-1500,"d":"-1,500.00"},{"v":-75,"d":"-75.00"},0,"盘亏"]
[42,0,"大圆桌","木质",0,0,0,0,"2013-08-01","2013-08-01",0,{"v":2400,"d":"2,400.00"},{"v":120,"d":"120.00"},{"v":-2400,"d":"-2,400.00"},{"v":-120,"d":"-120.00"},0,"盘亏"]
[43,0,"椅子","木质",0,0,0,0,"2013-08-01","2013-08-01",0,{"v":3000,"d":"3,000.00"},{"v":150,"d":"150.00"},{"v":-3000,"d":"-3,000.00"},{"v":-150,"d":"-150.00"},0,"盘亏"]
[44,0,"办公桌","木质",0,0,0,0,"2013-08-01","2013-08-01",0,{"v":1000,"d":"1,000.00"},{"v":50,"d":"50.00"},{"v":-1000,"d":"-1,000.00"},{"v":-50,"d":"-50.00"},0,"盘亏"]
[45,0,"饮水机","SAST 1.5 简易",0,0,0,0,"2013-11-07","2013-11-07",0,{"v":80,"d":"80.00"},{"v":4,"d":"4.00"},{"v":-80,"d":"-80.00"},{"v":-4,"d":"-4.00"},0,"盘亏"]
[46,0,"档案柜","木",0,0,0,0,"2013-08-01","2013-08-01",0,{"v":800,"d":"800.00"},{"v":40,"d":"40.00"},{"v":-800,"d":"-800.00"},{"v":-40,"d":"-40.00"},0,"盘亏"]
[47,0,"玻璃茶几","玻璃，小型",0,0,0,0,"2013-08-01","2013-08-01",0,{"v":450,"d":"450.00"},{"v":22.5,"d":"22.50"},{"v":-450,"d":"-450.00"},{"v":-22.5,"d":"-22.50"},0,"盘亏"]
[48,0,"休息椅子","木质",0,0,0,0,"2013-08-01","2013-08-01",0,{"v":500,"d":"500.00"},{"v":25,"d":"25.00"},{"v":-500,"d":"-500.00"},{"v":-25,"d":"-25.00"},0,"盘亏"]
[49,0,"办公椅子","木质",0,0,0,0,"2013-08-01","2013-08-01",0,{"v":300,"d":"300.00"},{"v":15,"d":"15.00"},{"v":-300,"d":"-300.00"},{"v":-15,"d":"-15.00"},0,"盘亏"]
[50,0,"办公桌","木质",0,0,0,0,"2013-08-01","2013-08-01",0,{"v":1000,"d":"1,000.00"},{"v":50,"d":"50.00"},{"v":-1000,"d":"-1,000.00"},{"v":-50,"d":"-50.00"},0,"盘亏"]
[51,0,"椅子","木质",0,0,0,0,"2013-08-01","2013-08-01",0,{"v":300,"d":"300.00"},{"v":15,"d":"15.00"},{"v":-300,"d":"-300.00"},{"v":-15,"d":"-15.00"},0,"盘亏"]
[52,0,"档案柜","木",0,0,0,0,"2013-08-01","2013-08-01",0,{"v":800,"d":"800.00"},{"v":40,"d":"40.00"},{"v":-800,"d":"-800.00"},{"v":-40,"d":"-40.00"},0,"盘亏"]
[53,0,"办公桌","木质",0,0,0,0,"2013-08-01","2013-08-01",0,{"v":1000,"d":"1,000.00"},{"v":50,"d":"50.00"},{"v":-1000,"d":"-1,000.00"},{"v":-50,"d":"-50.00"},0,"盘亏"]
[54,0,"小会议桌","木质",0,0,0,0,"2013-08-01","2013-08-01",0,{"v":700,"d":"700.00"},{"v":35,"d":"35.00"},{"v":-700,"d":"-700.00"},{"v":-35,"d":"-35.00"},0,"盘亏"]
[55,0,"档案柜","木",0,0,0,0,"2013-08-01","2013-08-01",0,{"v":800,"d":"800.00"},{"v":40,"d":"40.00"},{"v":-800,"d":"-800.00"},{"v":-40,"d":"-40.00"},0,"盘亏"]
[56,0,"饮水机","SAST 1.5 简易",0,0,0,0,"2013-11-07","2013-11-07",0,{"v":80,"d":"80.00"},{"v":4,"d":"4.00"},{"v":-80,"d":"-80.00"},{"v":-4,"d":"-4.00"},0,"盘亏"]
[57,0,"椅子","木质",0,0,0,0,"2013-08-01","2013-08-01",0,{"v":300,"d":"300.00"},{"v":15,"d":"15.00"},{"v":-300,"d":"-300.00"},{"v":-15,"d":"-15.00"},0,"盘亏"]
[58,0,"点钞机","科密 D6210",0,0,0,0,"2013-08-01","2013-08-01",0,{"v":488,"d":"488.00"},{"v":24.4,"d":"24.40"},{"v":-488,"d":"-488.00"},{"v":-24.4,"d":"-24.40"},0,"盘亏"]
[59,0,"办公桌","木质",0,0,0,0,"2013-08-01","2013-08-01",0,{"v":1000,"d":"1,000.00"},{"v":50,"d":"50.00"},{"v":-1000,"d":"-1,000.00"},{"v":-50,"d":"-50.00"},0,"盘亏"]
[60,0,"办公椅子","木质",0,0,0,0,"2013-08-01","2013-08-01",0,{"v":600,"d":"600.00"},{"v":30,"d":"30.00"},{"v":-600,"d":"-600.00"},{"v":-30,"d":"-30.00"},0,"盘亏"]
[61,0,"饮水机","SAST 1.5 简易",0,0,0,0,"2013-11-07","2013-11-07",0,{"v":80,"d":"80.00"},{"v":4,"d":"4.00"},{"v":-80,"d":"-80.00"},{"v":-4,"d":"-4.00"},0,"盘亏"]
[62,0,"档案柜","木",0,0,0,0,"2013-08-01","2013-08-01",0,{"v":800,"d":"800.00"},{"v":40,"d":"40.00"},{"v":-800,"d":"-800.00"},{"v":-40,"d":"-40.00"},0,"盘亏"]
[63,0,"电烤炉","四人使用，桌型",0,0,0,0,"2013-08-01","2013-08-01",0,{"v":1200,"d":"1,200.00"},{"v":60,"d":"60.00"},{"v":-1200,"d":"-1,200.00"},{"v":-60,"d":"-60.00"},0,"盘亏"]
[64,0,"办公桌","木质",0,0,0,0,"2013-08-01","2013-08-01",0,{"v":1000,"d":"1,000.00"},{"v":50,"d":"50.00"},{"v":-1000,"d":"-1,000.00"},{"v":-50,"d":"-50.00"},0,"盘亏"]
[65,0,"休息椅子","木质",0,0,0,0,"2013-08-01","2013-08-01",0,{"v":500,"d":"500.00"},{"v":25,"d":"25.00"},{"v":-500,"d":"-500.00"},{"v":-25,"d":"-25.00"},0,"盘亏"]
[66,0,"档案柜","木",0,0,0,0,"2013-08-01","2013-08-01",0,{"v":800,"d":"800.00"},{"v":40,"d":"40.00"},{"v":-800,"d":"-800.00"},{"v":-40,"d":"-40.00"},0,"盘亏"]
[67,0,"椅子","木质",0,0,0,0,"2013-08-01","2013-08-01",0,{"v":300,"d":"300.00"},{"v":15,"d":"15.00"},{"v":-300,"d":"-300.00"},{"v":-15,"d":"-15.00"},0,"盘亏"]
[68,0,"档案柜","木",0,0,0,0,"2013-08-01","2013-08-01",0,{"v":800,"d":"800.00"},{"v":40,"d":"40.00"},{"v":-800,"d":"-800.00"},{"v":-40,"d":"-40.00"},0,"盘亏"]
[69,0,"空调机","1.5P",0,0,0,0,"2013-01-25","2013-01-25",0,{"v":3000,"d":"3,000.00"},{"v":150,"d":"150.00"},{"v":-3000,"d":"-3,000.00"},{"v":-150,"d":"-150.00"},0,"盘亏"]
[70,0,"饮水机","SAST 1.5 简易",0,0,0,0,"2013-11-07","2013-11-07",0,{"v":80,"d":"80.00"},{"v":4,"d":"4.00"},{"v":-80,"d":"-80.00"},{"v":-4,"d":"-4.00"},0,"盘亏"]
[71,0,"档案柜","木",0,0,0,0,"2013-08-01","2013-08-01",0,{"v":800,"d":"800.00"},{"v":40,"d":"40.00"},{"v":-800,"d":"-800.00"},{"v":-40,"d":"-40.00"},0,"盘亏"]
[72,0,"椅子","木质",0,0,0,0,"2013-08-01","2013-08-01",0,{"v":2100,"d":"2,100.00"},{"v":105,"d":"105.00"},{"v":-2100,"d":"-2,100.00"},{"v":-105,"d":"-105.00"},0,"盘亏"]
[73,0,"会议桌","1.2*2.5 木质",0,0,0,0,"2013-08-01","2013-08-01",0,{"v":2000,"d":"2,000.00"},{"v":100,"d":"100.00"},{"v":-2000,"d":"-2,000.00"},{"v":-100,"d":"-100.00"},0,"盘亏"]
[74,0,"小办公桌","木质",0,0,0,0,"2013-08-01","2013-08-01",0,{"v":500,"d":"500.00"},{"v":25,"d":"25.00"},{"v":-500,"d":"-500.00"},{"v":-25,"d":"-25.00"},0,"盘亏"]
[75,0,"木沙发","木质",0,0,0,0,"2013-08-01","2013-08-01",0,{"v":1600,"d":"1,600.00"},{"v":80,"d":"80.00"},{"v":-1600,"d":"-1,600.00"},{"v":-80,"d":"-80.00"},0,"盘亏"]
[76,0,"小办公桌","木质",0,0,0,0,"2013-08-01","2013-08-01",0,{"v":500,"d":"500.00"},{"v":25,"d":"25.00"},{"v":-500,"d":"-500.00"},{"v":-25,"d":"-25.00"},0,"盘亏"]
[77,0,"档案柜","木",0,0,0,0,"2013-08-01","2013-08-01",0,{"v":1600,"d":"1,600.00"},{"v":80,"d":"80.00"},{"v":-1600,"d":"-1,600.00"},{"v":-80,"d":"-80.00"},0,"盘亏"]
[78,0,"小鞋架","铁",0,0,0,0,"2013-08-01","2013-08-01",0,{"v":80,"d":"80.00"},{"v":4,"d":"4.00"},{"v":-80,"d":"-80.00"},{"v":-4,"d":"-4.00"},0,"盘亏"]
[79,0,"热水器","海尔？CEH-266A",0,0,0,0,"2013-08-01","2013-08-01",0,{"v":18000,"d":"18,000.00"},{"v":900,"d":"900.00"},{"v":-18000,"d":"-18,000.00"},{"v":-900,"d":"-900.00"},0,"盘亏"]
[80,0,"吊扇","小型，住宅用",0,0,0,0,"2013-08-01","2013-08-01",0,{"v":200,"d":"200.00"},{"v":10,"d":"10.00"},{"v":-200,"d":"-200.00"},{"v":-10,"d":"-10.00"},0,"盘亏"]
[81,0,"办公桌","木质",0,0,0,0,"2013-08-01","2013-08-01",0,{"v":2000,"d":"2,000.00"},{"v":100,"d":"100.00"},{"v":-2000,"d":"-2,000.00"},{"v":-100,"d":"-100.00"},0,"盘亏"]
[82,0,"档案柜","木",0,0,0,0,"2013-08-01","2013-08-01",0,{"v":800,"d":"800.00"},{"v":40,"d":"40.00"},{"v":-800,"d":"-800.00"},{"v":-40,"d":"-40.00"},0,"盘亏"]
[83,0,"办公椅","木质",0,0,0,0,"2013-08-01","2013-08-01",0,{"v":300,"d":"300.00"},{"v":15,"d":"15.00"},{"v":-300,"d":"-300.00"},{"v":-15,"d":"-15.00"},0,"盘亏"]
[84,0,"休息椅子","木质",0,0,0,0,"2013-08-01","2013-08-01",0,{"v":500,"d":"500.00"},{"v":25,"d":"25.00"},{"v":-500,"d":"-500.00"},{"v":-25,"d":"-25.00"},0,"盘亏"]
[85,0,"玻璃茶几","玻璃，小型",0,0,0,0,"2013-08-01","2013-08-01",0,{"v":450,"d":"450.00"},{"v":22.5,"d":"22.50"},{"v":-450,"d":"-450.00"},{"v":-22.5,"d":"-22.50"},0,"盘亏"]
[86,0,"饮水机","SAST 1.5 简易",0,0,0,0,"2013-11-07","2013-11-07",0,{"v":80,"d":"80.00"},{"v":4,"d":"4.00"},{"v":-80,"d":"-80.00"},{"v":-4,"d":"-4.00"},0,"盘亏"]
[87,0,"电烤炉","四人使用，桌型",0,0,0,0,"2013-08-01","2013-08-01",0,{"v":1200,"d":"1,200.00"},{"v":60,"d":"60.00"},{"v":-1200,"d":"-1,200.00"},{"v":-60,"d":"-60.00"},0,"盘亏"]
[88,0,"电烤炉","四人使用，桌型",0,0,0,0,"2013-08-01","2013-08-01",0,{"v":1200,"d":"1,200.00"},{"v":60,"d":"60.00"},{"v":-1200,"d":"-1,200.00"},{"v":-60,"d":"-60.00"},0,"盘亏"]
[89,0,"吊扇","小型，住宅用",0,0,0,0,"2013-08-01","2013-08-01",0,{"v":200,"d":"200.00"},{"v":10,"d":"10.00"},{"v":-200,"d":"-200.00"},{"v":-10,"d":"-10.00"},0,"盘亏"]
[90,0,"会议桌","木质",0,0,0,0,"2013-08-01","2013-08-01",0,{"v":32900,"d":"32,900.00"},{"v":1645,"d":"1,645.00"},{"v":-32900,"d":"-32,900.00"},{"v":-1645,"d":"-1,645.00"},0,"盘亏"]
[91,0,"椅子","木质",0,0,0,0,"2013-08-01","2013-08-01",0,{"v":27750,"d":"27,750.00"},{"v":1387.5,"d":"1,387.50"},{"v":-27750,"d":"-27,750.00"},{"v":-1387.5,"d":"-1,387.50"},0,"盘亏"]
[92,0,"饮水机","SAST 1.5 简易",0,0,0,0,"2013-11-07","2013-11-07",0,{"v":80,"d":"80.00"},{"v":4,"d":"4.00"},{"v":-80,"d":"-80.00"},{"v":-4,"d":"-4.00"},0,"盘亏"]
[93,0,"胶凳","塑料",0,0,0,0,"2013-08-01","2013-08-01",0,{"v":330,"d":"330.00"},{"v":16.5,"d":"16.50"},{"v":-330,"d":"-330.00"},{"v":-16.5,"d":"-16.50"},0,"盘亏"]
[94,0,"长会议桌","木质",0,0,0,0,"2013-08-01","2013-08-01",0,{"v":3600,"d":"3,600.00"},{"v":180,"d":"180.00"},{"v":-3600,"d":"-3,600.00"},{"v":-180,"d":"-180.00"},0,"盘亏"]
[95,0,"音响设备","R201T06",0,0,0,0,"2013-08-01","2013-08-01",0,{"v":200,"d":"200.00"},{"v":10,"d":"10.00"},{"v":-200,"d":"-200.00"},{"v":-10,"d":"-10.00"},0,"盘亏"]
[96,0,"木床","2*1.2 木质",0,0,0,0,"2013-08-01","2013-08-01",0,{"v":600,"d":"600.00"},{"v":30,"d":"30.00"},{"v":-600,"d":"-600.00"},{"v":-30,"d":"-30.00"},0,"盘亏"]
[97,0,"饮水机","SAST 1.5 简易",0,0,0,0,"2013-11-07","2013-11-07",0,{"v":80,"d":"80.00"},{"v":4,"d":"4.00"},{"v":-80,"d":"-80.00"},{"v":-4,"d":"-4.00"},0,"盘亏"]
[98,0,"电风扇","小型，住宅用",0,0,0,0,"2013-08-01","2013-08-01",0,{"v":300,"d":"300.00"},{"v":15,"d":"15.00"},{"v":-300,"d":"-300.00"},{"v":-15,"d":"-15.00"},0,"盘亏"]
[99,0,"办公桌",0,0,0,0,0,"2013-08-01","2013-08-01",0,{"v":1000,"d":"1,000.00"},{"v":50,"d":"50.00"},{"v":-1000,"d":"-1,000.00"},{"v":-50,"d":"-50.00"},0,"盘亏"]
[100,0,"档案柜","木",0,0,0,0,"2013-08-01","2013-08-01",0,{"v":800,"d":"800.00"},{"v":40,"d":"40.00"},{"v":-800,"d":"-800.00"},{"v":-40,"d":"-40.00"},0,"盘亏"]
[101,0,"饮水机","SAST 1.5 简易",0,0,0,0,"2013-11-07","2013-11-07",0,{"v":80,"d":"80.00"},{"v":4,"d":"4.00"},{"v":-80,"d":"-80.00"},{"v":-4,"d":"-4.00"},0,"盘亏"]
[102,0,"休息椅子","木质",0,0,0,0,"2013-08-01","2013-08-01",0,{"v":500,"d":"500.00"},{"v":25,"d":"25.00"},{"v":-500,"d":"-500.00"},{"v":-25,"d":"-25.00"},0,"盘亏"]
[103,0,"办公椅子","木质",0,0,0,0,"2013-08-01","2013-08-01",0,{"v":150,"d":"150.00"},{"v":7.5,"d":"7.50"},{"v":-150,"d":"-150.00"},{"v":-7.5,"d":"-7.50"},0,"盘亏"]
[104,0,"办公桌","木质",0,0,0,0,"2013-08-01","2013-08-01",0,{"v":1000,"d":"1,000.00"},{"v":50,"d":"50.00"},{"v":-1000,"d":"-1,000.00"},{"v":-50,"d":"-50.00"},0,"盘亏"]
[105,0,"大会议桌","木质",0,0,0,0,"2013-08-01","2013-08-01",0,{"v":2000,"d":"2,000.00"},{"v":100,"d":"100.00"},{"v":-2000,"d":"-2,000.00"},{"v":-100,"d":"-100.00"},0,"盘亏"]
[106,0,"档案柜","木",0,0,0,0,"2013-08-01","2013-08-01",0,{"v":2400,"d":"2,400.00"},{"v":120,"d":"120.00"},{"v":-2400,"d":"-2,400.00"},{"v":-120,"d":"-120.00"},0,"盘亏"]
[107,0,"办公桌","木质",0,0,0,0,"2013-08-01","2013-08-01",0,{"v":1500,"d":"1,500.00"},{"v":75,"d":"75.00"},{"v":-1500,"d":"-1,500.00"},{"v":-75,"d":"-75.00"},0,"盘亏"]
[108,0,"饮水机","SAST 1.5 简易",0,0,0,0,"2013-11-07","2013-11-07",0,{"v":80,"d":"80.00"},{"v":4,"d":"4.00"},{"v":-80,"d":"-80.00"},{"v":-4,"d":"-4.00"},0,"盘亏"]
[109,0,"椅子","木质",0,0,0,0,"2013-08-01","2013-08-01",0,{"v":4200,"d":"4,200.00"},{"v":210,"d":"210.00"},{"v":-4200,"d":"-4,200.00"},{"v":-210,"d":"-210.00"},0,"盘亏"]
[110,0,"椅子（贵宾澡堂用）",0,0,0,0,0,"2016-07-31","2016-07-31",0,{"v":2820,"d":"2,820.00"},{"v":141,"d":"141.00"},{"v":-2820,"d":"-2,820.00"},{"v":-141,"d":"-141.00"},0,"盘亏"]
[111,0,"太阳能（贵宾澡堂用）",0,0,0,0,0,"2016-07-31","2016-07-31",0,{"v":13500,"d":"13,500.00"},{"v":675,"d":"675.00"},{"v":-13500,"d":"-13,500.00"},{"v":-675,"d":"-675.00"},0,"盘亏"]
[112,0,"沙发、茶几各2个（贵宾澡堂用）",0,0,0,0,0,"2016-07-31","2016-07-31",0,{"v":2900,"d":"2,900.00"},{"v":145,"d":"145.00"},{"v":-2900,"d":"-2,900.00"},{"v":-145,"d":"-145.00"},0,"盘亏"]
[113,0,"夏衣柜（贵宾澡堂用）",0,0,0,0,0,"2016-07-31","2016-07-31",0,{"v":10550,"d":"10,550.00"},{"v":527.5,"d":"527.50"},{"v":-10550,"d":"-10,550.00"},{"v":-527.5,"d":"-527.50"},0,"盘亏"]
[114,0,"电脑","商用普通","联想",0,0,0,"2013-12-30","2013-12-30",0,{"v":2800,"d":"2,800.00"},{"v":140,"d":"140.00"},{"v":-2800,"d":"-2,800.00"},{"v":-140,"d":"-140.00"},0,"盘亏"]
[115,0,"打印、扫描机","HL-3040","兄弟公司",0,0,0,"2013-12-30","2013-12-30",0,{"v":2500,"d":"2,500.00"},{"v":125,"d":"125.00"},{"v":-2500,"d":"-2,500.00"},{"v":-125,"d":"-125.00"},0,"盘亏"]
[116,0,"座机电话","简易","贵阳",0,0,0,"2013-08-01","2013-08-01",0,{"v":45,"d":"45.00"},2.25,{"v":-45,"d":"-45.00"},-2.25,0,"盘亏"]
[117,0,"会议室投放仪","TW539","明基",0,0,0,"2013-08-01","2013-08-01",0,{"v":3800,"d":"3,800.00"},{"v":190,"d":"190.00"},{"v":-3800,"d":"-3,800.00"},{"v":-190,"d":"-190.00"},0,"盘亏"]
[118,0,"空调机","1.5P","格力",0,0,0,"2013-01-25","2013-01-25",0,{"v":3000,"d":"3,000.00"},{"v":150,"d":"150.00"},{"v":-3000,"d":"-3,000.00"},{"v":-150,"d":"-150.00"},0,"盘亏"]
[119,0,"电脑","商用普通","戴尔",0,0,0,"2013-12-30","2013-12-30",0,{"v":2800,"d":"2,800.00"},{"v":140,"d":"140.00"},{"v":-2800,"d":"-2,800.00"},{"v":-140,"d":"-140.00"},0,"盘亏"]
[120,0,"打印机","LBP7018C","佳能",0,0,0,"2013-09-29","2013-09-29",0,{"v":1700,"d":"1,700.00"},{"v":85,"d":"85.00"},{"v":-1700,"d":"-1,700.00"},{"v":-85,"d":"-85.00"},0,"盘亏"]
[121,0,"电脑","商用普通","联想",0,0,0,"2013-12-30","2013-12-30",0,{"v":2800,"d":"2,800.00"},{"v":140,"d":"140.00"},{"v":-2800,"d":"-2,800.00"},{"v":-140,"d":"-140.00"},0,"盘亏"]
[122,0,"打印机","LBP7018C","佳能",0,0,0,"2013-06-23","2013-06-23",0,{"v":1700,"d":"1,700.00"},{"v":85,"d":"85.00"},{"v":-1700,"d":"-1,700.00"},{"v":-85,"d":"-85.00"},0,"盘亏"]
[123,0,"座机电话","简易","贵阳",0,0,0,"2013-08-01","2013-08-01",0,{"v":45,"d":"45.00"},2.25,{"v":-45,"d":"-45.00"},-2.25,0,"盘亏"]
[124,0,"电脑","组装","贵阳",0,0,0,"2013-12-30","2013-12-30",0,{"v":2800,"d":"2,800.00"},{"v":140,"d":"140.00"},{"v":-2800,"d":"-2,800.00"},{"v":-140,"d":"-140.00"},0,"盘亏"]
[125,0,"打印机","LBP7018C","佳能",0,0,0,"2013-04-23","2013-04-23",0,{"v":1700,"d":"1,700.00"},{"v":85,"d":"85.00"},{"v":-1700,"d":"-1,700.00"},{"v":-85,"d":"-85.00"},0,"盘亏"]
[126,0,"视频电视机","39吋","长虹",0,0,0,"2013-08-01","2013-08-01",0,{"v":2000,"d":"2,000.00"},{"v":100,"d":"100.00"},{"v":-2000,"d":"-2,000.00"},{"v":-100,"d":"-100.00"},0,"盘亏"]
[127,0,"电脑","兼容机","贵阳",0,0,0,"2013-04-23","2013-04-23",0,{"v":5600,"d":"5,600.00"},{"v":280,"d":"280.00"},{"v":-5600,"d":"-5,600.00"},{"v":-280,"d":"-280.00"},0,"盘亏"]
[128,0,"电话","简易","贵阳",0,0,0,"2013-08-01","2013-08-01",0,{"v":45,"d":"45.00"},2.25,{"v":-45,"d":"-45.00"},-2.25,0,"盘亏"]
[129,0,"电脑","商用普通","联想",0,0,0,"2013-04-23","2013-04-23",0,{"v":5600,"d":"5,600.00"},{"v":280,"d":"280.00"},{"v":-5600,"d":"-5,600.00"},{"v":-280,"d":"-280.00"},0,"盘亏"]
[130,0,"电脑","商用普通","联想",0,0,0,"2014-08-28","2014-08-28",0,{"v":2800,"d":"2,800.00"},{"v":140,"d":"140.00"},{"v":-2800,"d":"-2,800.00"},{"v":-140,"d":"-140.00"},0,"盘亏"]
[131,0,"打印机","LBP7018C","佳能",0,0,0,"2013-12-30","2013-12-30",0,{"v":1700,"d":"1,700.00"},{"v":85,"d":"85.00"},{"v":-1700,"d":"-1,700.00"},{"v":-85,"d":"-85.00"},0,"盘亏"]
[132,0,"电脑","商用普通","戴尔",0,0,0,"2013-04-01","2013-04-01",0,{"v":5600,"d":"5,600.00"},{"v":280,"d":"280.00"},{"v":-5600,"d":"-5,600.00"},{"v":-280,"d":"-280.00"},0,"盘亏"]
[133,0,"电脑","兼容机","贵阳",0,0,0,"2013-12-30","2013-12-30",0,{"v":2800,"d":"2,800.00"},{"v":140,"d":"140.00"},{"v":-2800,"d":"-2,800.00"},{"v":-140,"d":"-140.00"},0,"盘亏"]
[134,0,"打印、扫描机","bizhub7719","柯尼卡美能达",0,0,0,"2013-12-30","2013-12-30",0,{"v":6700,"d":"6,700.00"},{"v":335,"d":"335.00"},{"v":-6700,"d":"-6,700.00"},{"v":-335,"d":"-335.00"},0,"盘亏"]
[135,0,"空调机","1.5P","美的",0,0,0,"2013-01-25","2013-01-25",0,{"v":3000,"d":"3,000.00"},{"v":150,"d":"150.00"},{"v":-3000,"d":"-3,000.00"},{"v":-150,"d":"-150.00"},0,"盘亏"]
[136,0,"饮水机","SAST 1.5 简易","先科牌",0,0,0,"2013-11-07","2013-11-07",0,{"v":80,"d":"80.00"},{"v":4,"d":"4.00"},{"v":-80,"d":"-80.00"},{"v":-4,"d":"-4.00"},0,"盘亏"]
[137,0,"消毒柜","ZTP108E-11ED","康宝",0,0,0,"2013-08-01","2013-08-01",0,{"v":900,"d":"900.00"},{"v":45,"d":"45.00"},{"v":-900,"d":"-900.00"},{"v":-45,"d":"-45.00"},0,"盘亏"]
[138,0,"冰柜","SC/SD-332","海尔集团",0,0,0,"2013-08-01","2013-08-01",0,{"v":2200,"d":"2,200.00"},{"v":110,"d":"110.00"},{"v":-2200,"d":"-2,200.00"},{"v":-110,"d":"-110.00"},0,"盘亏"]
[139,0,"冰箱","智能146升","扬子",0,0,0,"2013-08-01","2013-08-01",0,{"v":2000,"d":"2,000.00"},{"v":100,"d":"100.00"},{"v":-2000,"d":"-2,000.00"},{"v":-100,"d":"-100.00"},0,"盘亏"]
[140,0,"打浆机","10L 全自动","九阳",0,0,0,"2013-08-01","2013-08-01",0,{"v":950,"d":"950.00"},{"v":47.5,"d":"47.50"},{"v":-950,"d":"-950.00"},{"v":-47.5,"d":"-47.50"},0,"盘亏"]
[141,0,"电视机","39吋","长虹",0,0,0,"2013-08-01","2013-08-01",0,{"v":2000,"d":"2,000.00"},{"v":100,"d":"100.00"},{"v":-2000,"d":"-2,000.00"},{"v":-100,"d":"-100.00"},0,"盘亏"]
[142,0,"电脑","兼容机","贵阳",0,0,0,"2013-04-01","2013-04-01",0,{"v":2800,"d":"2,800.00"},{"v":140,"d":"140.00"},{"v":-2800,"d":"-2,800.00"},{"v":-140,"d":"-140.00"},0,"盘亏"]
[143,0,"打印机","LBP7018C","佳能",0,0,0,"2013-12-30","2013-12-30",0,{"v":1700,"d":"1,700.00"},{"v":85,"d":"85.00"},{"v":-1700,"d":"-1,700.00"},{"v":-85,"d":"-85.00"},0,"盘亏"]
[144,0,"座机电话","简易","贵阳",0,0,0,"2013-08-01","2013-08-01",0,{"v":90,"d":"90.00"},{"v":4.5,"d":"4.50"},{"v":-90,"d":"-90.00"},{"v":-4.5,"d":"-4.50"},0,"盘亏"]
[145,0,"电脑","商用普通","联想",0,0,0,"2013-12-30","2013-12-30",0,{"v":2800,"d":"2,800.00"},{"v":140,"d":"140.00"},{"v":-2800,"d":"-2,800.00"},{"v":-140,"d":"-140.00"},0,"盘亏"]
[146,0,"打印机","LBP7018C","佳能",0,0,0,"2013-08-01","2013-08-01",0,{"v":1700,"d":"1,700.00"},{"v":85,"d":"85.00"},{"v":-1700,"d":"-1,700.00"},{"v":-85,"d":"-85.00"},0,"盘亏"]
[147,0,"电脑","兼容机","贵阳",0,0,0,"2013-04-01","2013-04-01",0,{"v":5600,"d":"5,600.00"},{"v":280,"d":"280.00"},{"v":-5600,"d":"-5,600.00"},{"v":-280,"d":"-280.00"},0,"盘亏"]
[148,0,"电脑","兼容机","贵阳",0,0,0,"2014-12-23","2014-12-23",0,{"v":2800,"d":"2,800.00"},{"v":140,"d":"140.00"},{"v":-2800,"d":"-2,800.00"},{"v":-140,"d":"-140.00"},0,"盘亏"]
[149,0,"电脑两台（百能用）",0,0,0,0,0,"2016-04-30","2016-04-30",0,{"v":5900,"d":"5,900.00"},{"v":295,"d":"295.00"},{"v":-5900,"d":"-5,900.00"},{"v":-295,"d":"-295.00"},0,"盘亏"]
[150,0,"调度室视频监控设备安装及装饰工程",0,0,"套",1,1,"2017-01-31","2017-01-31","利发煤矿调度室",{"v":340170.96,"d":"340,170.96"},{"v":17008.55,"d":"17,008.55"},0,0,{"v":48176,"d":"48,176.00"},"地面"]
[151,0,"红外摄像仪配套监控",0,0,"台",3,3,"2021-06-01","2021-06-01","利发煤矿井下水泵房、避难硐室、电机硐室",{"v":304725.52,"d":"304,725.52"},{"v":280601.41,"d":"280,601.41"},0,0,{"v":702028.8,"d":"702,028.80"},"井下"]
[152,0,"文件柜","定制",0,"个",0,7,{"v":42165,"d":"42,165.00"},{"v":42165,"d":"42,165.00"},"利发煤矿办公楼",0,0,0,0,{"v":319.2,"d":"319.20"},"盘盈"]
[153,0,"档案柜","定制",0,"个",0,13,{"v":42165,"d":"42,165.00"},{"v":42165,"d":"42,165.00"},"利发煤矿办公楼",0,0,0,0,{"v":974.4,"d":"974.40"},"盘盈"]
[154,0,"茶几","定制",0,"个",0,7,{"v":42165,"d":"42,165.00"},{"v":42165,"d":"42,165.00"},"利发煤矿办公楼",0,0,0,0,{"v":992,"d":"992.00"},"盘盈"]
[155,0,"办公桌","定制",0,"个",0,17,{"v":42165,"d":"42,165.00"},{"v":42165,"d":"42,165.00"},"利发煤矿办公楼",0,0,0,0,{"v":7576.8,"d":"7,576.80"},"盘盈"]
[156,0,"长沙发","定制",0,"个",0,3,{"v":42165,"d":"42,165.00"},{"v":42165,"d":"42,165.00"},"利发煤矿办公楼",0,0,0,0,{"v":453.6,"d":"453.60"},"盘盈"]
[157,0,"三人沙发","定制",0,"个",0,6,{"v":42165,"d":"42,165.00"},{"v":42165,"d":"42,165.00"},"利发煤矿办公楼",0,0,0,0,{"v":2671.2,"d":"2,671.20"},"盘盈"]
[158,0,"保险柜","定制",0,"个",0,1,{"v":42165,"d":"42,165.00"},{"v":42165,"d":"42,165.00"},"利发煤矿办公楼",0,0,0,0,{"v":1192.8,"d":"1,192.80"},"盘盈"]
[159,0,"组装机","定制",0,"台",0,5,{"v":42165,"d":"42,165.00"},{"v":42165,"d":"42,165.00"},"利发煤矿办公楼",0,0,0,0,{"v":2128,"d":"2,128.00"},"盘盈"]
[160,0,"小会议桌","定制",0,"个",0,9,{"v":42165,"d":"42,165.00"},{"v":42165,"d":"42,165.00"},"利发煤矿办公楼",0,0,0,0,{"v":1075.2,"d":"1,075.20"},"盘盈"]
[161,0,"爱普森打印机","C462H","爱普森","台",0,1,{"v":42577,"d":"42,577.00"},{"v":42577,"d":"42,577.00"},"利发煤矿办公楼",0,0,0,0,{"v":288,"d":"288.00"},"盘盈"]
[162,0,"塑封机",0,0,"台",0,1,{"v":42165,"d":"42,165.00"},{"v":42165,"d":"42,165.00"},"利发煤矿办公楼",0,0,0,0,{"v":176,"d":"176.00"},"盘盈"]
[163,0,"椅子","定制",0,"个",0,58,{"v":42165,"d":"42,165.00"},{"v":42165,"d":"42,165.00"},"利发煤矿办公楼",0,0,0,0,{"v":1400.8,"d":"1,400.80"},"盘盈"]
[164,0,"惠普打印机","tM1005","惠普","台",0,1,{"v":41180,"d":"41,180.00"},{"v":41180,"d":"41,180.00"},"利发煤矿办公楼",0,0,0,0,{"v":160,"d":"160.00"},"盘盈"]
[165,0,"海尔热水器","FS00H-HC（ME）","海尔集团","台",0,2,{"v":42350,"d":"42,350.00"},{"v":42350,"d":"42,350.00"},"利发煤矿办公楼",0,0,0,0,{"v":2224.8,"d":"2,224.80"},"盘盈"]
[166,0,"富士打印机","DocuCentreSC2020","富士施乐","台",0,1,{"v":42898,"d":"42,898.00"},{"v":42898,"d":"42,898.00"},"利发煤矿办公楼",0,0,0,0,{"v":1488,"d":"1,488.00"},"盘盈"]
[167,0,"柯尼卡打印机","bizhub7719","柯尼卡美能达","台",0,1,{"v":41426,"d":"41,426.00"},{"v":41426,"d":"41,426.00"},"利发煤矿办公楼",0,0,0,0,{"v":160,"d":"160.00"},"盘盈"]
[168,0,"夏衣柜（贵宾澡堂用）","定制",0,"套",0,1,{"v":42165,"d":"42,165.00"},{"v":42165,"d":"42,165.00"},"利发煤矿办公楼",0,0,0,0,{"v":453.6,"d":"453.60"},"盘盈"]
[169,0,"美的柜机","KFR-72LW","美的","台",0,1,{"v":40310,"d":"40,310.00"},{"v":40310,"d":"40,310.00"},"利发煤矿办公楼",0,0,0,0,{"v":84,"d":"84.00"},"盘盈"]
[170,0,"梳妆柜","定制",0,0,0,1,{"v":42165,"d":"42,165.00"},{"v":42165,"d":"42,165.00"},"利发煤矿办公楼",0,0,0,0,{"v":117.6,"d":"117.60"},"盘盈"]
[171,0,"创尔特热水器","DC-D38-B80","创尔特","台",0,4,{"v":42165,"d":"42,165.00"},{"v":42165,"d":"42,165.00"},"利发煤矿办公楼",0,0,0,0,{"v":80,"d":"80.00"},"盘盈"]
[172,0,"大会议桌","定制",0,"个",0,1,{"v":42165,"d":"42,165.00"},{"v":42165,"d":"42,165.00"},"利发煤矿办公楼",0,0,0,0,{"v":302.4,"d":"302.40"},"盘盈"]
[173,0,"格力柜机","KFR-72LW","格力","台",0,1,{"v":41131,"d":"41,131.00"},{"v":41131,"d":"41,131.00"},"利发煤矿办公楼",0,0,0,0,{"v":84,"d":"84.00"},"盘盈"]
[174,0,"松下电视机","TH-50PH30","松下","台",0,1,{"v":42165,"d":"42,165.00"},{"v":42165,"d":"42,165.00"},"利发煤矿办公楼",0,0,0,0,{"v":280,"d":"280.00"},"盘盈"]
[175,0,"美的柜机","KFR-72LW","美的","台",0,2,{"v":42165,"d":"42,165.00"},{"v":42165,"d":"42,165.00"},"利发煤矿办公楼",0,0,0,0,{"v":235.2,"d":"235.20"},"盘盈"]
[176,0,"佳能打印机","MF4410","佳能","台",0,1,{"v":42766,"d":"42,766.00"},{"v":42766,"d":"42,766.00"},"利发煤矿办公楼",0,0,0,0,{"v":192,"d":"192.00"},"盘盈"]
[177,0,"安吉尔饮水机","YR-5-X","安吉尔","台",0,1,{"v":42165,"d":"42,165.00"},{"v":42166,"d":"42,166.00"},"利发煤矿办公楼",0,0,0,0,{"v":80,"d":"80.00"},"盘盈"]
[178,0,"吊扇",0,0,"个",0,1,{"v":42165,"d":"42,165.00"},{"v":42165,"d":"42,165.00"},"利发煤矿办公楼",0,0,0,0,{"v":80,"d":"80.00"},"盘盈"]
[179,0,"先科饮水机",0,"先科牌","台",0,1,{"v":42165,"d":"42,165.00"},{"v":42165,"d":"42,165.00"},"利发煤矿办公楼",0,0,0,0,{"v":80,"d":"80.00"},"盘盈"]
[180,0,"惠普打印机","M1005","惠普","台",0,1,{"v":42165,"d":"42,165.00"},{"v":42165,"d":"42,165.00"},"利发煤矿办公楼",0,0,0,0,{"v":280,"d":"280.00"},"盘盈"]
[181,0,"床","定制",0,"张",0,1,{"v":42165,"d":"42,165.00"},{"v":42165,"d":"42,165.00"},"利发煤矿办公楼",0,0,0,0,{"v":80,"d":"80.00"},"盘盈"]
[182,0,"椅子","定制",0,"把",0,95,{"v":42165,"d":"42,165.00"},{"v":42165,"d":"42,165.00"},"利发煤矿食堂",0,0,0,0,{"v":2284.8,"d":"2,284.80"},"盘盈"]
[183,0,"圆桌","定制",0,"个",0,4,{"v":42165,"d":"42,165.00"},{"v":42165,"d":"42,165.00"},"利发煤矿食堂",0,0,0,0,{"v":117.6,"d":"117.60"},"盘盈"]
[184,0,"美百加冰箱",0,"美百加","台",0,1,{"v":42165,"d":"42,165.00"},{"v":42165,"d":"42,165.00"},"利发煤矿食堂",0,0,0,0,{"v":280,"d":"280.00"},"盘盈"]
[185,0,"美的冰箱",0,"美的","台",0,1,{"v":42165,"d":"42,165.00"},{"v":42165,"d":"42,165.00"},"利发煤矿食堂",0,0,0,0,{"v":280,"d":"280.00"},"盘盈"]
[186,0,"德利特蒸饭机",0,"德利特","台",0,2,{"v":42165,"d":"42,165.00"},{"v":42165,"d":"42,165.00"},"利发煤矿食堂",0,0,0,0,{"v":80,"d":"80.00"},"盘盈"]
[187,0,"宇王蒸饭机",0,"宇王","台",0,1,{"v":42165,"d":"42,165.00"},{"v":42165,"d":"42,165.00"},"利发煤矿食堂",0,0,0,0,{"v":80,"d":"80.00"},"盘盈"]
[188,0,"吊扇","定制",0,"个",0,1,{"v":42165,"d":"42,165.00"},{"v":42165,"d":"42,165.00"},"利发煤矿食堂",0,0,0,0,{"v":80,"d":"80.00"},"盘盈"]
[189,0,"方桌","定制",0,"个",0,1,{"v":42165,"d":"42,165.00"},{"v":42165,"d":"42,165.00"},"利发煤矿食堂",0,0,0,0,{"v":33.6,"d":"33.60"},"盘盈"]
[190,0,"椅子","定制",0,"把",0,105,{"v":42165,"d":"42,165.00"},{"v":42165,"d":"42,165.00"},"利发煤矿大会议室",0,0,0,0,{"v":2529.6,"d":"2,529.60"},"盘盈"]
[191,0,"小会议桌","定制",0,"个",0,35,{"v":42165,"d":"42,165.00"},{"v":42165,"d":"42,165.00"},"利发煤矿大会议室",0,0,0,0,{"v":6770.4,"d":"6,770.40"},"盘盈"]
[192,0,"音响设备","R201T06",0,"套",0,1,{"v":42165,"d":"42,165.00"},{"v":42165,"d":"42,165.00"},"利发煤矿大会议室",0,0,0,0,{"v":80,"d":"80.00"},"盘盈"]
[193,0,"美的空调","KFR-72LW","美的","台",0,1,{"v":42165,"d":"42,165.00"},{"v":42165,"d":"42,165.00"},"利发煤矿调度室",0,0,0,0,{"v":280,"d":"280.00"},"盘盈"]
[194,0,"惠普打印机","M1005","惠普","台",0,1,{"v":42165,"d":"42,165.00"},{"v":42165,"d":"42,165.00"},"利发煤矿调度室",0,0,0,0,{"v":280,"d":"280.00"},"盘盈"]
[195,0,"文件柜","定制",0,"个",0,4,{"v":42165,"d":"42,165.00"},{"v":42165,"d":"42,165.00"},"利发煤矿调度室",0,0,0,0,{"v":470.4,"d":"470.40"},"盘盈"]
[196,0,"办公桌","定制",0,"个",0,6,{"v":42165,"d":"42,165.00"},{"v":42165,"d":"42,165.00"},"利发煤矿调度室",0,0,0,0,{"v":1780.8,"d":"1,780.80"},"盘盈"]
[197,0,"长沙发","定制",0,"个",0,2,{"v":42165,"d":"42,165.00"},{"v":42165,"d":"42,165.00"},"利发煤矿调度室",0,0,0,0,{"v":588,"d":"588.00"},"盘盈"]
[198,0,"椅子","定制",0,"把",0,8,{"v":42165,"d":"42,165.00"},{"v":42165,"d":"42,165.00"},"利发煤矿调度室",0,0,0,0,{"v":190.4,"d":"190.40"},"盘盈"]
[199,0,"床","定制",0,"张",0,1,{"v":42165,"d":"42,165.00"},{"v":42165,"d":"42,165.00"},"利发煤矿调度室",0,0,0,0,{"v":80,"d":"80.00"},"盘盈"]
[200,0,"Gelvs饮水机","YLR-GL",0,"台",0,1,{"v":42165,"d":"42,165.00"},{"v":42165,"d":"42,165.00"},"利发煤矿调度室",0,0,0,0,{"v":80,"d":"80.00"},"盘盈"]
[201,0,"茶几","定制",0,"个",0,1,{"v":42165,"d":"42,165.00"},{"v":42165,"d":"42,165.00"},"利发煤矿调度室",0,0,0,0,{"v":80,"d":"80.00"},"盘盈"]
["账面余额合计",{"$nulls":5},1084,1670,{"$nulls":3},{"v":2947679.23,"d":"2,947,679.23"},{"v":463169.84,"d":"463,169.84"},{"v":-1661663.06,"d":"-1,661,663.06"},{"v":-130233.28,"d":"-130,233.28"},{"$f":"SUM(P8:P208)","v":{"v":792360,"d":"792,360.00"}}]
["被评估单位填表人：黄照雄"]
["填表日期：2021年11月6日"]

{"sheet":"矿业权","index":7,"n_rows":17,"n_cols":14,"rows_kept":17,"merged":[[1,0,1,13],[5,0,6,0],[5,1,6,1],[5,3,6,3],[5,4,6,4],[5,5,6,5],[5,6,6,6],[5,7,6,7],[5,10,6,10],[5,11,6,11],[5,12,6,12],[5,13,6,13],[14,0,14,3],[15,12,15,13]]}
["返回","返回索引","被评估单位填表人：:黄照雄        填表日期：2021年11月6日             评估人员：何廷培、吴贤青      "]
["无形资产—矿业权评估明细表"]
["评估基准日：2021年9月30日"]
[{"$nulls":13},"表4-12-2"]
["被评估单位：贵州鑫悦煤炭有限公司",{"$nulls":12},"金额单位：人民币元"]
["序号","名称、种类","勘察（采矿）","取得方式","取得日期","剩余有效年限","勘察开发阶段","核定生产规模","他项","原始","审计前账面价值","审计调整","清算价值","备注"]
[null,null,"许可证编号",{"$nulls":5},"权利","入账价值"]
[1,"贵州鑫悦煤炭有限公司息烽县养龙司乡利发煤矿采矿权","C5200002013041120129292","出让","2021-07-20","8年",0,"45万吨","广西铁投吉鸿融资性担保有限公司",{"v":260556432.26,"d":"260,556,432.26"},{"v":255831094.35,"d":"255,831,094.35"},0,{"v":107036320,"d":"107,036,320.00"},0]
[]
[]
[]
[]
[]
[]
["合    计",{"$nulls":9},{"v":576106426.8,"d":"576,106,426.80"},{"v":-183305433.38,"d":"-183,305,433.38"}]
["被评估单位填表人：黄照雄"]
["填表日期：2021年11月6日"]

{"sheet":"长期待摊费用","index":8,"n_rows":20,"n_cols":12,"rows_kept":20,"merged":[[1,0,1,11],[2,0,2,11],[5,0,6,0],[5,1,6,1],[5,2,6,2],[5,7,6,7],[5,8,6,8],[5,9,6,9],[5,10,6,10],[5,11,6,11],[17,0,17,1],[18,9,18,11]]}
["返回","返回索引","被评估单位填表人：:黄照雄        填表日期：2021年11月6日             评估人员：何廷培、吴贤青      "]
["长期待摊费用评估明细表"]
["评估基准日：2021年9月30日"]
[{"$nulls":11},"表4-15"]
["被评估单位：贵州鑫悦煤炭有限公司",{"$nulls":10},"金额单位：人民币元"]
["序号","费用名称或内容","形成日期","原始","预计摊","已摊销","尚存受","审计前账面价值","审计调整","账面价值","清算价值 ","备注"]
[{"$nulls":3},"发生额","销月数","月数","益月数"]
[1,"租赁费","2014-05-30",{"v":2057678.71,"d":"2,057,679"},360,88,272,{"v":1632494.8,"d":"1,632,495"},{"v":-77804.22,"d":"-77,804"},{"v":1554690.58,"d":"1,554,691"},{"v":621876.232,"d":"621,876.23"},0]
{"$rows_empty":9}
["合    计",{"$nulls":6},{"v":1522551.08,"d":"1,522,551.08"},{"v":796912.59,"d":"796,912.59"},{"v":2319463.67,"d":"2,319,463.67"},{"v":927785.468,"d":"927,785.47"}]
["被评估单位填表人：黄照雄",{"$nulls":8},"评估人员：何廷培、吴贤青"]
["填表日期：2021年11月6日"]